Statistiques concernant Trouvez le département français aléatoire avec des indices de couleur

Cliquez ici pour prendre le quiz!

Statistiques générales

  • Ce quiz a été pris 92 122 fois
  • Le résultat moyen est 37 sur 96

Réponses sur la Carte

Les réponses sont colorées sur une échelle allant du rouge au vert en fonction du pourcentage des utilisateurs qui les ont devinées à leur premier essai. Vous pouvez retrouver ces pourcentages ci-dessous.
 

Statistiques - réponses

DépartementDépartement% Correct
DépartementNord
77%
DépartementLoire
75%
DépartementLoire
75%
DépartementRhône (et métropole de Lyon)
74%
DépartementAin
72%
DépartementLoire
72%
DépartementLoire
71%
DépartementLoire
71%
DépartementParis
71%
DépartementPas-de-Calais
71%
DépartementAisne
70%
DépartementParis
70%
DépartementParis
70%
DépartementParis
70%
DépartementIndre
69%
DépartementParis
69%
DépartementParis
69%
DépartementParis
69%
DépartementRhône (et métropole de Lyon)
69%
DépartementSomme
69%
DépartementEssonne
68%
DépartementFinistère
68%
DépartementParis
68%
DépartementParis
68%
DépartementRhône (et métropole de Lyon)
68%
DépartementRhône (et métropole de Lyon)
68%
DépartementVar
68%
DépartementVar
68%
DépartementArdèche
67%
DépartementBas-Rhin
67%
DépartementBouches-du-Rhône
67%
DépartementCalvados
67%
DépartementCher
67%
DépartementCôte-d'Or
67%
DépartementEure
67%
Département Finistère
67%
DépartementHérault
67%
DépartementIlle-et-Vilaine
67%
DépartementIsère
67%
DépartementLoiret
67%
DépartementManche
67%
DépartementMarne
67%
DépartementMoselle
67%
DépartementOise
67%
DépartementParis
67%
DépartementParis
67%
DépartementRhône (et métropole de Lyon)
67%
DépartementYonne
67%
DépartementYvelines
67%
DépartementAllier
66%
DépartementAlpes-Maritimes
66%
DépartementAube
66%
DépartementAude
66%
DépartementCantal
66%
DépartementCorrèze
66%
DépartementCreuse
66%
DépartementDordogne
66%
DépartementDoubs
66%
DépartementDrôme
66%
DépartementEure-et-Loir
66%
DépartementGard
66%
DépartementGers
66%
DépartementGironde
66%
DépartementHaute-Loire
66%
DépartementHautes-Alpes
66%
DépartementHaute-Saône
66%
DépartementJura
66%
DépartementLoire-Atlantique
66%
DépartementLot
66%
DépartementLot-et-Garonne
66%
DépartementMayenne
66%
DépartementMeuse
66%
DépartementNord
66%
DépartementOrne
66%
DépartementParis
66%
DépartementParis
66%
DépartementParis
66%
DépartementParis
66%
DépartementParis
66%
DépartementPuy-de-Dôme
66%
DépartementRhône (et métropole de Lyon)
66%
DépartementSaône-et-Loire
66%
DépartementSavoie
66%
DépartementSavoie
66%
DépartementSeine-et-Marne
66%
DépartementSeine-Maritime
66%
DépartementVal-de-Marne
66%
DépartementAin
65%
DépartementAin
65%
DépartementAlpes-de-Haute-Provence
65%
DépartementArdennes
65%
DépartementCharente
65%
Département Corse-du-Sud
65%
DépartementHaute-Garonne
65%
DépartementHaute-Marne
65%
DépartementHaute-Savoie
65%
DépartementHautes-Pyrénées
65%
DépartementHaut-Rhin
65%
DépartementLandes
65%
DépartementLozère
65%
DépartementMeurthe-et-Moselle
65%
DépartementMorbihan
65%
DépartementParis
65%
DépartementParis
65%
DépartementParis
65%
DépartementSavoie
65%
DépartementSomme
65%
DépartementTerritoire de Belfort
65%
DépartementVal-d'Oise
65%
DépartementVaucluse
65%
DépartementVienne
65%
DépartementVosges
65%
DépartementAin
64%
DépartementAin
64%
DépartementAisne
64%
DépartementAriège
64%
DépartementAveyron
64%
DépartementBas-Rhin
64%
DépartementBouches-du-Rhône
64%
DépartementCharente-Maritime
64%
DépartementCôtes-d'Armor
64%
DépartementDépartement mystère (Paris)
64%
DépartementDeux-Sèvres
64%
DépartementGironde
64%
DépartementHaute-Corse
64%
DépartementHaute-Savoie
64%
DépartementHaute-Vienne
64%
DépartementHauts-de-Seine
64%
DépartementIndre-et-Loire
64%
DépartementLoire
64%
DépartementLoire
64%
DépartementLoire
64%
DépartementLoiret
64%
DépartementLoir-et-Cher
64%
DépartementMaine-et-Loire
64%
DépartementMorbihan
64%
DépartementNièvre
64%
DépartementParis
64%
DépartementPyrénées-Atlantiques
64%
DépartementPyrénées-Orientales
64%
DépartementSarthe
64%
DépartementSeine-et-Marne
64%
DépartementSeine-Saint-Denis
64%
DépartementTarn
64%
DépartementTarn-et-Garonne
64%
DépartementVaucluse
64%
DépartementVendée
64%
DépartementAlpes-Maritimes
63%
DépartementCôtes-d'Armor
63%
DépartementDoubs
63%
DépartementDrôme
63%
DépartementGard
63%
DépartementHaute-Loire
63%
DépartementHaut-Rhin
63%
DépartementHérault
63%
DépartementLandes
63%
DépartementLoire
63%
DépartementLoire-Atlantique
63%
DépartementOise
63%
DépartementParis
63%
DépartementParis
63%
DépartementParis
63%
DépartementParis
63%
DépartementParis
63%
DépartementParis
63%
DépartementPas-de-Calais
63%
DépartementPuy-de-Dôme
63%
DépartementRhône (et métropole de Lyon)
63%
DépartementRhône (et métropole de Lyon)
63%
DépartementSeine-et-Marne
63%
DépartementYonne
63%
DépartementAin
62%
DépartementAin
62%
DépartementArdèche
62%
DépartementCalvados
62%
DépartementCantal
62%
DépartementCher
62%
DépartementCorrèze
62%
DépartementCôte-d'Or
62%
DépartementDordogne
62%
DépartementEure
62%
DépartementHaute-Garonne
62%
DépartementHautes-Alpes
62%
DépartementIndre
62%
DépartementLoire
62%
DépartementLoire
62%
DépartementLoire
62%
DépartementLozère
62%
DépartementNord
62%
DépartementOrne
62%
DépartementParis
62%
DépartementParis
62%
DépartementParis
62%
DépartementPyrénées-Atlantiques
62%
DépartementRhône (et métropole de Lyon)
62%
DépartementSarthe
62%
DépartementSavoie
62%
DépartementSavoie
62%
DépartementAllier
61%
DépartementAveyron
61%
DépartementCharente
61%
DépartementCreuse
61%
DépartementGers
61%
DépartementHautes-Pyrénées
61%
DépartementIlle-et-Vilaine
61%
DépartementIsère
61%
DépartementJura
61%
DépartementLoir-et-Cher
61%
DépartementLot
61%
DépartementManche
61%
DépartementMarne
61%
DépartementMeuse
61%
DépartementMoselle
61%
DépartementMoselle
61%
DépartementNièvre
61%
DépartementNord
61%
DépartementPyrénées-Orientales
61%
DépartementRhône (et métropole de Lyon)
61%
DépartementRhône (et métropole de Lyon)
61%
DépartementSaône-et-Loire
61%
DépartementTarn
61%
DépartementTerritoire de Belfort
61%
DépartementVar
61%
DépartementVendée
61%
DépartementAlpes-de-Haute-Provence
60%
DépartementArdèche
60%
DépartementArdennes
60%
DépartementAriège
60%
DépartementAube
60%
DépartementAude
60%
DépartementCharente-Maritime
60%
DépartementCorse-du-Sud
60%
DépartementDépartement mystère (Rhône (et métropole de Lyon))
60%
DépartementDeux-Sèvres
60%
DépartementDrôme
60%
DépartementEssonne
60%
DépartementEure-et-Loir
60%
Département Finistère
60%
DépartementHaute-Corse
60%
DépartementHaute-Marne
60%
DépartementHaute-Saône
60%
DépartementHaute-Savoie
60%
DépartementHaute-Vienne
60%
DépartementHauts-de-Seine
60%
DépartementIndre-et-Loire
60%
DépartementIsère
60%
DépartementJura
60%
DépartementLoire
60%
DépartementLoire
60%
DépartementLoiret
60%
DépartementLot-et-Garonne
60%
DépartementMaine-et-Loire
60%
DépartementMayenne
60%
DépartementMeurthe-et-Moselle
60%
DépartementNord
60%
DépartementNord
60%
DépartementParis
60%
DépartementParis
60%
DépartementParis
60%
DépartementRhône (et métropole de Lyon)
60%
DépartementSeine-Maritime
60%
DépartementSeine-Saint-Denis
60%
DépartementSeine-Saint-Denis
60%
DépartementTarn-et-Garonne
60%
DépartementVal-de-Marne
60%
DépartementVal-d'Oise
60%
DépartementVienne
60%
DépartementVosges
60%
DépartementYvelines
60%
DépartementAin
59%
DépartementAllier
59%
DépartementAlpes-Maritimes
59%
DépartementBouches-du-Rhône
59%
DépartementCantal
59%
DépartementFinistère
59%
DépartementHaute-Savoie
59%
DépartementIsère
59%
DépartementJura
59%
DépartementJura
59%
DépartementLoire
59%
DépartementLoire
59%
DépartementLoire
59%
DépartementLoiret
59%
DépartementMarne
59%
DépartementMeuse
59%
DépartementNord
59%
DépartementNord
59%
DépartementOise
59%
DépartementParis
59%
DépartementParis
59%
DépartementParis
59%
DépartementParis
59%
DépartementParis
59%
DépartementRhône (et métropole de Lyon)
59%
DépartementRhône (et métropole de Lyon)
59%
DépartementBas-Rhin
58%
DépartementBouches-du-Rhône
58%
DépartementCher
58%
DépartementCôte-d'Or
58%
DépartementDoubs
58%
DépartementEssonne
58%
DépartementEure
58%
Département Finistère
58%
DépartementGard
58%
DépartementHaute-Marne
58%
DépartementHaute-Savoie
58%
DépartementHaut-Rhin
58%
DépartementIndre
58%
DépartementLoire
58%
DépartementLoire
58%
DépartementLoire
58%
DépartementLoire
58%
DépartementLoire
58%
DépartementLoire
58%
DépartementLoire
58%
DépartementLoiret
58%
DépartementLozère
58%
DépartementMeurthe-et-Moselle
58%
DépartementMorbihan
58%
DépartementNord
58%
DépartementParis
58%
DépartementParis
58%
DépartementParis
58%
DépartementParis
58%
DépartementParis
58%
DépartementParis
58%
DépartementRhône (et métropole de Lyon)
58%
DépartementSavoie
58%
DépartementSomme
58%
DépartementVal-de-Marne
58%
DépartementVal-d'Oise
58%
DépartementVar
58%
DépartementYonne
58%
DépartementYvelines
58%
DépartementYvelines
58%
DépartementAin
57%
DépartementAin
57%
DépartementAisne
57%
DépartementAisne
57%
DépartementAllier
57%
DépartementAlpes-Maritimes
57%
DépartementArdèche
57%
DépartementBas-Rhin
57%
DépartementBouches-du-Rhône
57%
DépartementBouches-du-Rhône
57%
DépartementCharente
57%
DépartementCreuse
57%
DépartementDrôme
57%
Département Finistère
57%
DépartementGard
57%
DépartementGironde
57%
DépartementHautes-Alpes
57%
DépartementHauts-de-Seine
57%
DépartementHérault
57%
DépartementHérault
57%
DépartementIsère
57%
DépartementIsère
57%
DépartementIsère
57%
DépartementLoire
57%
DépartementLoire
57%
DépartementNièvre
57%
DépartementNord
57%
DépartementNord
57%
DépartementOise
57%
DépartementParis
57%
DépartementParis
57%
DépartementPas-de-Calais
57%
DépartementPuy-de-Dôme
57%
DépartementRhône (et métropole de Lyon)
57%
DépartementRhône (et métropole de Lyon)
57%
DépartementRhône (et métropole de Lyon)
57%
DépartementSavoie
57%
DépartementVar
57%
DépartementVar
57%
DépartementYonne
57%
DépartementAin
56%
DépartementAin
56%
DépartementAlpes-Maritimes
56%
DépartementArdèche
56%
DépartementArdèche
56%
DépartementArdennes
56%
DépartementArdennes
56%
DépartementAube
56%
DépartementAveyron
56%
DépartementAveyron
56%
DépartementAveyron
56%
DépartementBouches-du-Rhône
56%
DépartementCantal
56%
DépartementCher
56%
DépartementCorrèze
56%
DépartementCôtes-d'Armor
56%
DépartementCôtes-d'Armor
56%
DépartementCôtes-d'Armor
56%
DépartementCreuse
56%
DépartementDoubs
56%
DépartementDoubs
56%
DépartementDrôme
56%
DépartementGers
56%
DépartementGironde
56%
DépartementGironde
56%
DépartementHaute-Loire
56%
DépartementHautes-Alpes
56%
DépartementHaute-Savoie
56%
DépartementIlle-et-Vilaine
56%
DépartementIndre
56%
DépartementIndre
56%
DépartementJura
56%
DépartementLandes
56%
DépartementLandes
56%
DépartementLoire
56%
DépartementLoire
56%
DépartementLoire
56%
DépartementLoire
56%
DépartementLoire
56%
DépartementLoire
56%
DépartementLoire
56%
DépartementLoire
56%
DépartementLoiret
56%
DépartementLozère
56%
DépartementMarne
56%
DépartementMorbihan
56%
DépartementMoselle
56%
DépartementNièvre
56%
DépartementNord
56%
DépartementNord
56%
DépartementNord
56%
DépartementNord
56%
DépartementNord
56%
DépartementParis
56%
DépartementParis
56%
DépartementParis
56%
DépartementRhône (et métropole de Lyon)
56%
DépartementSaône-et-Loire
56%
DépartementSaône-et-Loire
56%
DépartementSavoie
56%
DépartementSavoie
56%
DépartementSeine-et-Marne
56%
DépartementVar
56%
DépartementVaucluse
56%
DépartementVendée
56%
DépartementVosges
56%
DépartementYonne
56%
DépartementYvelines
56%
DépartementYvelines
56%
DépartementAin
55%
DépartementAin
55%
DépartementAin
55%
DépartementAisne
55%
DépartementAisne
55%
DépartementAllier
55%
DépartementAllier
55%
DépartementAlpes-de-Haute-Provence
55%
DépartementAlpes-Maritimes
55%
DépartementAlpes-Maritimes
55%
DépartementAriège
55%
DépartementAube
55%
DépartementAude
55%
DépartementBas-Rhin
55%
DépartementBas-Rhin
55%
DépartementBas-Rhin
55%
DépartementCalvados
55%
DépartementCharente
55%
DépartementCharente-Maritime
55%
DépartementCorrèze
55%
DépartementCôte-d'Or
55%
DépartementCôte-d'Or
55%
DépartementDeux-Sèvres
55%
DépartementDordogne
55%
DépartementDoubs
55%
DépartementEssonne
55%
DépartementEure
55%
DépartementEure
55%
DépartementEure-et-Loir
55%
DépartementHaute-Corse
55%
DépartementHaute-Garonne
55%
DépartementHaute-Loire
55%
DépartementHautes-Alpes
55%
DépartementHautes-Pyrénées
55%
DépartementHaute-Vienne
55%
DépartementHaute-Vienne
55%
DépartementHaut-Rhin
55%
DépartementHaut-Rhin
55%
DépartementHaut-Rhin
55%
DépartementHérault
55%
DépartementIlle-et-Vilaine
55%
DépartementIlle-et-Vilaine
55%
DépartementIndre-et-Loire
55%
DépartementLoire
55%
DépartementLoire
55%
DépartementLoire
55%
DépartementLoire
55%
DépartementLoire
55%
DépartementLoire-Atlantique
55%
DépartementLoire-Atlantique
55%
DépartementLoir-et-Cher
55%
DépartementLot
55%
DépartementLot
55%
DépartementMaine-et-Loire
55%
DépartementManche
55%
DépartementMayenne
55%
DépartementMeuse
55%
DépartementMorbihan
55%
DépartementMoselle
55%
DépartementNord
55%
DépartementNord
55%
DépartementNord
55%
DépartementNord
55%
DépartementOise
55%
DépartementOrne
55%
DépartementParis
55%
DépartementPas-de-Calais
55%
DépartementPas-de-Calais
55%
DépartementPuy-de-Dôme
55%
DépartementPyrénées-Atlantiques
55%
DépartementPyrénées-Orientales
55%
DépartementRhône (et métropole de Lyon)
55%
DépartementRhône (et métropole de Lyon)
55%
DépartementRhône (et métropole de Lyon)
55%
DépartementSaône-et-Loire
55%
DépartementSarthe
55%
DépartementSavoie
55%
DépartementSeine-Maritime
55%
DépartementSomme
55%
DépartementTarn
55%
DépartementTarn
55%
DépartementTarn-et-Garonne
55%
DépartementTerritoire de Belfort
55%
DépartementTerritoire de Belfort
55%
DépartementVar
55%
DépartementVaucluse
55%
DépartementVaucluse
55%
DépartementVaucluse
55%
DépartementVendée
55%
DépartementVendée
55%
DépartementVienne
55%
DépartementVosges
55%
DépartementYvelines
55%
DépartementAin
54%
DépartementAlpes-de-Haute-Provence
54%
DépartementAlpes-de-Haute-Provence
54%
DépartementAlpes-Maritimes
54%
DépartementArdennes
54%
DépartementAube
54%
DépartementAude
54%
DépartementAude
54%
DépartementAude
54%
DépartementBouches-du-Rhône
54%
DépartementBouches-du-Rhône
54%
DépartementCalvados
54%
DépartementCantal
54%
DépartementCharente
54%
DépartementCharente
54%
DépartementCher
54%
DépartementCorse-du-Sud
54%
Département Corse-du-Sud
54%
DépartementCôte-d'Or
54%
DépartementCreuse
54%
DépartementDépartement mystère (Nord)
54%
DépartementDeux-Sèvres
54%
DépartementDrôme
54%
DépartementEssonne
54%
DépartementEssonne
54%
DépartementGard
54%
DépartementGard
54%
DépartementGers
54%
DépartementGers
54%
DépartementGironde
54%
DépartementGironde
54%
DépartementHaute-Garonne
54%
DépartementHaute-Loire
54%
DépartementHautes-Alpes
54%
DépartementHaute-Saône
54%
DépartementHaute-Saône
54%
DépartementHaute-Savoie
54%
DépartementHaute-Savoie
54%
DépartementHautes-Pyrénées
54%
DépartementIndre
54%
DépartementIsère
54%
DépartementIsère
54%
DépartementLoire
54%
DépartementLoire
54%
DépartementLoire
54%
DépartementLoire
54%
DépartementLoire
54%
DépartementLot
54%
DépartementLot-et-Garonne
54%
DépartementLozère
54%
DépartementLozère
54%
DépartementMaine-et-Loire
54%
DépartementManche
54%
DépartementMarne
54%
DépartementMeurthe-et-Moselle
54%
DépartementMeurthe-et-Moselle
54%
DépartementMeuse
54%
DépartementMorbihan
54%
DépartementMoselle
54%
DépartementNièvre
54%
DépartementNord
54%
DépartementNord
54%
DépartementNord
54%
DépartementNord
54%
DépartementOrne
54%
DépartementParis
54%
DépartementParis
54%
DépartementParis
54%
DépartementParis
54%
DépartementParis
54%
DépartementPas-de-Calais
54%
DépartementPas-de-Calais
54%
DépartementPas-de-Calais
54%
DépartementPyrénées-Atlantiques
54%
DépartementPyrénées-Atlantiques
54%
DépartementRhône (et métropole de Lyon)
54%
DépartementSarthe
54%
DépartementSeine-et-Marne
54%
DépartementSeine-et-Marne
54%
DépartementSeine-Maritime
54%
DépartementSeine-Saint-Denis
54%
DépartementSomme
54%
DépartementSomme
54%
DépartementTarn
54%
DépartementTerritoire de Belfort
54%
DépartementVal-d'Oise
54%
DépartementVar
54%
DépartementVar
54%
DépartementVaucluse
54%
DépartementVendée
54%
DépartementVosges
54%
DépartementAin
53%
DépartementAllier
53%
DépartementAllier
53%
DépartementAlpes-de-Haute-Provence
53%
DépartementArdèche
53%
DépartementArdèche
53%
DépartementArdennes
53%
DépartementAriège
53%
DépartementAube
53%
DépartementBas-Rhin
53%
DépartementBas-Rhin
53%
DépartementBouches-du-Rhône
53%
DépartementCalvados
53%
DépartementCantal
53%
DépartementCantal
53%
DépartementCharente
53%
DépartementCharente-Maritime
53%
DépartementCher
53%
DépartementCher
53%
DépartementCorrèze
53%
DépartementCorse-du-Sud
53%
DépartementCreuse
53%
DépartementCreuse
53%
DépartementDépartement mystère (Loire)
53%
DépartementDordogne
53%
DépartementDordogne
53%
DépartementDoubs
53%
DépartementDrôme
53%
DépartementDrôme
53%
DépartementEure
53%
DépartementEure-et-Loir
53%
Département Finistère
53%
Département Finistère
53%
DépartementGironde
53%
DépartementHaute-Corse
53%
DépartementHaute-Garonne
53%
DépartementHaute-Garonne
53%
DépartementHaute-Loire
53%
DépartementHaute-Marne
53%
DépartementHautes-Alpes
53%
DépartementHaute-Saône
53%
DépartementHauts-de-Seine
53%
DépartementIlle-et-Vilaine
53%
DépartementIndre
53%
DépartementIndre
53%
DépartementIndre-et-Loire
53%
DépartementIsère
53%
DépartementIsère
53%
DépartementLandes
53%
DépartementLandes
53%
DépartementLoire
53%
DépartementLoire
53%
DépartementLoire
53%
DépartementLoire-Atlantique
53%
DépartementLoire-Atlantique
53%
DépartementLoiret
53%
DépartementLoir-et-Cher
53%
DépartementLot
53%
DépartementLot
53%
DépartementLot-et-Garonne
53%
DépartementMaine-et-Loire
53%
DépartementManche
53%
DépartementMayenne
53%
DépartementMeurthe-et-Moselle
53%
DépartementMorbihan
53%
DépartementNord
53%
DépartementNord
53%
DépartementNord
53%
DépartementNord
53%
DépartementOise
53%
DépartementOrne
53%
DépartementParis
53%
DépartementParis
53%
DépartementParis
53%
DépartementPuy-de-Dôme
53%
DépartementPyrénées-Atlantiques
53%
DépartementPyrénées-Orientales
53%
DépartementRhône (et métropole de Lyon)
53%
DépartementSaône-et-Loire
53%
DépartementSarthe
53%
DépartementSarthe
53%
DépartementSeine-Saint-Denis
53%
DépartementSomme
53%
DépartementTarn-et-Garonne
53%
DépartementVal-de-Marne
53%
DépartementVal-d'Oise
53%
DépartementVar
53%
DépartementVendée
53%
DépartementVendée
53%
DépartementVienne
53%
DépartementVienne
53%
DépartementYonne
53%
DépartementAin
52%
DépartementAisne
52%
DépartementAisne
52%
DépartementAisne
52%
DépartementAisne
52%
DépartementAllier
52%
DépartementAllier
52%
DépartementAlpes-de-Haute-Provence
52%
DépartementAlpes-Maritimes
52%
DépartementAlpes-Maritimes
52%
DépartementArdèche
52%
DépartementArdennes
52%
DépartementAveyron
52%
DépartementAveyron
52%
DépartementBouches-du-Rhône
52%
DépartementCalvados
52%
DépartementCalvados
52%
DépartementCharente-Maritime
52%
DépartementCharente-Maritime
52%
DépartementCharente-Maritime
52%
DépartementCorrèze
52%
DépartementCorrèze
52%
DépartementCorse-du-Sud
52%
DépartementCôtes-d'Armor
52%
DépartementCreuse
52%
DépartementCreuse
52%
DépartementDeux-Sèvres
52%
DépartementDeux-Sèvres
52%
DépartementDordogne
52%
DépartementDoubs
52%
DépartementEssonne
52%
DépartementEssonne
52%
DépartementEure
52%
DépartementEure
52%
DépartementEure
52%
DépartementEure-et-Loir
52%
Département Finistère
52%
DépartementFinistère
52%
DépartementFinistère
52%
DépartementGard
52%
DépartementGers
52%
DépartementGironde
52%
DépartementHaute-Corse
52%
DépartementHaute-Corse
52%
DépartementHaute-Garonne
52%
DépartementHautes-Alpes
52%
DépartementHaute-Savoie
52%
DépartementHautes-Pyrénées
52%
DépartementHautes-Pyrénées
52%
DépartementHaute-Vienne
52%
DépartementHaute-Vienne
52%
DépartementHauts-de-Seine
52%
DépartementHauts-de-Seine
52%
DépartementHérault
52%
DépartementIndre-et-Loire
52%
DépartementIndre-et-Loire
52%
DépartementJura
52%
DépartementLandes
52%
DépartementLoire
52%
DépartementLoire
52%
DépartementLoire-Atlantique
52%
DépartementLoir-et-Cher
52%
DépartementLoir-et-Cher
52%
DépartementLoir-et-Cher
52%
DépartementLot-et-Garonne
52%
DépartementLozère
52%
DépartementLozère
52%
DépartementMaine-et-Loire
52%
DépartementManche
52%
DépartementManche
52%
DépartementManche
52%
DépartementMarne
52%
DépartementMayenne
52%
DépartementMayenne
52%
DépartementMeuse
52%
DépartementMorbihan
52%
DépartementMoselle
52%
DépartementMoselle
52%
DépartementNièvre
52%
DépartementNord
52%
DépartementNord
52%
DépartementOise
52%
DépartementOise
52%
DépartementParis
52%
DépartementParis
52%
DépartementParis
52%
DépartementParis
52%
Département Pas-de-Calais
52%
DépartementPuy-de-Dôme
52%
DépartementPuy-de-Dôme
52%
DépartementRhône (et métropole de Lyon)
52%
DépartementRhône (et métropole de Lyon)
52%
DépartementSeine-et-Marne
52%
DépartementSeine-et-Marne
52%
DépartementSeine-et-Marne
52%
DépartementSeine-Maritime
52%
DépartementSeine-Saint-Denis
52%
DépartementSeine-Saint-Denis
52%
DépartementTarn
52%
DépartementTarn
52%
DépartementTerritoire de Belfort
52%
DépartementVal-de-Marne
52%
DépartementVal-d'Oise
52%
DépartementVar
52%
DépartementVar
52%
DépartementVar
52%
DépartementVar
52%
DépartementVaucluse
52%
DépartementVosges
52%
DépartementYonne
52%
DépartementYvelines
52%
DépartementYvelines
52%
DépartementAin
51%
DépartementAlpes-Maritimes
51%
DépartementArdèche
51%
DépartementAriège
51%
DépartementAriège
51%
DépartementAude
51%
DépartementAveyron
51%
DépartementBas-Rhin
51%
DépartementBouches-du-Rhône
51%
DépartementCalvados
51%
DépartementCalvados
51%
DépartementCharente
51%
DépartementCharente
51%
DépartementCher
51%
DépartementCorrèze
51%
DépartementCôte-d'Or
51%
DépartementCreuse
51%
DépartementDépartement mystère (Haut-Rhin)
51%
DépartementDépartement mystère (Savoie)
51%
DépartementDeux-Sèvres
51%
DépartementDoubs
51%
DépartementDrôme
51%
DépartementEure
51%
DépartementEure-et-Loir
51%
DépartementFinistère
51%
DépartementGard
51%
DépartementGard
51%
DépartementGard
51%
DépartementGard
51%
DépartementGers
51%
DépartementGironde
51%
DépartementHaute-Loire
51%
DépartementHaute-Marne
51%
DépartementHaute-Marne
51%
DépartementHaute-Saône
51%
DépartementHaute-Saône
51%
DépartementHaute-Savoie
51%
DépartementHaute-Savoie
51%
DépartementHaute-Savoie
51%
DépartementHaute-Vienne
51%
DépartementHaut-Rhin
51%
DépartementHaut-Rhin
51%
DépartementHérault
51%
DépartementHérault
51%
DépartementIlle-et-Vilaine
51%
DépartementIlle-et-Vilaine
51%
DépartementIndre
51%
DépartementIndre-et-Loire
51%
DépartementIndre-et-Loire
51%
DépartementIsère
51%
DépartementJura
51%
DépartementJura
51%
DépartementLandes
51%
DépartementLoire
51%
DépartementLoire
51%
DépartementLoire
51%
DépartementLoire
51%
DépartementLoire
51%
DépartementLoire
51%
DépartementLoire
51%
DépartementLoire-Atlantique
51%
DépartementLoiret
51%
DépartementLoiret
51%
DépartementLot
51%
DépartementLot-et-Garonne
51%
DépartementMaine-et-Loire
51%
DépartementManche
51%
DépartementManche
51%
DépartementMarne
51%
DépartementMarne
51%
DépartementMayenne
51%
DépartementMayenne
51%
DépartementMayenne
51%
DépartementMeuse
51%
DépartementMeuse
51%
DépartementMeuse
51%
DépartementMorbihan
51%
DépartementMoselle
51%
DépartementNièvre
51%
DépartementNord
51%
DépartementNord
51%
DépartementNord
51%
DépartementNord
51%
DépartementOise
51%
DépartementOrne
51%
DépartementOrne
51%
DépartementParis
51%
DépartementParis
51%
DépartementParis
51%
DépartementParis
51%
DépartementParis
51%
DépartementPas-de-Calais
51%
DépartementPas-de-Calais
51%
DépartementPas-de-Calais
51%
DépartementPyrénées-Orientales
51%
DépartementPyrénées-Orientales
51%
DépartementPyrénées-Orientales
51%
DépartementRhône (et métropole de Lyon)
51%
DépartementRhône (et métropole de Lyon)
51%
DépartementRhône (et métropole de Lyon)
51%
DépartementRhône (et métropole de Lyon)
51%
DépartementSarthe
51%
DépartementSavoie
51%
DépartementSavoie
51%
DépartementSavoie
51%
DépartementSeine-et-Marne
51%
DépartementSeine-Maritime
51%
DépartementSeine-Maritime
51%
DépartementSeine-Maritime
51%
DépartementSeine-Saint-Denis
51%
DépartementSomme
51%
DépartementTarn
51%
DépartementTarn
51%
DépartementTarn-et-Garonne
51%
DépartementTarn-et-Garonne
51%
DépartementVal-de-Marne
51%
DépartementVaucluse
51%
DépartementVendée
51%
DépartementVienne
51%
DépartementVienne
51%
DépartementYvelines
51%
DépartementAin
50%
DépartementAin
50%
DépartementAin
50%
DépartementAin
50%
DépartementAisne
50%
DépartementAisne
50%
DépartementAllier
50%
DépartementAlpes-Maritimes
50%
DépartementArdèche
50%
DépartementArdèche
50%
DépartementAube
50%
DépartementAube
50%
DépartementAude
50%
DépartementAude
50%
DépartementBouches-du-Rhône
50%
DépartementBouches-du-Rhône
50%
DépartementBouches-du-Rhône
50%
DépartementCantal
50%
DépartementCantal
50%
DépartementCharente
50%
DépartementCher
50%
DépartementCorse-du-Sud
50%
DépartementCôte-d'Or
50%
DépartementCôtes-d'Armor
50%
DépartementCôtes-d'Armor
50%
DépartementCôtes-d'Armor
50%
DépartementDeux-Sèvres
50%
DépartementDordogne
50%
DépartementDrôme
50%
DépartementEssonne
50%
DépartementEure-et-Loir
50%
DépartementEure-et-Loir
50%
DépartementEure-et-Loir
50%
DépartementFinistère
50%
DépartementFinistère
50%
DépartementGard
50%
DépartementGers
50%
DépartementGers
50%
DépartementGironde
50%
DépartementHautes-Alpes
50%
DépartementHaute-Savoie
50%
DépartementHaut-Rhin
50%
DépartementHérault
50%
DépartementIlle-et-Vilaine
50%
DépartementIndre
50%
DépartementIndre
50%
DépartementJura
50%
DépartementLoire
50%
DépartementLoire
50%
DépartementLoire
50%
DépartementLoire
50%
DépartementLoire-Atlantique
50%
DépartementLoire-Atlantique
50%
DépartementLoiret
50%
DépartementLoir-et-Cher
50%
DépartementLot
50%
DépartementLot
50%
DépartementLot
50%
DépartementMaine-et-Loire
50%
DépartementMaine-et-Loire
50%
DépartementMeurthe-et-Moselle
50%
DépartementMorbihan
50%
DépartementMoselle
50%
DépartementMoselle
50%
DépartementMoselle
50%
DépartementNièvre
50%
DépartementNord
50%
DépartementNord
50%
DépartementNord
50%
DépartementNord
50%
DépartementOise
50%
DépartementOrne
50%
DépartementOrne
50%
DépartementParis
50%
DépartementPas-de-Calais
50%
DépartementPuy-de-Dôme
50%
DépartementPuy-de-Dôme
50%
DépartementPuy-de-Dôme
50%
DépartementRhône (et métropole de Lyon)
50%
DépartementRhône (et métropole de Lyon)
50%
DépartementRhône (et métropole de Lyon)
50%
DépartementRhône (et métropole de Lyon)
50%
DépartementRhône (et métropole de Lyon)
50%
DépartementRhône (et métropole de Lyon)
50%
DépartementRhône (et métropole de Lyon)
50%
DépartementRhône (et métropole de Lyon)
50%
DépartementSaône-et-Loire
50%
DépartementSarthe
50%
DépartementSavoie
50%
DépartementSavoie
50%
DépartementSeine-et-Marne
50%
DépartementSomme
50%
DépartementSomme
50%
DépartementTarn
50%
DépartementTerritoire de Belfort
50%
DépartementVal-de-Marne
50%
DépartementVar
50%
DépartementVar
50%
DépartementVendée
50%
DépartementVendée
50%
DépartementYvelines
50%
DépartementYvelines
50%
DépartementYvelines
50%
DépartementAin
49%
DépartementAin
49%
DépartementAin
49%
DépartementAin
49%
DépartementAin
49%
DépartementAisne
49%
DépartementAisne
49%
DépartementAllier
49%
DépartementAlpes-de-Haute-Provence
49%
DépartementAlpes-Maritimes
49%
DépartementArdèche
49%
DépartementAriège
49%
DépartementAriège
49%
DépartementAude
49%
DépartementAveyron
49%
DépartementBas-Rhin
49%
DépartementBas-Rhin
49%
DépartementBas-Rhin
49%
DépartementBouches-du-Rhône
49%
DépartementBouches-du-Rhône
49%
DépartementBouches-du-Rhône
49%
DépartementCalvados
49%
DépartementCharente
49%
DépartementCharente
49%
DépartementCharente
49%
DépartementCharente-Maritime
49%
DépartementCharente-Maritime
49%
DépartementCorrèze
49%
DépartementCorrèze
49%
DépartementCorse-du-Sud
49%
DépartementCôte-d'Or
49%
DépartementCôte-d'Or
49%
DépartementCôtes-d'Armor
49%
DépartementCreuse
49%
DépartementDépartement mystère (Var)
49%
DépartementDordogne
49%
DépartementDordogne
49%
DépartementDoubs
49%
DépartementDoubs
49%
DépartementEssonne
49%
DépartementEssonne
49%
DépartementEure
49%
DépartementEure
49%
DépartementEure
49%
DépartementFinistère
49%
DépartementGers
49%
DépartementGironde
49%
DépartementGironde
49%
DépartementGironde
49%
DépartementHaute-Corse
49%
DépartementHaute-Garonne
49%
DépartementHaute-Garonne
49%
DépartementHaute-Loire
49%
DépartementHaute-Marne
49%
DépartementHaute-Marne
49%
DépartementHautes-Alpes
49%
DépartementHaute-Savoie
49%
DépartementHautes-Pyrénées
49%
DépartementHautes-Pyrénées
49%
DépartementHaute-Vienne
49%
DépartementHaut-Rhin
49%
DépartementHaut-Rhin
49%
DépartementHaut-Rhin
49%
DépartementHauts-de-Seine
49%
DépartementHauts-de-Seine
49%
DépartementHauts-de-Seine
49%
DépartementHérault
49%
DépartementHérault
49%
DépartementIlle-et-Vilaine
49%
DépartementIlle-et-Vilaine
49%
DépartementIlle-et-Vilaine
49%
DépartementIndre
49%
DépartementIndre-et-Loire
49%
DépartementIsère
49%
DépartementIsère
49%
DépartementIsère
49%
DépartementJura
49%
DépartementLandes
49%
DépartementLoire
49%
DépartementLoire
49%
DépartementLoire
49%
DépartementLoire
49%
DépartementLoire
49%
DépartementLoire
49%
DépartementLoire
49%
DépartementLoire
49%
DépartementLoire
49%
DépartementLoire
49%
DépartementLoire
49%
DépartementLoire-Atlantique
49%
DépartementLoiret
49%
DépartementLoiret
49%
DépartementLoir-et-Cher
49%
DépartementLot
49%
DépartementLot-et-Garonne
49%
DépartementMaine-et-Loire
49%
DépartementMarne
49%
DépartementMarne
49%
DépartementMarne
49%
DépartementMayenne
49%
DépartementMeurthe-et-Moselle
49%
DépartementMeurthe-et-Moselle
49%
DépartementMeuse
49%
DépartementMoselle
49%
DépartementNièvre
49%
DépartementNièvre
49%
DépartementNord
49%
DépartementNord
49%
DépartementNord
49%
DépartementOise
49%
DépartementOise
49%
DépartementParis
49%
DépartementParis
49%
DépartementParis
49%
DépartementParis
49%
DépartementParis
49%
DépartementPas-de-Calais
49%
DépartementPas-de-Calais
49%
DépartementPuy-de-Dôme
49%
DépartementPuy-de-Dôme
49%
DépartementPyrénées-Atlantiques
49%
DépartementPyrénées-Atlantiques
49%
DépartementPyrénées-Orientales
49%
DépartementRhône (et métropole de Lyon)
49%
DépartementRhône (et métropole de Lyon)
49%
DépartementRhône (et métropole de Lyon)
49%
DépartementSaône-et-Loire
49%
DépartementSaône-et-Loire
49%
DépartementSaône-et-Loire
49%
DépartementSarthe
49%
DépartementSavoie
49%
DépartementSeine-et-Marne
49%
DépartementSeine-et-Marne
49%
DépartementSeine-et-Marne
49%
DépartementSeine-Maritime
49%
DépartementSeine-Maritime
49%
DépartementSeine-Maritime
49%
DépartementSeine-Saint-Denis
49%
DépartementSeine-Saint-Denis
49%
DépartementSeine-Saint-Denis
49%
DépartementSeine-Saint-Denis
49%
DépartementSomme
49%
DépartementTarn
49%
DépartementTarn-et-Garonne
49%
DépartementTarn-et-Garonne
49%
DépartementTerritoire de Belfort
49%
DépartementTerritoire de Belfort
49%
DépartementVal-de-Marne
49%
DépartementVal-d'Oise
49%
DépartementVal-d'Oise
49%
DépartementVar
49%
DépartementVar
49%
DépartementVar
49%
DépartementVar
49%
DépartementVar
49%
DépartementVienne
49%
DépartementVienne
49%
DépartementVienne
49%
DépartementVosges
49%
DépartementVosges
49%
DépartementVosges
49%
DépartementYonne
49%
DépartementYonne
49%
DépartementYonne
49%
DépartementYonne
49%
DépartementYvelines
49%
DépartementAin
48%
DépartementAin
48%
DépartementAin
48%
DépartementAisne
48%
DépartementAisne
48%
DépartementAlpes-de-Haute-Provence
48%
DépartementAlpes-Maritimes
48%
DépartementAlpes-Maritimes
48%
DépartementAlpes-Maritimes
48%
DépartementAlpes-Maritimes
48%
DépartementArdèche
48%
DépartementArdèche
48%
DépartementArdennes
48%
DépartementArdennes
48%
DépartementAube
48%
DépartementAube
48%
DépartementAveyron
48%
DépartementAveyron
48%
DépartementBas-Rhin
48%
DépartementBas-Rhin
48%
DépartementBas-Rhin
48%
DépartementCalvados
48%
DépartementCantal
48%
DépartementCantal
48%
DépartementCantal
48%
DépartementCharente
48%
DépartementCher
48%
DépartementCher
48%
DépartementCher
48%
DépartementCorrèze
48%
DépartementCorse-du-Sud
48%
DépartementCôte-d'Or
48%
DépartementCôtes-d'Armor
48%
DépartementCôtes-d'Armor
48%
DépartementCreuse
48%
DépartementCreuse
48%
DépartementDépartement mystère (Hérault)
48%
DépartementDeux-Sèvres
48%
DépartementDeux-Sèvres
48%
DépartementDeux-Sèvres
48%
DépartementDordogne
48%
DépartementDordogne
48%
DépartementDoubs
48%
DépartementDrôme
48%
DépartementDrôme
48%
DépartementDrôme
48%
DépartementEssonne
48%
DépartementEssonne
48%
DépartementEure
48%
DépartementEure
48%
DépartementEure-et-Loir
48%
DépartementFinistère
48%
DépartementFinistère
48%
DépartementFinistère
48%
DépartementFinistère
48%
DépartementGard
48%
DépartementGironde
48%
DépartementHaute-Corse
48%
DépartementHaute-Corse
48%
DépartementHaute-Corse
48%
DépartementHaute-Garonne
48%
DépartementHaute-Loire
48%
DépartementHaute-Loire
48%
DépartementHaute-Marne
48%
DépartementHaute-Marne
48%
DépartementHautes-Alpes
48%
DépartementHaute-Saône
48%
DépartementHaute-Saône
48%
DépartementHautes-Pyrénées
48%
DépartementHaute-Vienne
48%
DépartementHaute-Vienne
48%
DépartementHaut-Rhin
48%
DépartementHauts-de-Seine
48%
DépartementHauts-de-Seine
48%
DépartementHérault
48%
DépartementHérault
48%
DépartementHérault
48%
DépartementHérault
48%
DépartementIndre
48%
DépartementIndre
48%
DépartementJura
48%
DépartementLandes
48%
DépartementLandes
48%
DépartementLandes
48%
DépartementLoire
48%
DépartementLoire
48%
DépartementLoire-Atlantique
48%
DépartementLoiret
48%
DépartementLoir-et-Cher
48%
DépartementLoir-et-Cher
48%
DépartementLoir-et-Cher
48%
DépartementLot-et-Garonne
48%
DépartementLozère
48%
DépartementLozère
48%
DépartementMaine-et-Loire
48%
DépartementMaine-et-Loire
48%
DépartementManche
48%
DépartementMarne
48%
DépartementMeurthe-et-Moselle
48%
DépartementMeurthe-et-Moselle
48%
DépartementMorbihan
48%
DépartementMorbihan
48%
DépartementNièvre
48%
DépartementNord
48%
DépartementNord
48%
DépartementOise
48%
DépartementOise
48%
DépartementOise
48%
DépartementOise
48%
DépartementOrne
48%
DépartementParis
48%
DépartementParis
48%
DépartementPas-de-Calais
48%
DépartementPas-de-Calais
48%
DépartementPas-de-Calais
48%
DépartementPyrénées-Atlantiques
48%
DépartementPyrénées-Atlantiques
48%
DépartementPyrénées-Orientales
48%
DépartementRhône (et métropole de Lyon)
48%
DépartementRhône (et métropole de Lyon)
48%
DépartementRhône (et métropole de Lyon)
48%
DépartementRhône (et métropole de Lyon)
48%
DépartementRhône (et métropole de Lyon)
48%
DépartementSaône-et-Loire
48%
DépartementSarthe
48%
DépartementSarthe
48%
DépartementSavoie
48%
DépartementSavoie
48%
DépartementSavoie
48%
DépartementSavoie
48%
DépartementSeine-et-Marne
48%
DépartementSeine-et-Marne
48%
DépartementSeine-Saint-Denis
48%
DépartementSeine-Saint-Denis
48%
DépartementSeine-Saint-Denis
48%
DépartementSomme
48%
DépartementVal-de-Marne
48%
DépartementVal-de-Marne
48%
DépartementVal-d'Oise
48%
DépartementVal-d'Oise
48%
DépartementVar
48%
DépartementVar
48%
DépartementVar
48%
DépartementVar
48%
DépartementVaucluse
48%
DépartementVaucluse
48%
DépartementVendée
48%
DépartementVienne
48%
DépartementVosges
48%
DépartementYvelines
48%
DépartementYvelines
48%
DépartementYvelines
48%
DépartementAin
47%
DépartementAin
47%
DépartementAin
47%
DépartementAin
47%
DépartementAin
47%
DépartementAllier
47%
DépartementAllier
47%
DépartementAllier
47%
DépartementAlpes-de-Haute-Provence
47%
DépartementAlpes-de-Haute-Provence
47%
DépartementArdèche
47%
DépartementArdennes
47%
DépartementArdennes
47%
DépartementArdennes
47%
DépartementAriège
47%
DépartementAriège
47%
DépartementAriège
47%
DépartementAube
47%
DépartementAube
47%
DépartementAude
47%
DépartementAude
47%
DépartementBas-Rhin
47%
DépartementBouches-du-Rhône
47%
DépartementBouches-du-Rhône
47%
DépartementCalvados
47%
DépartementCalvados
47%
DépartementCalvados
47%
DépartementCantal
47%
DépartementCharente
47%
DépartementCharente-Maritime
47%
DépartementCher
47%
Département Corse-du-Sud
47%
DépartementCorse-du-Sud
47%
Département Corse-du-Sud
47%
DépartementCôte-d'Or
47%
DépartementCôtes-d'Armor
47%
DépartementCreuse
47%
DépartementDépartement mystère (Finistère)
47%
DépartementDeux-Sèvres
47%
DépartementDordogne
47%
DépartementDrôme
47%
DépartementDrôme
47%
DépartementDrôme
47%
DépartementEssonne
47%
DépartementEure
47%
DépartementEure-et-Loir
47%
Département Finistère
47%
DépartementFinistère
47%
Département Finistère
47%
Département Finistère
47%
DépartementGard
47%
DépartementGard
47%
DépartementGers
47%
DépartementGers
47%
DépartementGironde
47%
DépartementGironde
47%
DépartementGironde
47%
DépartementHaute-Corse
47%
DépartementHaute-Corse
47%
DépartementHaute-Garonne
47%
DépartementHaute-Marne
47%
DépartementHaute-Saône
47%
DépartementHaute-Saône
47%
DépartementHautes-Pyrénées
47%
DépartementHautes-Pyrénées
47%
DépartementHaute-Vienne
47%
DépartementHaut-Rhin
47%
DépartementHaut-Rhin
47%
DépartementHauts-de-Seine
47%
DépartementHérault
47%
DépartementHérault
47%
DépartementIndre
47%
DépartementIndre-et-Loire
47%
DépartementIndre-et-Loire
47%
DépartementIsère
47%
DépartementIsère
47%
DépartementJura
47%
DépartementLoire
47%
DépartementLoire
47%
DépartementLoire
47%
DépartementLoire
47%
DépartementLoire-Atlantique
47%
DépartementLoire-Atlantique
47%
DépartementLoiret
47%
DépartementLot
47%
DépartementLot-et-Garonne
47%
DépartementLozère
47%
DépartementManche
47%
DépartementMarne
47%
DépartementMeuse
47%
DépartementNièvre
47%
DépartementNord
47%
DépartementNord
47%
DépartementOise
47%
DépartementOise
47%
DépartementOrne
47%
DépartementOrne
47%
DépartementParis
47%
DépartementParis
47%
DépartementPas-de-Calais
47%
DépartementPas-de-Calais
47%
DépartementPuy-de-Dôme
47%
DépartementPyrénées-Atlantiques
47%
DépartementPyrénées-Orientales
47%
DépartementRhône (et métropole de Lyon)
47%
DépartementRhône (et métropole de Lyon)
47%
DépartementSaône-et-Loire
47%
DépartementSarthe
47%
DépartementSavoie
47%
DépartementSomme
47%
DépartementTarn
47%
DépartementTarn-et-Garonne
47%
DépartementTerritoire de Belfort
47%
DépartementVal-de-Marne
47%
DépartementVal-d'Oise
47%
DépartementVar
47%
DépartementVar
47%
DépartementVar
47%
DépartementVar
47%
DépartementVar
47%
DépartementVaucluse
47%
DépartementVaucluse
47%
DépartementVaucluse
47%
DépartementVendée
47%
DépartementVienne
47%
DépartementVosges
47%
DépartementVosges
47%
DépartementVosges
47%
DépartementYonne
47%
DépartementYvelines
47%
DépartementYvelines
47%
DépartementYvelines
47%
DépartementAin
46%
DépartementAin
46%
DépartementAisne
46%
DépartementAisne
46%
DépartementAisne
46%
DépartementAisne
46%
DépartementAisne
46%
DépartementAisne
46%
DépartementAllier
46%
DépartementAlpes-de-Haute-Provence
46%
DépartementAlpes-Maritimes
46%
DépartementAlpes-Maritimes
46%
DépartementArdèche
46%
DépartementArdèche
46%
DépartementArdèche
46%
DépartementArdennes
46%
DépartementAriège
46%
DépartementAveyron
46%
DépartementAveyron
46%
DépartementBas-Rhin
46%
DépartementBouches-du-Rhône
46%
DépartementBouches-du-Rhône
46%
DépartementCalvados
46%
DépartementCantal
46%
DépartementCantal
46%
DépartementCharente-Maritime
46%
DépartementCharente-Maritime
46%
DépartementCher
46%
DépartementCorrèze
46%
DépartementCorse-du-Sud
46%
DépartementCôte-d'Or
46%
DépartementCreuse
46%
DépartementCreuse
46%
DépartementDépartement mystère (Haute-Savoie)
46%
DépartementDépartement mystère (Pas-de-Calais)
46%
DépartementDordogne
46%
DépartementDordogne
46%
DépartementDoubs
46%
DépartementDrôme
46%
DépartementDrôme
46%
DépartementDrôme
46%
DépartementEssonne
46%
DépartementEssonne
46%
DépartementEure
46%
DépartementEure
46%
DépartementEure
46%
DépartementEure-et-Loir
46%
DépartementEure-et-Loir
46%
DépartementFinistère
46%
Département Finistère
46%
Département Finistère
46%
DépartementFinistère
46%
DépartementFinistère
46%
DépartementFinistère
46%
Département Finistère
46%
DépartementGard
46%
DépartementGironde
46%
DépartementGironde
46%
DépartementHaute-Garonne
46%
DépartementHaute-Loire
46%
DépartementHaute-Loire
46%
DépartementHaute-Loire
46%
DépartementHaute-Marne
46%
DépartementHautes-Alpes
46%
DépartementHaute-Saône
46%
DépartementHaute-Savoie
46%
DépartementHautes-Pyrénées
46%
DépartementHaute-Vienne
46%
DépartementHérault
46%
DépartementHérault
46%
DépartementHérault
46%
DépartementIndre
46%
DépartementIndre
46%
DépartementIndre-et-Loire
46%
DépartementIsère
46%
DépartementLandes
46%
DépartementLandes
46%
DépartementLoire
46%
DépartementLoire
46%
DépartementLoire
46%
DépartementLoire
46%
DépartementLoire
46%
DépartementLoir-et-Cher
46%
DépartementLot
46%
DépartementLot-et-Garonne
46%
DépartementLot-et-Garonne
46%
DépartementLot-et-Garonne
46%
DépartementLozère
46%
DépartementLozère
46%
DépartementLozère
46%
DépartementMarne
46%
DépartementMayenne
46%
DépartementMayenne
46%
DépartementMeurthe-et-Moselle
46%
DépartementMeuse
46%
DépartementMeuse
46%
DépartementMeuse
46%
DépartementMeuse
46%
DépartementMorbihan
46%
DépartementMorbihan
46%
DépartementMoselle
46%
DépartementMoselle
46%
DépartementNord
46%
DépartementOise
46%
DépartementOise
46%
DépartementOise
46%
DépartementParis
46%
DépartementParis
46%
DépartementParis
46%
DépartementPas-de-Calais
46%
DépartementPas-de-Calais
46%
DépartementPas-de-Calais
46%
DépartementPas-de-Calais
46%
DépartementPuy-de-Dôme
46%
DépartementPuy-de-Dôme
46%
DépartementPuy-de-Dôme
46%
DépartementPyrénées-Atlantiques
46%
DépartementPyrénées-Orientales
46%
DépartementPyrénées-Orientales
46%
DépartementSavoie
46%
DépartementSavoie
46%
DépartementSeine-et-Marne
46%
DépartementSeine-et-Marne
46%
DépartementSeine-Maritime
46%
DépartementSeine-Saint-Denis
46%
DépartementSeine-Saint-Denis
46%
DépartementSeine-Saint-Denis
46%
DépartementSomme
46%
DépartementSomme
46%
DépartementSomme
46%
DépartementSomme
46%
DépartementTarn
46%
DépartementTarn
46%
DépartementTarn-et-Garonne
46%
DépartementTarn-et-Garonne
46%
DépartementTarn-et-Garonne
46%
DépartementTerritoire de Belfort
46%
DépartementTerritoire de Belfort
46%
DépartementTerritoire de Belfort
46%
DépartementVal-de-Marne
46%
DépartementVal-d'Oise
46%
DépartementVar
46%
DépartementVar
46%
DépartementVaucluse
46%
DépartementVienne
46%
DépartementYvelines
46%
DépartementYvelines
46%
DépartementYvelines
46%
DépartementYvelines
46%
DépartementAin
45%
DépartementAin
45%
DépartementAin
45%
DépartementAin
45%
DépartementAin
45%
DépartementAin
45%
DépartementAin
45%
DépartementAin
45%
DépartementAin
45%
DépartementAin
45%
DépartementAin
45%
DépartementAin
45%
DépartementAin
45%
DépartementAisne
45%
DépartementAisne
45%
DépartementAllier
45%
DépartementAlpes-Maritimes
45%
DépartementAlpes-Maritimes
45%
DépartementAlpes-Maritimes
45%
DépartementArdèche
45%
DépartementArdèche
45%
DépartementAube
45%
DépartementAude
45%
DépartementAveyron
45%
DépartementBas-Rhin
45%
DépartementBouches-du-Rhône
45%
DépartementBouches-du-Rhône
45%
DépartementCalvados
45%
DépartementCantal
45%
DépartementCharente
45%
DépartementCharente
45%
DépartementCher
45%
DépartementCorrèze
45%
DépartementCorrèze
45%
DépartementCorrèze
45%
DépartementCôte-d'Or
45%
DépartementCôtes-d'Armor
45%
DépartementDépartement mystère (Jura)
45%
DépartementDeux-Sèvres
45%
DépartementDoubs
45%
DépartementDoubs
45%
DépartementDoubs
45%
DépartementEssonne
45%
DépartementEure
45%
DépartementEure
45%
DépartementFinistère
45%
DépartementFinistère
45%
DépartementFinistère
45%
DépartementFinistère
45%
DépartementFinistère
45%
DépartementGers
45%
DépartementGironde
45%
DépartementGironde
45%
DépartementGironde
45%
DépartementGironde
45%
DépartementHaute-Garonne
45%
DépartementHaute-Loire
45%
DépartementHautes-Alpes
45%
DépartementHaute-Savoie
45%
DépartementHaute-Savoie
45%
DépartementHaute-Savoie
45%
DépartementHaut-Rhin
45%
DépartementHaut-Rhin
45%
DépartementHauts-de-Seine
45%
DépartementHauts-de-Seine
45%
DépartementIlle-et-Vilaine
45%
DépartementIlle-et-Vilaine
45%
DépartementIlle-et-Vilaine
45%
DépartementIndre
45%
DépartementIndre
45%
DépartementIndre
45%
DépartementIsère
45%
DépartementJura
45%
DépartementJura
45%
DépartementJura
45%
DépartementLandes
45%
DépartementLoire-Atlantique
45%
DépartementLoiret
45%
DépartementLoiret
45%
DépartementLoiret
45%
DépartementLot
45%
DépartementMarne
45%
DépartementMarne
45%
DépartementMarne
45%
DépartementMeurthe-et-Moselle
45%
DépartementMorbihan
45%
DépartementMorbihan
45%
DépartementMoselle
45%
DépartementMoselle
45%
DépartementMoselle
45%
DépartementNord
45%
DépartementNord
45%
DépartementOise
45%
DépartementOise
45%
DépartementOise
45%
DépartementParis
45%
DépartementParis
45%
DépartementParis
45%
DépartementPas-de-Calais
45%
DépartementPas-de-Calais
45%
DépartementPas-de-Calais
45%
DépartementPuy-de-Dôme
45%
DépartementRhône (et métropole de Lyon)
45%
DépartementRhône (et métropole de Lyon)
45%
DépartementRhône (et métropole de Lyon)
45%
DépartementRhône (et métropole de Lyon)
45%
DépartementRhône (et métropole de Lyon)
45%
DépartementRhône (et métropole de Lyon)
45%
DépartementSaône-et-Loire
45%
DépartementSavoie
45%
DépartementSavoie
45%
DépartementSavoie
45%
DépartementSeine-et-Marne
45%
DépartementSeine-Maritime
45%
DépartementSeine-Maritime
45%
DépartementSeine-Saint-Denis
45%
DépartementSomme
45%
DépartementSomme
45%
DépartementVal-de-Marne
45%
DépartementVal-d'Oise
45%
DépartementVar
45%
DépartementVar
45%
DépartementVar
45%
DépartementVar
45%
DépartementVaucluse
45%
DépartementVendée
45%
DépartementVendée
45%
DépartementVendée
45%
DépartementVienne
45%
DépartementYonne
45%
DépartementYonne
45%
DépartementYonne
45%
DépartementYvelines
45%
DépartementYvelines
45%
DépartementAin
44%
DépartementAin
44%
DépartementAin
44%
DépartementAisne
44%
DépartementAisne
44%
DépartementAllier
44%
DépartementAllier
44%
DépartementAllier
44%
DépartementAllier
44%
DépartementAllier
44%
DépartementAlpes-de-Haute-Provence
44%
DépartementAlpes-de-Haute-Provence
44%
DépartementArdèche
44%
DépartementArdennes
44%
DépartementArdennes
44%
DépartementArdennes
44%
DépartementArdennes
44%
DépartementAriège
44%
DépartementAube
44%
DépartementAude
44%
DépartementAveyron
44%
DépartementAveyron
44%
DépartementAveyron
44%
DépartementBas-Rhin
44%
DépartementBas-Rhin
44%
DépartementBas-Rhin
44%
DépartementBas-Rhin
44%
DépartementBouches-du-Rhône
44%
DépartementBouches-du-Rhône
44%
DépartementBouches-du-Rhône
44%
DépartementBouches-du-Rhône
44%
DépartementBouches-du-Rhône
44%
DépartementBouches-du-Rhône
44%
DépartementBouches-du-Rhône
44%
DépartementCalvados
44%
DépartementCalvados
44%
DépartementCalvados
44%
DépartementCalvados
44%
DépartementCantal
44%
DépartementCantal
44%
DépartementCantal
44%
DépartementCharente-Maritime
44%
DépartementCharente-Maritime
44%
DépartementCher
44%
DépartementCher
44%
DépartementCher
44%
DépartementCorrèze
44%
DépartementCorrèze
44%
DépartementCôte-d'Or
44%
DépartementCôte-d'Or
44%
DépartementCôte-d'Or
44%
DépartementCôte-d'Or
44%
DépartementCôtes-d'Armor
44%
DépartementCôtes-d'Armor
44%
DépartementCôtes-d'Armor
44%
DépartementCôtes-d'Armor
44%
DépartementCreuse
44%
DépartementCreuse
44%
DépartementCreuse
44%
DépartementCreuse
44%
DépartementCreuse
44%
DépartementCreuse
44%
DépartementDordogne
44%
DépartementDordogne
44%
DépartementDoubs
44%
DépartementDoubs
44%
DépartementDrôme
44%
DépartementDrôme
44%
DépartementEssonne
44%
DépartementEssonne
44%
DépartementEssonne
44%
DépartementEssonne
44%
DépartementEssonne
44%
DépartementEure
44%
DépartementEure
44%
DépartementEure
44%
DépartementEure
44%
DépartementFinistère
44%
DépartementGard
44%
DépartementGard
44%
DépartementGard
44%
DépartementGard
44%
DépartementGironde
44%
DépartementHaute-Corse
44%
DépartementHaute-Garonne
44%
DépartementHaute-Loire
44%
DépartementHaute-Marne
44%
DépartementHautes-Alpes
44%
DépartementHautes-Alpes
44%
DépartementHautes-Alpes
44%
DépartementHaute-Savoie
44%
DépartementHaute-Savoie
44%
DépartementHaute-Vienne
44%
DépartementHaut-Rhin
44%
DépartementHauts-de-Seine
44%
DépartementHauts-de-Seine
44%
DépartementHauts-de-Seine
44%
DépartementHérault
44%
DépartementHérault
44%
DépartementHérault
44%
DépartementHérault
44%
DépartementHérault
44%
DépartementIlle-et-Vilaine
44%
DépartementIlle-et-Vilaine
44%
DépartementIlle-et-Vilaine
44%
DépartementIndre
44%
DépartementIndre
44%
DépartementIndre
44%
DépartementIndre
44%
DépartementIndre
44%
DépartementIndre
44%
DépartementIsère
44%
DépartementIsère
44%
DépartementIsère
44%
DépartementIsère
44%
DépartementJura
44%
DépartementJura
44%
DépartementJura
44%
DépartementLandes
44%
DépartementLandes
44%
DépartementLoire
44%
DépartementLoire-Atlantique
44%
DépartementLoiret
44%
DépartementLoiret
44%
DépartementLoiret
44%
DépartementLoiret
44%
DépartementLot
44%
DépartementLot-et-Garonne
44%
DépartementMaine-et-Loire
44%
DépartementMaine-et-Loire
44%
DépartementMaine-et-Loire
44%
DépartementManche
44%
DépartementManche
44%
DépartementManche
44%
DépartementMarne
44%
DépartementMarne
44%
DépartementMarne
44%
DépartementMarne
44%
DépartementMayenne
44%
DépartementMayenne
44%
DépartementMayenne
44%
DépartementMeurthe-et-Moselle
44%
DépartementMeurthe-et-Moselle
44%
DépartementMeurthe-et-Moselle
44%
DépartementMeuse
44%
DépartementMeuse
44%
DépartementMorbihan
44%
DépartementMorbihan
44%
DépartementMorbihan
44%
DépartementMorbihan
44%
DépartementMorbihan
44%
DépartementMoselle
44%
DépartementMoselle
44%
DépartementMoselle
44%
DépartementNièvre
44%
DépartementNièvre
44%
DépartementNièvre
44%
DépartementNord
44%
DépartementNord
44%
DépartementNord
44%
DépartementNord
44%
DépartementNord
44%
DépartementNord
44%
DépartementNord
44%
DépartementOise
44%
DépartementOise
44%
DépartementOise
44%
DépartementOise
44%
DépartementOise
44%
DépartementOrne
44%
DépartementOrne
44%
DépartementParis
44%
DépartementParis
44%
DépartementParis
44%
DépartementPas-de-Calais
44%
DépartementPuy-de-Dôme
44%
DépartementRhône (et métropole de Lyon)
44%
DépartementRhône (et métropole de Lyon)
44%
DépartementRhône (et métropole de Lyon)
44%
DépartementRhône (et métropole de Lyon)
44%
DépartementSaône-et-Loire
44%
DépartementSarthe
44%
DépartementSeine-et-Marne
44%
DépartementSeine-et-Marne
44%
DépartementSeine-Maritime
44%
DépartementSeine-Maritime
44%
DépartementSeine-Maritime
44%
DépartementSeine-Maritime
44%
DépartementSeine-Maritime
44%
DépartementSeine-Saint-Denis
44%
DépartementSeine-Saint-Denis
44%
DépartementSeine-Saint-Denis
44%
DépartementSeine-Saint-Denis
44%
DépartementSomme
44%
DépartementSomme
44%
DépartementSomme
44%
DépartementTarn
44%
DépartementTarn
44%
DépartementTarn
44%
DépartementTerritoire de Belfort
44%
DépartementTerritoire de Belfort
44%
DépartementVal-d'Oise
44%
DépartementVal-d'Oise
44%
DépartementVar
44%
DépartementVar
44%
DépartementVaucluse
44%
DépartementVendée
44%
DépartementVendée
44%
DépartementVendée
44%
DépartementVendée
44%
DépartementVienne
44%
DépartementVienne
44%
DépartementVosges
44%
DépartementYonne
44%
DépartementYonne
44%
DépartementYonne
44%
DépartementYvelines
44%
DépartementYvelines
44%
DépartementAin
43%
DépartementAin
43%
DépartementAin
43%
DépartementAin
43%
DépartementAllier
43%
DépartementAllier
43%
DépartementAllier
43%
DépartementAlpes-de-Haute-Provence
43%
DépartementAlpes-Maritimes
43%
DépartementAlpes-Maritimes
43%
DépartementArdennes
43%
DépartementArdennes
43%
DépartementArdennes
43%
DépartementAriège
43%
DépartementAube
43%
DépartementAube
43%
DépartementAube
43%
DépartementAude
43%
DépartementAude
43%
DépartementAude
43%
DépartementBas-Rhin
43%
Département Bas-Rhin
43%
DépartementBas-Rhin
43%
DépartementBouches-du-Rhône
43%
DépartementCalvados
43%
DépartementCalvados
43%
DépartementCantal
43%
DépartementCantal
43%
DépartementCharente
43%
DépartementCharente
43%
DépartementCharente
43%
DépartementCharente
43%
DépartementCharente-Maritime
43%
DépartementCher
43%
DépartementCher
43%
DépartementCher
43%
DépartementCher
43%
DépartementCher
43%
DépartementCher
43%
DépartementCorrèze
43%
DépartementCorrèze
43%
DépartementCorse-du-Sud
43%
DépartementCorse-du-Sud
43%
DépartementCôte-d'Or
43%
DépartementCôte-d'Or
43%
DépartementCôtes-d'Armor
43%
DépartementCreuse
43%
DépartementCreuse
43%
DépartementCreuse
43%
DépartementDeux-Sèvres
43%
DépartementDeux-Sèvres
43%
DépartementDordogne
43%
DépartementDordogne
43%
DépartementDordogne
43%
DépartementDordogne
43%
DépartementDoubs
43%
DépartementDrôme
43%
DépartementDrôme
43%
DépartementEssonne
43%
DépartementEssonne
43%
DépartementEssonne
43%
DépartementEssonne
43%
DépartementEssonne
43%
DépartementEure
43%
DépartementEure
43%
DépartementEure
43%
DépartementEure
43%
DépartementEure-et-Loir
43%
DépartementFinistère
43%
Département Finistère
43%
DépartementFinistère
43%
DépartementFinistère
43%
DépartementGard
43%
DépartementGard
43%
DépartementGers
43%
DépartementGers
43%
DépartementGers
43%
DépartementGironde
43%
DépartementHaute-Corse
43%
DépartementHaute-Garonne
43%
DépartementHaute-Garonne
43%
DépartementHaute-Loire
43%
DépartementHaute-Loire
43%
DépartementHautes-Alpes
43%
DépartementHaute-Saône
43%
DépartementHaute-Saône
43%
DépartementHaute-Savoie
43%
DépartementHaute-Savoie
43%
DépartementHaute-Vienne
43%
DépartementHaut-Rhin
43%
DépartementHaut-Rhin
43%
DépartementHaut-Rhin
43%
DépartementHaut-Rhin
43%
DépartementHaut-Rhin
43%
DépartementHauts-de-Seine
43%
DépartementHauts-de-Seine
43%
DépartementHérault
43%
DépartementIlle-et-Vilaine
43%
DépartementIlle-et-Vilaine
43%
DépartementIlle-et-Vilaine
43%
DépartementIlle-et-Vilaine
43%
DépartementIlle-et-Vilaine
43%
DépartementIndre
43%
DépartementIndre-et-Loire
43%
DépartementIndre-et-Loire
43%
DépartementIndre-et-Loire
43%
DépartementIsère
43%
DépartementIsère
43%
DépartementJura
43%
DépartementLandes
43%
DépartementLandes
43%
DépartementLoire
43%
DépartementLoire
43%
DépartementLoire
43%
DépartementLoire-Atlantique
43%
DépartementLoire-Atlantique
43%
DépartementLoire-Atlantique
43%
DépartementLoire-Atlantique
43%
DépartementLoire-Atlantique
43%
DépartementLoiret
43%
DépartementLoiret
43%
DépartementLoiret
43%
DépartementLoir-et-Cher
43%
DépartementLot
43%
DépartementLot
43%
DépartementLot
43%
DépartementLot
43%
DépartementLot-et-Garonne
43%
DépartementLot-et-Garonne
43%
DépartementLozère
43%
DépartementLozère
43%
DépartementLozère
43%
DépartementLozère
43%
DépartementMaine-et-Loire
43%
DépartementManche
43%
DépartementManche
43%
DépartementManche
43%
DépartementManche
43%
DépartementMarne
43%
DépartementMarne
43%
DépartementMarne
43%
DépartementMayenne
43%
DépartementMayenne
43%
DépartementMayenne
43%
DépartementMayenne
43%
DépartementMayenne
43%
DépartementMeurthe-et-Moselle
43%
DépartementMeurthe-et-Moselle
43%
DépartementMeuse
43%
DépartementMeuse
43%
DépartementMorbihan
43%
DépartementMorbihan
43%
DépartementMorbihan
43%
DépartementMoselle
43%
DépartementMoselle
43%
DépartementMoselle
43%
DépartementMoselle
43%
DépartementMoselle
43%
DépartementMoselle
43%
DépartementNièvre
43%
DépartementNièvre
43%
DépartementNièvre
43%
DépartementOise
43%
DépartementOise
43%
DépartementOise
43%
DépartementOise
43%
DépartementOrne
43%
DépartementOrne
43%
DépartementOrne
43%
DépartementOrne
43%
DépartementParis
43%
DépartementParis
43%
DépartementParis
43%
DépartementParis
43%
DépartementPas-de-Calais
43%
DépartementPas-de-Calais
43%
DépartementPas-de-Calais
43%
DépartementPas-de-Calais
43%
DépartementPuy-de-Dôme
43%
DépartementPuy-de-Dôme
43%
DépartementPyrénées-Atlantiques
43%
DépartementPyrénées-Orientales
43%
DépartementPyrénées-Orientales
43%
DépartementPyrénées-Orientales
43%
DépartementRhône (et métropole de Lyon)
43%
DépartementRhône (et métropole de Lyon)
43%
DépartementRhône (et métropole de Lyon)
43%
DépartementRhône (et métropole de Lyon)
43%
DépartementRhône (et métropole de Lyon)
43%
DépartementRhône (et métropole de Lyon)
43%
DépartementSaône-et-Loire
43%
DépartementSaône-et-Loire
43%
DépartementSaône-et-Loire
43%
DépartementSaône-et-Loire
43%
DépartementSarthe
43%
DépartementSarthe
43%
DépartementSarthe
43%
DépartementSarthe
43%
DépartementSarthe
43%
DépartementSavoie
43%
DépartementSavoie
43%
DépartementSavoie
43%
DépartementSeine-et-Marne
43%
DépartementSeine-et-Marne
43%
DépartementSeine-et-Marne
43%
DépartementSeine-Maritime
43%
DépartementSeine-Saint-Denis
43%
DépartementSeine-Saint-Denis
43%
DépartementSeine-Saint-Denis
43%
DépartementSeine-Saint-Denis
43%
DépartementSomme
43%
DépartementSomme
43%
DépartementSomme
43%
DépartementSomme
43%
DépartementTarn
43%
DépartementTarn
43%
DépartementTarn
43%
DépartementTarn-et-Garonne
43%
DépartementVal-d'Oise
43%
DépartementVal-d'Oise
43%
DépartementVal-d'Oise
43%
DépartementVar
43%
DépartementVar
43%
DépartementVar
43%
DépartementVaucluse
43%
DépartementVaucluse
43%
DépartementVendée
43%
DépartementVendée
43%
DépartementVendée
43%
DépartementVienne
43%
DépartementVienne
43%
DépartementVienne
43%
DépartementVosges
43%
DépartementVosges
43%
DépartementVosges
43%
DépartementVosges
43%
DépartementYonne
43%
DépartementYonne
43%
DépartementYvelines
43%
DépartementYvelines
43%
DépartementYvelines
43%
DépartementYvelines
43%
DépartementYvelines
43%
DépartementAin
42%
DépartementAin
42%
DépartementAin
42%
DépartementAin
42%
DépartementAin
42%
DépartementAin
42%
DépartementAisne
42%
DépartementAisne
42%
DépartementAisne
42%
DépartementAisne
42%
DépartementAisne
42%
DépartementAisne
42%
DépartementAisne
42%
DépartementAllier
42%
DépartementAlpes-de-Haute-Provence
42%
DépartementAlpes-de-Haute-Provence
42%
DépartementAlpes-de-Haute-Provence
42%
DépartementArdèche
42%
DépartementArdèche
42%
DépartementArdèche
42%
DépartementArdèche
42%
DépartementArdèche
42%
DépartementArdennes
42%
DépartementArdennes
42%
DépartementAriège
42%
DépartementAriège
42%
DépartementAriège
42%
DépartementAriège
42%
DépartementAube
42%
DépartementAube
42%
DépartementAube
42%
DépartementAube
42%
DépartementAube
42%
DépartementAube
42%
DépartementAude
42%
DépartementAude
42%
DépartementAude
42%
DépartementAude
42%
DépartementAude
42%
DépartementAveyron
42%
DépartementAveyron
42%
DépartementAveyron
42%
DépartementAveyron
42%
DépartementAveyron
42%
DépartementAveyron
42%
DépartementBas-Rhin
42%
DépartementBas-Rhin
42%
DépartementBouches-du-Rhône
42%
DépartementBouches-du-Rhône
42%
DépartementCalvados
42%
DépartementCalvados
42%
DépartementCalvados
42%
DépartementCantal
42%
DépartementCharente
42%
DépartementCharente
42%
DépartementCharente
42%
DépartementCharente
42%
DépartementCharente-Maritime
42%
DépartementCher
42%
DépartementCher
42%
DépartementCorrèze
42%
DépartementCorrèze
42%
DépartementCorse-du-Sud
42%
DépartementCorse-du-Sud
42%
DépartementCôte-d'Or
42%
DépartementCôte-d'Or
42%
DépartementCôte-d'Or
42%
DépartementCôtes-d'Armor
42%
DépartementCôtes-d'Armor
42%
DépartementCôtes-d'Armor
42%
DépartementCôtes-d'Armor
42%
DépartementCôtes-d'Armor
42%
DépartementCreuse
42%
DépartementCreuse
42%
DépartementDeux-Sèvres
42%
DépartementDeux-Sèvres
42%
DépartementDeux-Sèvres
42%
DépartementDoubs
42%
DépartementDoubs
42%
DépartementDoubs
42%
DépartementDrôme
42%
DépartementDrôme
42%
DépartementEssonne
42%
DépartementEssonne
42%
DépartementEure
42%
DépartementEure
42%
DépartementEure
42%
DépartementEure
42%
DépartementEure-et-Loir
42%
DépartementEure-et-Loir
42%
DépartementEure-et-Loir
42%
DépartementEure-et-Loir
42%
Département Finistère
42%
DépartementFinistère
42%
DépartementFinistère
42%
DépartementFinistère
42%
DépartementFinistère
42%
DépartementFinistère
42%
DépartementGard
42%
DépartementGard
42%
DépartementGard
42%
DépartementGard
42%
DépartementGers
42%
DépartementGers
42%
DépartementGers
42%
DépartementGironde
42%
DépartementGironde
42%
DépartementGironde
42%
DépartementGironde
42%
DépartementGironde
42%
DépartementGironde
42%
DépartementHaute-Corse
42%
DépartementHaute-Corse
42%
DépartementHaute-Garonne
42%
DépartementHaute-Garonne
42%
DépartementHaute-Garonne
42%
DépartementHaute-Garonne
42%
DépartementHaute-Garonne
42%
DépartementHaute-Garonne
42%
DépartementHaute-Garonne
42%
DépartementHaute-Loire
42%
DépartementHaute-Loire
42%
DépartementHaute-Loire
42%
DépartementHaute-Marne
42%
DépartementHaute-Marne
42%
DépartementHautes-Alpes
42%
DépartementHautes-Alpes
42%
DépartementHaute-Saône
42%
DépartementHaute-Saône
42%
DépartementHaute-Saône
42%
DépartementHaute-Savoie
42%
DépartementHautes-Pyrénées
42%
DépartementHautes-Pyrénées
42%
DépartementHaute-Vienne
42%
DépartementHaute-Vienne
42%
DépartementHaute-Vienne
42%
DépartementHaute-Vienne
42%
DépartementHaut-Rhin
42%
DépartementHaut-Rhin
42%
DépartementHaut-Rhin
42%
DépartementHauts-de-Seine
42%
DépartementHauts-de-Seine
42%
DépartementHauts-de-Seine
42%
DépartementHérault
42%
DépartementHérault
42%
DépartementHérault
42%
DépartementIlle-et-Vilaine
42%
DépartementIlle-et-Vilaine
42%
DépartementIlle-et-Vilaine
42%
DépartementIndre
42%
DépartementIndre
42%
DépartementIndre
42%
DépartementIndre
42%
DépartementIndre-et-Loire
42%
DépartementIndre-et-Loire
42%
DépartementIndre-et-Loire
42%
DépartementIndre-et-Loire
42%
DépartementIsère
42%
DépartementIsère
42%
DépartementIsère
42%
DépartementIsère
42%
DépartementIsère
42%
DépartementJura
42%
DépartementJura
42%
DépartementJura
42%
DépartementJura
42%
DépartementLandes
42%
DépartementLoire
42%
DépartementLoire-Atlantique
42%
DépartementLoire-Atlantique
42%
DépartementLoiret
42%
DépartementLoiret
42%
DépartementLoiret
42%
DépartementLoiret
42%
DépartementLoiret
42%
DépartementLoiret
42%
DépartementLoir-et-Cher
42%
DépartementLoir-et-Cher
42%
DépartementLoir-et-Cher
42%
DépartementLot
42%
DépartementLot
42%
DépartementLot
42%
DépartementLot
42%
DépartementLot-et-Garonne
42%
DépartementLozère
42%
DépartementMaine-et-Loire
42%
DépartementMaine-et-Loire
42%
DépartementMaine-et-Loire
42%
DépartementMaine-et-Loire
42%
DépartementMaine-et-Loire
42%
DépartementMaine-et-Loire
42%
DépartementManche
42%
DépartementManche
42%
DépartementManche
42%
DépartementManche
42%
DépartementManche
42%
DépartementMarne
42%
DépartementMarne
42%
DépartementMayenne
42%
DépartementMayenne
42%
DépartementMayenne
42%
DépartementMeurthe-et-Moselle
42%
DépartementMeurthe-et-Moselle
42%
DépartementMeurthe-et-Moselle
42%
DépartementMeuse
42%
DépartementMeuse
42%
DépartementMeuse
42%
DépartementMeuse
42%
DépartementMorbihan
42%
DépartementMorbihan
42%
DépartementMorbihan
42%
DépartementMoselle
42%
DépartementMoselle
42%
DépartementMoselle
42%
DépartementNièvre
42%
DépartementNièvre
42%
DépartementNièvre
42%
DépartementNord
42%
DépartementNord
42%
DépartementNord
42%
Département Nord
42%
DépartementOise
42%
DépartementOise
42%
DépartementOise
42%
DépartementOise
42%
DépartementOise
42%
DépartementOrne
42%
DépartementOrne
42%
DépartementOrne
42%
DépartementParis
42%
DépartementPas-de-Calais
42%
DépartementPyrénées-Atlantiques
42%
DépartementPyrénées-Atlantiques
42%
DépartementPyrénées-Atlantiques
42%
DépartementPyrénées-Atlantiques
42%
DépartementPyrénées-Orientales
42%
DépartementPyrénées-Orientales
42%
DépartementPyrénées-Orientales
42%
DépartementPyrénées-Orientales
42%
DépartementPyrénées-Orientales
42%
DépartementRhône (et métropole de Lyon)
42%
DépartementRhône (et métropole de Lyon)
42%
DépartementRhône (et métropole de Lyon)
42%
DépartementSaône-et-Loire
42%
DépartementSaône-et-Loire
42%
DépartementSaône-et-Loire
42%
DépartementSaône-et-Loire
42%
DépartementSaône-et-Loire
42%
DépartementSarthe
42%
DépartementSarthe
42%
DépartementSarthe
42%
DépartementSarthe
42%
DépartementSarthe
42%
DépartementSavoie
42%
DépartementSavoie
42%
DépartementSavoie
42%
DépartementSavoie
42%
DépartementSeine-et-Marne
42%
DépartementSeine-et-Marne
42%
DépartementSeine-et-Marne
42%
DépartementSeine-et-Marne
42%
DépartementSeine-et-Marne
42%
DépartementSeine-et-Marne
42%
DépartementSeine-et-Marne
42%
DépartementSeine-et-Marne
42%
DépartementSeine-et-Marne
42%
DépartementSeine-Maritime
42%
DépartementSeine-Maritime
42%
DépartementSeine-Maritime
42%
DépartementSeine-Maritime
42%
DépartementSeine-Saint-Denis
42%
DépartementSeine-Saint-Denis
42%
DépartementSeine-Saint-Denis
42%
DépartementSeine-Saint-Denis
42%
DépartementSeine-Saint-Denis
42%
DépartementSomme
42%
DépartementSomme
42%
DépartementSomme
42%
DépartementSomme
42%
DépartementTarn
42%
DépartementTarn
42%
DépartementTarn
42%
DépartementTarn
42%
DépartementTarn
42%
DépartementTarn-et-Garonne
42%
DépartementTarn-et-Garonne
42%
DépartementTerritoire de Belfort
42%
DépartementTerritoire de Belfort
42%
DépartementVal-de-Marne
42%
DépartementVal-de-Marne
42%
DépartementVal-de-Marne
42%
DépartementVal-de-Marne
42%
DépartementVal-de-Marne
42%
DépartementVal-de-Marne
42%
DépartementVal-de-Marne
42%
DépartementVal-d'Oise
42%
DépartementVal-d'Oise
42%
DépartementVal-d'Oise
42%
DépartementVal-d'Oise
42%
DépartementVal-d'Oise
42%
DépartementVar
42%
DépartementVar
42%
DépartementVar
42%
DépartementVaucluse
42%
DépartementVaucluse
42%
DépartementVaucluse
42%
DépartementVaucluse
42%
DépartementVendée
42%
DépartementVendée
42%
DépartementVendée
42%
DépartementVendée
42%
DépartementVienne
42%
DépartementVienne
42%
DépartementVienne
42%
DépartementVosges
42%
DépartementVosges
42%
DépartementVosges
42%
DépartementYonne
42%
DépartementYonne
42%
DépartementYonne
42%
DépartementYvelines
42%
DépartementYvelines
42%
DépartementYvelines
42%
DépartementYvelines
42%
DépartementYvelines
42%
DépartementAin
41%
DépartementAin
41%
DépartementAin
41%
DépartementAisne
41%
DépartementAisne
41%
DépartementAisne
41%
DépartementAllier
41%
DépartementAllier
41%
DépartementAllier
41%
DépartementAllier
41%
DépartementAlpes-de-Haute-Provence
41%
DépartementAlpes-de-Haute-Provence
41%
DépartementAlpes-de-Haute-Provence
41%
DépartementAlpes-de-Haute-Provence
41%
DépartementAlpes-Maritimes
41%
DépartementAlpes-Maritimes
41%
DépartementArdèche
41%
DépartementArdèche
41%
DépartementArdennes
41%
DépartementArdennes
41%
DépartementAriège
41%
DépartementAriège
41%
DépartementAriège
41%
DépartementAriège
41%
DépartementAube
41%
DépartementAube
41%
DépartementAude
41%
DépartementAude
41%
DépartementAude
41%
DépartementBas-Rhin
41%
DépartementBas-Rhin
41%
DépartementBouches-du-Rhône
41%
DépartementBouches-du-Rhône
41%
DépartementBouches-du-Rhône
41%
DépartementCalvados
41%
DépartementCalvados
41%
DépartementCalvados
41%
DépartementCalvados
41%
DépartementCalvados
41%
DépartementCantal
41%
DépartementCantal
41%
DépartementCantal
41%
DépartementCantal
41%
DépartementCantal
41%
DépartementCharente
41%
DépartementCharente
41%
DépartementCharente
41%
DépartementCharente-Maritime
41%
DépartementCharente-Maritime
41%
DépartementCharente-Maritime
41%
DépartementCharente-Maritime
41%
DépartementCharente-Maritime
41%
DépartementCharente-Maritime
41%
DépartementCher
41%
DépartementCher
41%
DépartementCher
41%
DépartementCher
41%
DépartementCher
41%
DépartementCorrèze
41%
DépartementCorrèze
41%
DépartementCorrèze
41%
DépartementCorrèze
41%
DépartementCorse-du-Sud
41%
DépartementCorse-du-Sud
41%
Département Corse-du-Sud
41%
DépartementCôte-d'Or
41%
DépartementCôte-d'Or
41%
DépartementCôte-d'Or
41%
DépartementCôtes-d'Armor
41%
DépartementCôtes-d'Armor
41%
DépartementCreuse
41%
DépartementCreuse
41%
DépartementCreuse
41%
DépartementDépartement mystère (Ain)
41%
DépartementDépartement mystère (Bouches-du-Rhône)
41%
DépartementDépartement mystère (Isère)
41%
DépartementDépartement mystère (Moselle)
41%
DépartementDépartement mystère (Vaucluse)
41%
DépartementDeux-Sèvres
41%
DépartementDeux-Sèvres
41%
DépartementDeux-Sèvres
41%
DépartementDeux-Sèvres
41%
DépartementDordogne
41%
DépartementDordogne
41%
DépartementDordogne
41%
DépartementDordogne
41%
DépartementDoubs
41%
DépartementDoubs
41%
DépartementDoubs
41%
DépartementDoubs
41%
DépartementDrôme
41%
DépartementDrôme
41%
DépartementDrôme
41%
DépartementEssonne
41%
DépartementEssonne
41%
DépartementEssonne
41%
DépartementEssonne
41%
DépartementEssonne
41%
DépartementEssonne
41%
DépartementEure
41%
DépartementEure
41%
DépartementEure
41%
DépartementEure
41%
DépartementEure
41%
DépartementEure
41%
DépartementEure-et-Loir
41%
DépartementEure-et-Loir
41%
DépartementEure-et-Loir
41%
DépartementEure-et-Loir
41%
DépartementEure-et-Loir
41%
DépartementEure-et-Loir
41%
DépartementGard
41%
DépartementGard
41%
DépartementGard
41%
DépartementGers
41%
DépartementGers
41%
DépartementGers
41%
DépartementGers
41%
DépartementGers
41%
DépartementGironde
41%
DépartementGironde
41%
DépartementGironde
41%
DépartementHaute-Corse
41%
DépartementHaute-Corse
41%
DépartementHaute-Corse
41%
DépartementHaute-Garonne
41%
DépartementHaute-Garonne
41%
DépartementHaute-Loire
41%
DépartementHaute-Loire
41%
DépartementHaute-Marne
41%
DépartementHaute-Marne
41%
DépartementHaute-Marne
41%
DépartementHaute-Marne
41%
DépartementHautes-Alpes
41%
DépartementHautes-Alpes
41%
DépartementHaute-Saône
41%
DépartementHaute-Saône
41%
DépartementHaute-Savoie
41%
DépartementHaute-Savoie
41%
DépartementHaute-Savoie
41%
DépartementHautes-Pyrénées
41%
DépartementHautes-Pyrénées
41%
DépartementHautes-Pyrénées
41%
DépartementHautes-Pyrénées
41%
DépartementHaute-Vienne
41%
DépartementHaute-Vienne
41%
DépartementHaute-Vienne
41%
DépartementHaute-Vienne
41%
DépartementHaut-Rhin
41%
DépartementHaut-Rhin
41%
DépartementHaut-Rhin
41%
DépartementHaut-Rhin
41%
DépartementHaut-Rhin
41%
DépartementHauts-de-Seine
41%
DépartementHauts-de-Seine
41%
DépartementHauts-de-Seine
41%
DépartementHauts-de-Seine
41%
DépartementHauts-de-Seine
41%
DépartementHérault
41%
DépartementIlle-et-Vilaine
41%
DépartementIlle-et-Vilaine
41%
DépartementIlle-et-Vilaine
41%
DépartementIlle-et-Vilaine
41%
DépartementIndre
41%
DépartementIndre
41%
DépartementIndre
41%
DépartementIndre-et-Loire
41%
DépartementIndre-et-Loire
41%
DépartementIndre-et-Loire
41%
DépartementIndre-et-Loire
41%
DépartementIndre-et-Loire
41%
DépartementJura
41%
DépartementJura
41%
DépartementJura
41%
DépartementJura
41%
DépartementJura
41%
DépartementJura
41%
DépartementLandes
41%
DépartementLoire
41%
DépartementLoire-Atlantique
41%
DépartementLoir-et-Cher
41%
DépartementLoir-et-Cher
41%
DépartementLoir-et-Cher
41%
DépartementLoir-et-Cher
41%
DépartementLoir-et-Cher
41%
DépartementLoir-et-Cher
41%
DépartementLot-et-Garonne
41%
DépartementLot-et-Garonne
41%
DépartementLot-et-Garonne
41%
DépartementLot-et-Garonne
41%
DépartementLozère
41%
DépartementLozère
41%
DépartementLozère
41%
DépartementMaine-et-Loire
41%
DépartementMaine-et-Loire
41%
DépartementManche
41%
DépartementManche
41%
DépartementManche
41%
DépartementManche
41%
DépartementManche
41%
DépartementMarne
41%
DépartementMarne
41%
DépartementMarne
41%
DépartementMarne
41%
DépartementMarne
41%
DépartementMayenne
41%
DépartementMayenne
41%
DépartementMayenne
41%
DépartementMeurthe-et-Moselle
41%
DépartementMeurthe-et-Moselle
41%
DépartementMeurthe-et-Moselle
41%
DépartementMeuse
41%
DépartementMeuse
41%
DépartementMeuse
41%
DépartementMorbihan
41%
DépartementMorbihan
41%
DépartementMoselle
41%
DépartementMoselle
41%
DépartementMoselle
41%
DépartementNièvre
41%
DépartementNièvre
41%
DépartementNièvre
41%
DépartementNièvre
41%
DépartementNord
41%
DépartementNord
41%
DépartementNord
41%
DépartementNord
41%
DépartementOise
41%
DépartementOrne
41%
DépartementOrne
41%
DépartementOrne
41%
DépartementParis
41%
DépartementPas-de-Calais
41%
DépartementPas-de-Calais
41%
DépartementPas-de-Calais
41%
DépartementPuy-de-Dôme
41%
DépartementPuy-de-Dôme
41%
DépartementPuy-de-Dôme
41%
DépartementPuy-de-Dôme
41%
DépartementPuy-de-Dôme
41%
DépartementPyrénées-Atlantiques
41%
DépartementPyrénées-Atlantiques
41%
DépartementPyrénées-Atlantiques
41%
Département Pyrénées-Atlantiques
41%
DépartementPyrénées-Orientales
41%
DépartementPyrénées-Orientales
41%
DépartementRhône (et métropole de Lyon)
41%
DépartementRhône (et métropole de Lyon)
41%
DépartementRhône (et métropole de Lyon)
41%
DépartementRhône (et métropole de Lyon)
41%
DépartementRhône (et métropole de Lyon)
41%
DépartementRhône (et métropole de Lyon)
41%
DépartementRhône (et métropole de Lyon)
41%
DépartementRhône (et métropole de Lyon)
41%
DépartementRhône (et métropole de Lyon)
41%
DépartementSarthe
41%
DépartementSarthe
41%
DépartementSarthe
41%
DépartementSavoie
41%
DépartementSavoie
41%
DépartementSeine-et-Marne
41%
DépartementSeine-et-Marne
41%
DépartementSeine-et-Marne
41%
DépartementSeine-et-Marne
41%
DépartementSeine-et-Marne
41%
DépartementSeine-Maritime
41%
DépartementSeine-Saint-Denis
41%
DépartementSeine-Saint-Denis
41%
DépartementSomme
41%
DépartementSomme
41%
DépartementSomme
41%
DépartementSomme
41%
DépartementSomme
41%
DépartementTarn
41%
DépartementTarn
41%
DépartementTarn
41%
DépartementTarn-et-Garonne
41%
DépartementTarn-et-Garonne
41%
DépartementTarn-et-Garonne
41%
DépartementTarn-et-Garonne
41%
DépartementTarn-et-Garonne
41%
DépartementTerritoire de Belfort
41%
DépartementTerritoire de Belfort
41%
DépartementVal-de-Marne
41%
DépartementVal-de-Marne
41%
DépartementVal-de-Marne
41%
DépartementVal-de-Marne
41%
DépartementVal-de-Marne
41%
DépartementVal-d'Oise
41%
DépartementVal-d'Oise
41%
DépartementVal-d'Oise
41%
DépartementVar
41%
DépartementVar
41%
DépartementVaucluse
41%
DépartementVaucluse
41%
DépartementVaucluse
41%
DépartementVendée
41%
DépartementVendée
41%
DépartementVienne
41%
DépartementVienne
41%
DépartementVienne
41%
DépartementVienne
41%
DépartementVosges
41%
DépartementYonne
41%
DépartementYvelines
41%
DépartementAin
40%
DépartementAisne
40%
DépartementAisne
40%
DépartementAisne
40%
DépartementAisne
40%
DépartementAisne
40%
DépartementAllier
40%
DépartementAllier
40%
DépartementAllier
40%
DépartementAllier
40%
DépartementAllier
40%
DépartementAlpes-de-Haute-Provence
40%
DépartementAlpes-Maritimes
40%
DépartementAlpes-Maritimes
40%
DépartementAlpes-Maritimes
40%
DépartementArdèche
40%
DépartementArdèche
40%
DépartementArdennes
40%
DépartementArdennes
40%
DépartementArdennes
40%
DépartementAriège
40%
DépartementAriège
40%
DépartementAube
40%
DépartementAube
40%
DépartementAube
40%
DépartementAube
40%
DépartementAude
40%
DépartementAude
40%
DépartementAveyron
40%
DépartementAveyron
40%
DépartementAveyron
40%
DépartementBas-Rhin
40%
DépartementBas-Rhin
40%
DépartementBas-Rhin
40%
DépartementBas-Rhin
40%
DépartementBas-Rhin
40%
DépartementBas-Rhin
40%
DépartementBas-Rhin
40%
DépartementBas-Rhin
40%
DépartementBas-Rhin
40%
DépartementBouches-du-Rhône
40%
DépartementBouches-du-Rhône
40%
DépartementBouches-du-Rhône
40%
DépartementCalvados
40%
DépartementCalvados
40%
DépartementCalvados
40%
DépartementCalvados
40%
DépartementCantal
40%
DépartementCantal
40%
DépartementCantal
40%
DépartementCantal
40%
DépartementCantal
40%
DépartementCantal
40%
DépartementCantal
40%
DépartementCharente
40%
DépartementCharente
40%
DépartementCharente
40%
DépartementCharente
40%
DépartementCher
40%
DépartementCher
40%
DépartementCher
40%
DépartementCorrèze
40%
DépartementCorrèze
40%
DépartementCorrèze
40%
DépartementCorrèze
40%
DépartementCorse-du-Sud
40%
Département Corse-du-Sud
40%
DépartementCôte-d'Or
40%
DépartementCôte-d'Or
40%
DépartementCôte-d'Or
40%
DépartementCôtes-d'Armor
40%
DépartementCôtes-d'Armor
40%
DépartementCreuse
40%
DépartementCreuse
40%
DépartementCreuse
40%
DépartementCreuse
40%
DépartementCreuse
40%
DépartementDépartement mystère (Gironde)
40%
DépartementDépartement mystère (Somme)
40%
DépartementDeux-Sèvres
40%
DépartementDeux-Sèvres
40%
DépartementDeux-Sèvres
40%
DépartementDeux-Sèvres
40%
DépartementDeux-Sèvres
40%
DépartementDordogne
40%
DépartementDordogne
40%
DépartementDordogne
40%
DépartementDoubs
40%
DépartementDoubs
40%
DépartementDoubs
40%
DépartementDrôme
40%
DépartementDrôme
40%
DépartementDrôme
40%
DépartementDrôme
40%
DépartementEssonne
40%
DépartementEssonne
40%
DépartementEure
40%
DépartementEure-et-Loir
40%
DépartementEure-et-Loir
40%
DépartementFinistère
40%
DépartementFinistère
40%
DépartementFinistère
40%
DépartementFinistère
40%
DépartementGard
40%
DépartementGard
40%
DépartementGard
40%
DépartementGard
40%
DépartementGard
40%
DépartementGers
40%
DépartementGers
40%
DépartementGironde
40%
DépartementGironde
40%
DépartementGironde
40%
DépartementHaute-Corse
40%
Département Haute-Corse
40%
DépartementHaute-Garonne
40%
DépartementHaute-Loire
40%
DépartementHaute-Loire
40%
DépartementHaute-Loire
40%
DépartementHaute-Loire
40%
DépartementHaute-Marne
40%
DépartementHaute-Marne
40%
DépartementHaute-Marne
40%
DépartementHautes-Alpes
40%
DépartementHautes-Alpes
40%
DépartementHautes-Alpes
40%
DépartementHaute-Saône
40%
DépartementHaute-Saône
40%
DépartementHaute-Saône
40%
DépartementHaute-Saône
40%
DépartementHaute-Savoie
40%
DépartementHaute-Savoie
40%
DépartementHaute-Savoie
40%
DépartementHautes-Pyrénées
40%
DépartementHautes-Pyrénées
40%
DépartementHautes-Pyrénées
40%
DépartementHaute-Vienne
40%
DépartementHaute-Vienne
40%
DépartementHaute-Vienne
40%
DépartementHaut-Rhin
40%
DépartementHaut-Rhin
40%
DépartementHaut-Rhin
40%
DépartementHaut-Rhin
40%
DépartementHauts-de-Seine
40%
DépartementHauts-de-Seine
40%
DépartementHauts-de-Seine
40%
DépartementHauts-de-Seine
40%
DépartementHauts-de-Seine
40%
DépartementHauts-de-Seine
40%
DépartementHérault
40%
DépartementHérault
40%
DépartementHérault
40%
DépartementHérault
40%
DépartementHérault
40%
DépartementHérault
40%
DépartementIlle-et-Vilaine
40%
DépartementIlle-et-Vilaine
40%
DépartementIlle-et-Vilaine
40%
DépartementIndre
40%
DépartementIndre-et-Loire
40%
DépartementIndre-et-Loire
40%
DépartementIndre-et-Loire
40%
DépartementIndre-et-Loire
40%
DépartementIsère
40%
DépartementIsère
40%
DépartementIsère
40%
DépartementIsère
40%
DépartementIsère
40%
DépartementIsère
40%
DépartementJura
40%
DépartementLandes
40%
DépartementLandes
40%
DépartementLandes
40%
DépartementLandes
40%
DépartementLandes
40%
DépartementLoire
40%
DépartementLoire-Atlantique
40%
DépartementLoire-Atlantique
40%
DépartementLoire-Atlantique
40%
DépartementLoire-Atlantique
40%
DépartementLoire-Atlantique
40%
DépartementLoiret
40%
DépartementLoiret
40%
DépartementLoiret
40%
DépartementLoir-et-Cher
40%
DépartementLot
40%
DépartementLot
40%
DépartementLot
40%
DépartementLot-et-Garonne
40%
DépartementLozère
40%
DépartementLozère
40%
DépartementLozère
40%
DépartementMaine-et-Loire
40%
DépartementMaine-et-Loire
40%
DépartementManche
40%
DépartementManche
40%
DépartementManche
40%
DépartementManche
40%
DépartementManche
40%
DépartementMarne
40%
DépartementMarne
40%
DépartementMarne
40%
DépartementMarne
40%
DépartementMarne
40%
DépartementMayenne
40%
DépartementMayenne
40%
DépartementMayenne
40%
DépartementMayenne
40%
DépartementMeurthe-et-Moselle
40%
DépartementMeuse
40%
DépartementMeuse
40%
DépartementMorbihan
40%
DépartementMoselle
40%
DépartementMoselle
40%
DépartementMoselle
40%
DépartementMoselle
40%
DépartementNièvre
40%
DépartementNièvre
40%
DépartementNièvre
40%
DépartementNord
40%
DépartementNord
40%
DépartementNord
40%
DépartementNord
40%
DépartementNord
40%
DépartementOise
40%
DépartementOise
40%
DépartementOrne
40%
DépartementOrne
40%
DépartementParis
40%
DépartementParis
40%
DépartementPas-de-Calais
40%
DépartementPas-de-Calais
40%
DépartementPas-de-Calais
40%
DépartementPuy-de-Dôme
40%
DépartementPuy-de-Dôme
40%
DépartementPuy-de-Dôme
40%
DépartementPuy-de-Dôme
40%
DépartementPuy-de-Dôme
40%
DépartementPuy-de-Dôme
40%
DépartementPyrénées-Atlantiques
40%
DépartementPyrénées-Atlantiques
40%
DépartementPyrénées-Orientales
40%
DépartementPyrénées-Orientales
40%
DépartementRhône (et métropole de Lyon)
40%
DépartementRhône (et métropole de Lyon)
40%
DépartementRhône (et métropole de Lyon)
40%
DépartementSaône-et-Loire
40%
DépartementSaône-et-Loire
40%
DépartementSarthe
40%
DépartementSarthe
40%
DépartementSavoie
40%
DépartementSavoie
40%
DépartementSeine-Maritime
40%
DépartementSeine-Maritime
40%
DépartementSeine-Maritime
40%
DépartementSeine-Maritime
40%
DépartementSeine-Maritime
40%
DépartementSeine-Saint-Denis
40%
DépartementSeine-Saint-Denis
40%
DépartementSeine-Saint-Denis
40%
DépartementSomme
40%
DépartementSomme
40%
DépartementTarn
40%
DépartementTarn
40%
DépartementTarn
40%
DépartementTarn
40%
DépartementTarn
40%
DépartementTarn
40%
DépartementTarn-et-Garonne
40%
DépartementTarn-et-Garonne
40%
DépartementTarn-et-Garonne
40%
DépartementTerritoire de Belfort
40%
DépartementTerritoire de Belfort
40%
DépartementTerritoire de Belfort
40%
DépartementVal-de-Marne
40%
DépartementVal-de-Marne
40%
DépartementVal-de-Marne
40%
DépartementVal-d'Oise
40%
DépartementVal-d'Oise
40%
DépartementVal-d'Oise
40%
DépartementVar
40%
DépartementVar
40%
DépartementVar
40%
DépartementVar
40%
DépartementVar
40%
DépartementVar
40%
DépartementVar
40%
DépartementVar
40%
DépartementVaucluse
40%
DépartementVaucluse
40%
DépartementVendée
40%
DépartementVendée
40%
DépartementVendée
40%
DépartementVendée
40%
DépartementVienne
40%
DépartementVienne
40%
DépartementVienne
40%
DépartementVosges
40%
DépartementVosges
40%
DépartementVosges
40%
DépartementVosges
40%
DépartementYonne
40%
DépartementYonne
40%
DépartementYonne
40%
DépartementYonne
40%
DépartementYonne
40%
DépartementYvelines
40%
DépartementYvelines
40%
DépartementAin
39%
DépartementAin
39%
DépartementAin
39%
DépartementAin
39%
DépartementAllier
39%
DépartementAlpes-de-Haute-Provence
39%
DépartementAlpes-de-Haute-Provence
39%
DépartementAlpes-de-Haute-Provence
39%
DépartementAlpes-de-Haute-Provence
39%
DépartementAlpes-Maritimes
39%
DépartementAlpes-Maritimes
39%
DépartementAlpes-Maritimes
39%
DépartementArdèche
39%
DépartementArdèche
39%
DépartementArdèche
39%
DépartementArdennes
39%
DépartementArdennes
39%
DépartementArdennes
39%
DépartementAriège
39%
DépartementAriège
39%
DépartementAube
39%
DépartementAube
39%
DépartementAude
39%
DépartementAude
39%
DépartementAveyron
39%
DépartementBas-Rhin
39%
DépartementBas-Rhin
39%
DépartementBas-Rhin
39%
DépartementBas-Rhin
39%
DépartementBouches-du-Rhône
39%
DépartementBouches-du-Rhône
39%
DépartementBouches-du-Rhône
39%
DépartementBouches-du-Rhône
39%
DépartementCalvados
39%
DépartementCalvados
39%
DépartementCalvados
39%
DépartementCantal
39%
DépartementCharente
39%
DépartementCharente-Maritime
39%
DépartementCharente-Maritime
39%
DépartementCharente-Maritime
39%
DépartementCher
39%
DépartementCher
39%
DépartementCher
39%
DépartementCher
39%
Département Corse-du-Sud
39%
DépartementCorse-du-Sud
39%
DépartementCorse-du-Sud
39%
DépartementCôte-d'Or
39%
DépartementCôte-d'Or
39%
DépartementCôte-d'Or
39%
DépartementCôtes-d'Armor
39%
DépartementCreuse
39%
DépartementCreuse
39%
DépartementDépartement mystère (Ardennes)
39%
DépartementDépartement mystère (Bas-Rhin)
39%
DépartementDépartement mystère (Creuse)
39%
DépartementDépartement mystère (Landes)
39%
DépartementDeux-Sèvres
39%
DépartementDeux-Sèvres
39%
DépartementDordogne
39%
DépartementDordogne
39%
DépartementDordogne
39%
DépartementDordogne
39%
DépartementDoubs
39%
DépartementDrôme
39%
DépartementDrôme
39%
DépartementEssonne
39%
DépartementEssonne
39%
DépartementEure
39%
DépartementEure
39%
DépartementEure-et-Loir
39%
DépartementEure-et-Loir
39%
DépartementEure-et-Loir
39%
DépartementFinistère
39%
DépartementFinistère
39%
DépartementFinistère
39%
Département Finistère
39%
DépartementFinistère
39%
DépartementGard
39%
DépartementGard
39%
DépartementGard
39%
DépartementGers
39%
DépartementGers
39%
DépartementGironde
39%
DépartementGironde
39%
DépartementGironde
39%
DépartementGironde
39%
DépartementGironde
39%
DépartementGironde
39%
DépartementGironde
39%
DépartementHaute-Corse
39%
DépartementHaute-Corse
39%
DépartementHaute-Corse
39%
DépartementHaute-Corse
39%
DépartementHaute-Garonne
39%
DépartementHaute-Garonne
39%
DépartementHaute-Garonne
39%
DépartementHaute-Loire
39%
DépartementHaute-Loire
39%
DépartementHaute-Loire
39%
DépartementHaute-Loire
39%
DépartementHaute-Marne
39%
DépartementHaute-Marne
39%
DépartementHaute-Marne
39%
DépartementHaute-Marne
39%
DépartementHaute-Marne
39%
DépartementHautes-Alpes
39%
DépartementHautes-Alpes
39%
DépartementHautes-Alpes
39%
DépartementHautes-Alpes
39%
DépartementHaute-Saône
39%
DépartementHaute-Savoie
39%
DépartementHaute-Savoie
39%
DépartementHaute-Savoie
39%
DépartementHautes-Pyrénées
39%
DépartementHautes-Pyrénées
39%
DépartementHaute-Vienne
39%
DépartementHaute-Vienne
39%
DépartementHaut-Rhin
39%
DépartementHaut-Rhin
39%
DépartementHauts-de-Seine
39%
DépartementHauts-de-Seine
39%
DépartementHauts-de-Seine
39%
DépartementHérault
39%
DépartementHérault
39%
DépartementHérault
39%
DépartementIlle-et-Vilaine
39%
DépartementIlle-et-Vilaine
39%
DépartementIndre
39%
DépartementIndre
39%
DépartementIndre
39%
DépartementIndre
39%
DépartementIndre
39%
DépartementIndre
39%
DépartementIndre
39%
DépartementIndre-et-Loire
39%
DépartementIsère
39%
DépartementIsère
39%
DépartementIsère
39%
DépartementIsère
39%
DépartementIsère
39%
DépartementIsère
39%
DépartementIsère
39%
DépartementJura
39%
DépartementJura
39%
DépartementLandes
39%
DépartementLandes
39%
DépartementLandes
39%
DépartementLoire-Atlantique
39%
DépartementLoire-Atlantique
39%
DépartementLoiret
39%
DépartementLoiret
39%
DépartementLoiret
39%
DépartementLoiret
39%
DépartementLoiret
39%
DépartementLoir-et-Cher
39%
DépartementLoir-et-Cher
39%
DépartementLoir-et-Cher
39%
DépartementLot
39%
DépartementLot
39%
DépartementLot
39%
DépartementLot
39%
DépartementLot
39%
DépartementLot
39%
DépartementLot-et-Garonne
39%
DépartementLot-et-Garonne
39%
DépartementLot-et-Garonne
39%
DépartementLozère
39%
DépartementLozère
39%
DépartementMaine-et-Loire
39%
DépartementMaine-et-Loire
39%
DépartementMaine-et-Loire
39%
DépartementManche
39%
DépartementManche
39%
DépartementMarne
39%
DépartementMarne
39%
DépartementMarne
39%
DépartementMarne
39%
DépartementMarne
39%
DépartementMayenne
39%
DépartementMeurthe-et-Moselle
39%
DépartementMeurthe-et-Moselle
39%
DépartementMeuse
39%
DépartementMeuse
39%
DépartementMorbihan
39%
DépartementMorbihan
39%
DépartementMoselle
39%
DépartementNièvre
39%
DépartementNord
39%
DépartementNord
39%
DépartementNord
39%
DépartementOise
39%
DépartementOise
39%
DépartementOise
39%
DépartementOrne
39%
DépartementOrne
39%
DépartementOrne
39%
DépartementOrne
39%
DépartementPas-de-Calais
39%
DépartementPas-de-Calais
39%
DépartementPas-de-Calais
39%
DépartementPuy-de-Dôme
39%
DépartementPuy-de-Dôme
39%
DépartementPuy-de-Dôme
39%
DépartementPuy-de-Dôme
39%
DépartementPuy-de-Dôme
39%
DépartementPyrénées-Atlantiques
39%
DépartementPyrénées-Atlantiques
39%
DépartementPyrénées-Orientales
39%
DépartementPyrénées-Orientales
39%
DépartementPyrénées-Orientales
39%
DépartementPyrénées-Orientales
39%
DépartementPyrénées-Orientales
39%
DépartementRhône (et métropole de Lyon)
39%
DépartementRhône (et métropole de Lyon)
39%
DépartementSaône-et-Loire
39%
DépartementSaône-et-Loire
39%
DépartementSarthe
39%
DépartementSarthe
39%
DépartementSavoie
39%
DépartementSavoie
39%
DépartementSavoie
39%
DépartementSavoie
39%
DépartementSeine-et-Marne
39%
DépartementSeine-et-Marne
39%
DépartementSeine-Maritime
39%
DépartementSeine-Maritime
39%
DépartementSeine-Maritime
39%
DépartementSeine-Maritime
39%
DépartementSeine-Maritime
39%
DépartementSeine-Maritime
39%
DépartementSeine-Maritime
39%
DépartementSeine-Saint-Denis
39%
DépartementSeine-Saint-Denis
39%
DépartementSomme
39%
DépartementTarn
39%
DépartementTarn
39%
DépartementTarn
39%
DépartementTarn
39%
DépartementTarn-et-Garonne
39%
DépartementTarn-et-Garonne
39%
DépartementTerritoire de Belfort
39%
DépartementTerritoire de Belfort
39%
DépartementTerritoire de Belfort
39%
DépartementTerritoire de Belfort
39%
DépartementVal-de-Marne
39%
DépartementVal-de-Marne
39%
DépartementVal-de-Marne
39%
DépartementVal-de-Marne
39%
DépartementVal-d'Oise
39%
DépartementVal-d'Oise
39%
DépartementVal-d'Oise
39%
DépartementVal-d'Oise
39%
DépartementVar
39%
DépartementVar
39%
DépartementVar
39%
DépartementVaucluse
39%
DépartementVaucluse
39%
DépartementVendée
39%
DépartementVienne
39%
DépartementVosges
39%
DépartementVosges
39%
DépartementYonne
39%
DépartementYonne
39%
DépartementYonne
39%
DépartementYvelines
39%
DépartementYvelines
39%
DépartementAin
38%
DépartementAisne
38%
DépartementAisne
38%
DépartementAisne
38%
DépartementAisne
38%
DépartementAllier
38%
DépartementAllier
38%
DépartementAllier
38%
DépartementAllier
38%
DépartementAllier
38%
DépartementAllier
38%
DépartementAllier
38%
DépartementAlpes-de-Haute-Provence
38%
DépartementAlpes-de-Haute-Provence
38%
DépartementAlpes-Maritimes
38%
DépartementAlpes-Maritimes
38%
DépartementAlpes-Maritimes
38%
DépartementArdèche
38%
DépartementArdennes
38%
DépartementArdennes
38%
DépartementArdennes
38%
DépartementArdennes
38%
DépartementArdennes
38%
DépartementAriège
38%
DépartementAriège
38%
DépartementAriège
38%
DépartementAriège
38%
DépartementAriège
38%
DépartementAube
38%
DépartementAube
38%
DépartementAude
38%
DépartementAude
38%
DépartementAude
38%
DépartementAveyron
38%
DépartementAveyron
38%
DépartementAveyron
38%
DépartementAveyron
38%
DépartementBas-Rhin
38%
DépartementBas-Rhin
38%
DépartementBas-Rhin
38%
DépartementBouches-du-Rhône
38%
DépartementBouches-du-Rhône
38%
DépartementBouches-du-Rhône
38%
DépartementCalvados
38%
DépartementCalvados
38%
DépartementCalvados
38%
DépartementCalvados
38%
DépartementCantal
38%
DépartementCantal
38%
DépartementCantal
38%
DépartementCharente
38%
DépartementCharente
38%
DépartementCharente
38%
DépartementCharente
38%
DépartementCharente
38%
DépartementCharente
38%
DépartementCharente-Maritime
38%
DépartementCharente-Maritime
38%
DépartementCharente-Maritime
38%
DépartementCharente-Maritime
38%
DépartementCher
38%
DépartementCher
38%
DépartementCher
38%
DépartementCher
38%
DépartementCorrèze
38%
DépartementCorrèze
38%
DépartementCorrèze
38%
DépartementCorrèze
38%
DépartementCorrèze
38%
Département Corse-du-Sud
38%
Département Corse-du-Sud
38%
Département Corse-du-Sud
38%
Département Corse-du-Sud
38%
Département Corse-du-Sud
38%
Département Corse-du-Sud
38%
DépartementCôte-d'Or
38%
DépartementCôte-d'Or
38%
DépartementCôte-d'Or
38%
DépartementCôtes-d'Armor
38%
DépartementCôtes-d'Armor
38%
DépartementCôtes-d'Armor
38%
DépartementCôtes-d'Armor
38%
DépartementCreuse
38%
DépartementCreuse
38%
DépartementCreuse
38%
DépartementCreuse
38%
DépartementDépartement mystère (Morbihan)
38%
DépartementDépartement mystère (Yvelines)
38%
DépartementDeux-Sèvres
38%
DépartementDeux-Sèvres
38%
DépartementDordogne
38%
DépartementDordogne
38%
DépartementDordogne
38%
DépartementDordogne
38%
DépartementDoubs
38%
DépartementDoubs
38%
DépartementDoubs
38%
DépartementDoubs
38%
DépartementDoubs
38%
DépartementDoubs
38%
DépartementDrôme
38%
DépartementDrôme
38%
DépartementDrôme
38%
DépartementEssonne
38%
DépartementEssonne
38%
DépartementEure
38%
DépartementEure
38%
DépartementEure
38%
DépartementEure
38%
DépartementEure-et-Loir
38%
DépartementEure-et-Loir
38%
DépartementEure-et-Loir
38%
Département Finistère
38%
DépartementFinistère
38%
DépartementFinistère
38%
DépartementGard
38%
DépartementGard
38%
DépartementGard
38%
DépartementGard
38%
DépartementGard
38%
DépartementGers
38%
DépartementGers
38%
DépartementGers
38%
DépartementGers
38%
DépartementGers
38%
DépartementGironde
38%
DépartementGironde
38%
DépartementGironde
38%
DépartementGironde
38%
DépartementGironde
38%
DépartementGironde
38%
DépartementGironde
38%
DépartementHaute-Corse
38%
DépartementHaute-Corse
38%
DépartementHaute-Corse
38%
DépartementHaute-Garonne
38%
DépartementHaute-Marne
38%
DépartementHaute-Marne
38%
DépartementHaute-Marne
38%
DépartementHaute-Marne
38%
DépartementHautes-Alpes
38%
DépartementHautes-Alpes
38%
DépartementHaute-Saône
38%
DépartementHaute-Saône
38%
DépartementHaute-Savoie
38%
DépartementHaute-Savoie
38%
DépartementHaute-Savoie
38%
DépartementHautes-Pyrénées
38%
DépartementHautes-Pyrénées
38%
DépartementHautes-Pyrénées
38%
DépartementHaute-Vienne
38%
DépartementHaute-Vienne
38%
DépartementHaut-Rhin
38%
DépartementHaut-Rhin
38%
DépartementHaut-Rhin
38%
DépartementHaut-Rhin
38%
DépartementHauts-de-Seine
38%
DépartementHauts-de-Seine
38%
DépartementHérault
38%
DépartementHérault
38%
DépartementIlle-et-Vilaine
38%
DépartementIlle-et-Vilaine
38%
DépartementIlle-et-Vilaine
38%
DépartementIlle-et-Vilaine
38%
DépartementIlle-et-Vilaine
38%
DépartementIndre
38%
DépartementIndre
38%
DépartementIndre
38%
DépartementIndre-et-Loire
38%
DépartementIndre-et-Loire
38%
DépartementIndre-et-Loire
38%
DépartementIndre-et-Loire
38%
DépartementIndre-et-Loire
38%
DépartementIsère
38%
DépartementIsère
38%
DépartementIsère
38%
DépartementIsère
38%
DépartementJura
38%
DépartementJura
38%
DépartementJura
38%
DépartementJura
38%
DépartementLandes
38%
DépartementLandes
38%
DépartementLandes
38%
DépartementLandes
38%
DépartementLandes
38%
DépartementLandes
38%
DépartementLandes
38%
DépartementLandes
38%
DépartementLoire
38%
DépartementLoire-Atlantique
38%
DépartementLoire-Atlantique
38%
DépartementLoire-Atlantique
38%
DépartementLoire-Atlantique
38%
DépartementLoire-Atlantique
38%
DépartementLoire-Atlantique
38%
DépartementLoiret
38%
DépartementLoiret
38%
DépartementLoiret
38%
DépartementLoiret
38%
DépartementLoiret
38%
DépartementLoiret
38%
DépartementLoiret
38%
DépartementLoir-et-Cher
38%
DépartementLoir-et-Cher
38%
DépartementLot
38%
DépartementLot
38%
DépartementLot
38%
DépartementLot
38%
DépartementLot
38%
DépartementLot
38%
DépartementLot
38%
DépartementLot-et-Garonne
38%
DépartementLot-et-Garonne
38%
DépartementLot-et-Garonne
38%
DépartementLozère
38%
DépartementLozère
38%
DépartementLozère
38%
DépartementLozère
38%
DépartementLozère
38%
DépartementMaine-et-Loire
38%
DépartementMaine-et-Loire
38%
DépartementMaine-et-Loire
38%
DépartementManche
38%
DépartementMarne
38%
DépartementMarne
38%
DépartementMayenne
38%
DépartementMayenne
38%
DépartementMeurthe-et-Moselle
38%
DépartementMeurthe-et-Moselle
38%
DépartementMeurthe-et-Moselle
38%
DépartementMeurthe-et-Moselle
38%
DépartementMeurthe-et-Moselle
38%
DépartementMeuse
38%
DépartementMeuse
38%
DépartementMeuse
38%
DépartementMeuse
38%
DépartementMeuse
38%
DépartementMorbihan
38%
DépartementMorbihan
38%
DépartementMorbihan
38%
DépartementMoselle
38%
DépartementMoselle
38%
DépartementMoselle
38%
DépartementMoselle
38%
DépartementNièvre
38%
DépartementNièvre
38%
Département Nord
38%
DépartementNord
38%
DépartementNord
38%
DépartementNord
38%
DépartementNord
38%
DépartementOise
38%
DépartementOrne
38%
DépartementOrne
38%
DépartementOrne
38%
DépartementOrne
38%
DépartementPas-de-Calais
38%
DépartementPas-de-Calais
38%
DépartementPuy-de-Dôme
38%
DépartementPyrénées-Atlantiques
38%
DépartementPyrénées-Atlantiques
38%
DépartementPyrénées-Atlantiques
38%
DépartementPyrénées-Orientales
38%
DépartementPyrénées-Orientales
38%
DépartementPyrénées-Orientales
38%
DépartementPyrénées-Orientales
38%
DépartementRhône (et métropole de Lyon)
38%
DépartementSarthe
38%
DépartementSarthe
38%
DépartementSarthe
38%
DépartementSarthe
38%
DépartementSavoie
38%
DépartementSavoie
38%
DépartementSavoie
38%
DépartementSavoie
38%
DépartementSeine-et-Marne
38%
DépartementSeine-et-Marne
38%
DépartementSeine-et-Marne
38%
DépartementSeine-et-Marne
38%
DépartementSeine-Maritime
38%
DépartementSeine-Maritime
38%
DépartementSeine-Maritime
38%
DépartementSeine-Saint-Denis
38%
DépartementSeine-Saint-Denis
38%
DépartementSeine-Saint-Denis
38%
DépartementSomme
38%
DépartementSomme
38%
DépartementSomme
38%
DépartementSomme
38%
DépartementTarn
38%
DépartementTarn-et-Garonne
38%
DépartementTarn-et-Garonne
38%
DépartementTarn-et-Garonne
38%
DépartementTarn-et-Garonne
38%
DépartementTerritoire de Belfort
38%
DépartementTerritoire de Belfort
38%
DépartementTerritoire de Belfort
38%
DépartementVal-de-Marne
38%
DépartementVal-de-Marne
38%
DépartementVal-de-Marne
38%
DépartementVal-de-Marne
38%
DépartementVal-de-Marne
38%
DépartementVal-d'Oise
38%
DépartementVal-d'Oise
38%
DépartementVal-d'Oise
38%
DépartementVal-d'Oise
38%
DépartementVal-d'Oise
38%
DépartementVar
38%
DépartementVar
38%
DépartementVar
38%
DépartementVar
38%
DépartementVaucluse
38%
DépartementVaucluse
38%
DépartementVaucluse
38%
DépartementVaucluse
38%
DépartementVendée
38%
DépartementVendée
38%
DépartementVendée
38%
DépartementVendée
38%
DépartementVendée
38%
DépartementVienne
38%
DépartementVienne
38%
DépartementVosges
38%
DépartementVosges
38%
DépartementVosges
38%
DépartementVosges
38%
DépartementVosges
38%
DépartementYonne
38%
DépartementYonne
38%
DépartementYonne
38%
DépartementYvelines
38%
DépartementYvelines
38%
DépartementAin
37%
DépartementAin
37%
DépartementAin
37%
DépartementAin
37%
DépartementAisne
37%
DépartementAisne
37%
DépartementAisne
37%
DépartementAisne
37%
DépartementAisne
37%
DépartementAllier
37%
DépartementAllier
37%
DépartementAllier
37%
DépartementAllier
37%
DépartementAllier
37%
DépartementAllier
37%
DépartementAllier
37%
DépartementAlpes-de-Haute-Provence
37%
DépartementAlpes-Maritimes
37%
DépartementAlpes-Maritimes
37%
DépartementAlpes-Maritimes
37%
DépartementArdèche
37%
DépartementArdèche
37%
DépartementArdèche
37%
DépartementArdèche
37%
DépartementArdèche
37%
DépartementArdèche
37%
DépartementArdèche
37%
DépartementArdèche
37%
DépartementAriège
37%
DépartementAriège
37%
DépartementAube
37%
DépartementAube
37%
DépartementAube
37%
DépartementAube
37%
DépartementAube
37%
DépartementAude
37%
DépartementAude
37%
DépartementAude
37%
DépartementAude
37%
DépartementAude
37%
DépartementAude
37%
DépartementAveyron
37%
DépartementAveyron
37%
DépartementAveyron
37%
DépartementAveyron
37%
DépartementBas-Rhin
37%
DépartementBas-Rhin
37%
DépartementBas-Rhin
37%
DépartementBas-Rhin
37%
DépartementBas-Rhin
37%
DépartementBouches-du-Rhône
37%
DépartementBouches-du-Rhône
37%
DépartementBouches-du-Rhône
37%
DépartementBouches-du-Rhône
37%
DépartementBouches-du-Rhône
37%
DépartementBouches-du-Rhône
37%
DépartementCalvados
37%
DépartementCalvados
37%
DépartementCalvados
37%
DépartementCharente
37%
DépartementCharente
37%
DépartementCharente
37%
DépartementCharente-Maritime
37%
DépartementCharente-Maritime
37%
DépartementCher
37%
DépartementCher
37%
DépartementCher
37%
DépartementCorrèze
37%
DépartementCorrèze
37%
DépartementCorrèze
37%
DépartementCorrèze
37%
Département Corse-du-Sud
37%
Département Corse-du-Sud
37%
DépartementCôte-d'Or
37%
DépartementCôte-d'Or
37%
DépartementCôte-d'Or
37%
DépartementCôte-d'Or
37%
DépartementCôte-d'Or
37%
DépartementCôtes-d'Armor
37%
DépartementCôtes-d'Armor
37%
DépartementCôtes-d'Armor
37%
DépartementCôtes-d'Armor
37%
DépartementCôtes-d'Armor
37%
DépartementCreuse
37%
DépartementCreuse
37%
DépartementCreuse
37%
DépartementCreuse
37%
DépartementCreuse
37%
DépartementCreuse
37%
DépartementCreuse
37%
DépartementDépartement mystère (Gard)
37%
DépartementDépartement mystère (Ille-et-Vilaine)
37%
DépartementDeux-Sèvres
37%
DépartementDordogne
37%
DépartementDordogne
37%
DépartementDoubs
37%
DépartementDrôme
37%
DépartementDrôme
37%
DépartementDrôme
37%
DépartementDrôme
37%
DépartementDrôme
37%
DépartementDrôme
37%
DépartementEssonne
37%
DépartementEssonne
37%
DépartementEssonne
37%
DépartementEssonne
37%
DépartementEure
37%
DépartementEure
37%
DépartementEure
37%
DépartementEure-et-Loir
37%
DépartementEure-et-Loir
37%
Département Finistère
37%
DépartementFinistère
37%
DépartementFinistère
37%
Département Finistère
37%
DépartementFinistère
37%
DépartementFinistère
37%
DépartementFinistère
37%
DépartementGard
37%
DépartementGard
37%
DépartementGard
37%
DépartementGard
37%
DépartementGers
37%
DépartementGers
37%
DépartementGers
37%
DépartementGers
37%
DépartementGers
37%
DépartementGironde
37%
DépartementGironde
37%
DépartementGironde
37%
DépartementGironde
37%
DépartementHaute-Corse
37%
DépartementHaute-Corse
37%
DépartementHaute-Corse
37%
DépartementHaute-Garonne
37%
DépartementHaute-Garonne
37%
DépartementHaute-Garonne
37%
DépartementHaute-Garonne
37%
DépartementHaute-Garonne
37%
DépartementHaute-Garonne
37%
DépartementHaute-Loire
37%
DépartementHaute-Loire
37%
DépartementHaute-Loire
37%
DépartementHaute-Marne
37%
DépartementHaute-Marne
37%
DépartementHautes-Alpes
37%
DépartementHautes-Alpes
37%
DépartementHaute-Saône
37%
DépartementHaute-Saône
37%
DépartementHaute-Saône
37%
DépartementHaute-Saône
37%
DépartementHaute-Savoie
37%
DépartementHaute-Savoie
37%
DépartementHautes-Pyrénées
37%
DépartementHautes-Pyrénées
37%
DépartementHaute-Vienne
37%
DépartementHaute-Vienne
37%
DépartementHaute-Vienne
37%
DépartementHaut-Rhin
37%
DépartementHaut-Rhin
37%
DépartementHaut-Rhin
37%
DépartementHauts-de-Seine
37%
DépartementHauts-de-Seine
37%
DépartementHérault
37%
DépartementHérault
37%
DépartementHérault
37%
DépartementHérault
37%
DépartementHérault
37%
DépartementIlle-et-Vilaine
37%
DépartementIlle-et-Vilaine
37%
DépartementIlle-et-Vilaine
37%
DépartementIlle-et-Vilaine
37%
DépartementIndre
37%
DépartementIndre
37%
DépartementIndre
37%
DépartementIndre
37%
DépartementIndre
37%
DépartementIndre
37%
DépartementIndre-et-Loire
37%
DépartementIsère
37%
DépartementJura
37%
DépartementJura
37%
DépartementJura
37%
DépartementJura
37%
DépartementJura
37%
DépartementJura
37%
DépartementJura
37%
DépartementJura
37%
DépartementLandes
37%
DépartementLandes
37%
DépartementLandes
37%
DépartementLoire
37%
DépartementLoire
37%
DépartementLoire-Atlantique
37%
DépartementLoire-Atlantique
37%
DépartementLoire-Atlantique
37%
DépartementLoire-Atlantique
37%
DépartementLoiret
37%
DépartementLoiret
37%
DépartementLoiret
37%
DépartementLoiret
37%
DépartementLoiret
37%
DépartementLoir-et-Cher
37%
DépartementLoir-et-Cher
37%
DépartementLoir-et-Cher
37%
DépartementLot
37%
DépartementLot-et-Garonne
37%
DépartementLot-et-Garonne
37%
DépartementLozère
37%
DépartementMaine-et-Loire
37%
DépartementMaine-et-Loire
37%
DépartementMaine-et-Loire
37%
DépartementMaine-et-Loire
37%
DépartementManche
37%
DépartementManche
37%
DépartementMarne
37%
DépartementMayenne
37%
DépartementMayenne
37%
DépartementMayenne
37%
DépartementMayenne
37%
DépartementMeurthe-et-Moselle
37%
DépartementMeurthe-et-Moselle
37%
DépartementMeurthe-et-Moselle
37%
DépartementMeuse
37%
DépartementMeuse
37%
DépartementMeuse
37%
DépartementMorbihan
37%
DépartementMorbihan
37%
DépartementMorbihan
37%
DépartementMorbihan
37%
DépartementMorbihan
37%
DépartementMorbihan
37%
DépartementMoselle
37%
DépartementMoselle
37%
DépartementMoselle
37%
DépartementMoselle
37%
DépartementMoselle
37%
DépartementNièvre
37%
DépartementNièvre
37%
DépartementNièvre
37%
Département Nord
37%
DépartementNord
37%
Département Nord
37%
DépartementOise
37%
DépartementOise
37%
DépartementOrne
37%
DépartementOrne
37%
DépartementOrne
37%
DépartementPas-de-Calais
37%
DépartementPas-de-Calais
37%
DépartementPas-de-Calais
37%
DépartementPas-de-Calais
37%
DépartementPuy-de-Dôme
37%
DépartementPuy-de-Dôme
37%
DépartementPuy-de-Dôme
37%
DépartementPyrénées-Atlantiques
37%
DépartementPyrénées-Orientales
37%
DépartementRhône (et métropole de Lyon)
37%
DépartementRhône (et métropole de Lyon)
37%
DépartementRhône (et métropole de Lyon)
37%
DépartementRhône (et métropole de Lyon)
37%
DépartementSaône-et-Loire
37%
DépartementSaône-et-Loire
37%
DépartementSaône-et-Loire
37%
DépartementSaône-et-Loire
37%
DépartementSarthe
37%
DépartementSavoie
37%
DépartementSavoie
37%
DépartementSavoie
37%
DépartementSavoie
37%
DépartementSeine-et-Marne
37%
DépartementSeine-et-Marne
37%
DépartementSeine-Saint-Denis
37%
DépartementSomme
37%
DépartementSomme
37%
DépartementSomme
37%
DépartementTarn
37%
DépartementTarn
37%
DépartementTarn-et-Garonne
37%
DépartementTerritoire de Belfort
37%
DépartementTerritoire de Belfort
37%
DépartementVal-de-Marne
37%
DépartementVal-d'Oise
37%
DépartementVal-d'Oise
37%
DépartementVar
37%
DépartementVar
37%
DépartementVar
37%
DépartementVar
37%
DépartementVaucluse
37%
DépartementVaucluse
37%
DépartementVaucluse
37%
DépartementVaucluse
37%
DépartementVendée
37%
DépartementVienne
37%
DépartementVienne
37%
DépartementVienne
37%
DépartementVienne
37%
DépartementVienne
37%
DépartementVosges
37%
DépartementVosges
37%
DépartementYonne
37%
DépartementYonne
37%
DépartementYonne
37%
DépartementYonne
37%
DépartementYvelines
37%
DépartementYvelines
37%
DépartementYvelines
37%
DépartementYvelines
37%
DépartementAin
36%
DépartementAisne
36%
DépartementAisne
36%
DépartementAlpes-de-Haute-Provence
36%
DépartementAlpes-de-Haute-Provence
36%
DépartementAlpes-de-Haute-Provence
36%
DépartementAlpes-de-Haute-Provence
36%
DépartementAlpes-de-Haute-Provence
36%
DépartementAlpes-Maritimes
36%
DépartementAlpes-Maritimes
36%
DépartementAlpes-Maritimes
36%
DépartementArdèche
36%
DépartementArdèche
36%
DépartementArdèche
36%
DépartementArdèche
36%
DépartementArdèche
36%
DépartementArdennes
36%
DépartementArdennes
36%
DépartementArdennes
36%
DépartementArdennes
36%
DépartementAriège
36%
DépartementAube
36%
DépartementAube
36%
DépartementAude
36%
DépartementAude
36%
DépartementAude
36%
DépartementAude
36%
DépartementAude
36%
DépartementAveyron
36%
DépartementAveyron
36%
DépartementAveyron
36%
DépartementBas-Rhin
36%
DépartementBouches-du-Rhône
36%
DépartementBouches-du-Rhône
36%
DépartementBouches-du-Rhône
36%
DépartementBouches-du-Rhône
36%
DépartementBouches-du-Rhône
36%
DépartementCalvados
36%
DépartementCalvados
36%
DépartementCalvados
36%
DépartementCantal
36%
DépartementCantal
36%
DépartementCantal
36%
DépartementCantal
36%
DépartementCantal
36%
DépartementCantal
36%
DépartementCantal
36%
DépartementCantal
36%
DépartementCantal
36%
DépartementCharente
36%
DépartementCharente
36%
DépartementCharente
36%
DépartementCharente
36%
DépartementCharente
36%
DépartementCharente-Maritime
36%
DépartementCharente-Maritime
36%
DépartementCharente-Maritime
36%
DépartementCher
36%
DépartementCher
36%
DépartementCher
36%
DépartementCher
36%
DépartementCher
36%
DépartementCorrèze
36%
DépartementCorrèze
36%
DépartementCorrèze
36%
Département Corse-du-Sud
36%
DépartementCorse-du-Sud
36%
Département Corse-du-Sud
36%
DépartementCôte-d'Or
36%
DépartementCôtes-d'Armor
36%
DépartementCreuse
36%
DépartementCreuse
36%
DépartementCreuse
36%
DépartementCreuse
36%
DépartementCreuse
36%
DépartementCreuse
36%
DépartementCreuse
36%
DépartementDépartement mystère (Oise)
36%
DépartementDeux-Sèvres
36%
DépartementDeux-Sèvres
36%
DépartementDeux-Sèvres
36%
DépartementDeux-Sèvres
36%
DépartementDeux-Sèvres
36%
DépartementDeux-Sèvres
36%
DépartementDordogne
36%
DépartementDordogne
36%
DépartementDordogne
36%
DépartementDordogne
36%
DépartementDordogne
36%
DépartementDoubs
36%
DépartementDoubs
36%
DépartementDoubs
36%
DépartementDoubs
36%
DépartementDoubs
36%
DépartementDoubs
36%
DépartementDrôme
36%
DépartementDrôme
36%
DépartementDrôme
36%
DépartementDrôme
36%
DépartementEssonne
36%
DépartementEssonne
36%
DépartementEure
36%
DépartementEure
36%
DépartementEure
36%
DépartementEure-et-Loir
36%
DépartementEure-et-Loir
36%
DépartementEure-et-Loir
36%
DépartementEure-et-Loir
36%
DépartementFinistère
36%
Département Finistère
36%
DépartementFinistère
36%
DépartementFinistère
36%
Département Finistère
36%
DépartementFinistère
36%
DépartementGard
36%
DépartementGard
36%
DépartementGard
36%
DépartementGers
36%
DépartementGers
36%
DépartementGers
36%
DépartementGers
36%
DépartementGers
36%
DépartementGironde
36%
DépartementGironde
36%
DépartementGironde
36%
DépartementHaute-Corse
36%
DépartementHaute-Corse
36%
DépartementHaute-Corse
36%
DépartementHaute-Garonne
36%
DépartementHaute-Garonne
36%
DépartementHaute-Garonne
36%
DépartementHaute-Garonne
36%
DépartementHaute-Garonne
36%
DépartementHaute-Loire
36%
DépartementHaute-Loire
36%
DépartementHaute-Loire
36%
DépartementHaute-Loire
36%
DépartementHaute-Marne
36%
DépartementHaute-Marne
36%
DépartementHaute-Marne
36%
DépartementHautes-Alpes
36%
DépartementHautes-Alpes
36%
DépartementHautes-Alpes
36%
DépartementHaute-Saône
36%
DépartementHaute-Saône
36%
DépartementHaute-Saône
36%
DépartementHaute-Savoie
36%
DépartementHaute-Savoie
36%
DépartementHaute-Savoie
36%
DépartementHaute-Savoie
36%
DépartementHaute-Savoie
36%
DépartementHaute-Savoie
36%
DépartementHaute-Savoie
36%
DépartementHaute-Savoie
36%
DépartementHautes-Pyrénées
36%
DépartementHautes-Pyrénées
36%
DépartementHaute-Vienne
36%
DépartementHaute-Vienne
36%
DépartementHaute-Vienne
36%
DépartementHaut-Rhin
36%
DépartementHaut-Rhin
36%
DépartementHaut-Rhin
36%
DépartementHauts-de-Seine
36%
DépartementHauts-de-Seine
36%
DépartementHérault
36%
DépartementHérault
36%
DépartementHérault
36%
DépartementHérault
36%
DépartementHérault
36%
DépartementIlle-et-Vilaine
36%
DépartementIlle-et-Vilaine
36%
DépartementIndre
36%
DépartementIndre-et-Loire
36%
DépartementIndre-et-Loire
36%
DépartementIndre-et-Loire
36%
DépartementIndre-et-Loire
36%
DépartementIndre-et-Loire
36%
DépartementIsère
36%
DépartementIsère
36%
DépartementIsère
36%
DépartementIsère
36%
DépartementIsère
36%
DépartementIsère
36%
DépartementJura
36%
DépartementJura
36%
DépartementJura
36%
DépartementJura
36%
DépartementLandes
36%
DépartementLandes
36%
DépartementLandes
36%
DépartementLandes
36%
DépartementLandes
36%
DépartementLandes
36%
DépartementLoire
36%
DépartementLoire-Atlantique
36%
DépartementLoire-Atlantique
36%
DépartementLoiret
36%
DépartementLoiret
36%
DépartementLoiret
36%
DépartementLoiret
36%
DépartementLoiret
36%
DépartementLoir-et-Cher
36%
DépartementLoir-et-Cher
36%
DépartementLoir-et-Cher
36%
DépartementLoir-et-Cher
36%
DépartementLot
36%
DépartementLot
36%
DépartementLot
36%
DépartementLot
36%
DépartementLot
36%
DépartementLot
36%
DépartementLot
36%
DépartementLot-et-Garonne
36%
DépartementLot-et-Garonne
36%
DépartementLot-et-Garonne
36%
DépartementLot-et-Garonne
36%
DépartementLozère
36%
DépartementLozère
36%
DépartementLozère
36%
DépartementMaine-et-Loire
36%
DépartementMaine-et-Loire
36%
DépartementMaine-et-Loire
36%
DépartementManche
36%
DépartementManche
36%
DépartementManche
36%
DépartementManche
36%
DépartementManche
36%
DépartementMarne
36%
DépartementMarne
36%
DépartementMayenne
36%
DépartementMayenne
36%
DépartementMeurthe-et-Moselle
36%
DépartementMeuse
36%
DépartementMeuse
36%
DépartementMeuse
36%
DépartementMorbihan
36%
DépartementMorbihan
36%
DépartementMorbihan
36%
DépartementMorbihan
36%
DépartementMoselle
36%
DépartementMoselle
36%
DépartementMoselle
36%
DépartementMoselle
36%
DépartementNièvre
36%
DépartementNièvre
36%
DépartementNièvre
36%
DépartementNièvre
36%
DépartementNièvre
36%
DépartementNièvre
36%
DépartementNord
36%
DépartementNord
36%
DépartementOise
36%
DépartementOise
36%
DépartementOise
36%
DépartementOrne
36%
DépartementOrne
36%
DépartementOrne
36%
DépartementOrne
36%
DépartementPas-de-Calais
36%
DépartementPas-de-Calais
36%
DépartementPas-de-Calais
36%
DépartementPuy-de-Dôme
36%
DépartementPuy-de-Dôme
36%
DépartementPuy-de-Dôme
36%
DépartementPuy-de-Dôme
36%
DépartementPyrénées-Atlantiques
36%
DépartementPyrénées-Atlantiques
36%
DépartementPyrénées-Atlantiques
36%
DépartementPyrénées-Atlantiques
36%
DépartementPyrénées-Atlantiques
36%
DépartementPyrénées-Orientales
36%
DépartementPyrénées-Orientales
36%
DépartementPyrénées-Orientales
36%
DépartementPyrénées-Orientales
36%
DépartementPyrénées-Orientales
36%
DépartementSaône-et-Loire
36%
DépartementSaône-et-Loire
36%
DépartementSaône-et-Loire
36%
DépartementSaône-et-Loire
36%
DépartementSaône-et-Loire
36%
DépartementSarthe
36%
DépartementSarthe
36%
DépartementSarthe
36%
DépartementSarthe
36%
DépartementSarthe
36%
DépartementSarthe
36%
DépartementSarthe
36%
DépartementSavoie
36%
DépartementSavoie
36%
DépartementSavoie
36%
DépartementSavoie
36%
DépartementSavoie
36%
DépartementSavoie
36%
DépartementSeine-et-Marne
36%
DépartementSeine-et-Marne
36%
DépartementSeine-et-Marne
36%
DépartementSeine-Saint-Denis
36%
DépartementSeine-Saint-Denis
36%
DépartementSomme
36%
DépartementSomme
36%
DépartementTarn
36%
DépartementTarn
36%
DépartementTarn
36%
DépartementTarn
36%
DépartementTarn
36%
DépartementTarn
36%
DépartementTarn-et-Garonne
36%
DépartementTarn-et-Garonne
36%
DépartementTarn-et-Garonne
36%
DépartementTerritoire de Belfort
36%
DépartementTerritoire de Belfort
36%
DépartementTerritoire de Belfort
36%
DépartementTerritoire de Belfort
36%
DépartementTerritoire de Belfort
36%
DépartementTerritoire de Belfort
36%
DépartementVal-de-Marne
36%
DépartementVal-de-Marne
36%
DépartementVal-d'Oise
36%
DépartementVar
36%
DépartementVar
36%
DépartementVaucluse
36%
DépartementVaucluse
36%
DépartementVaucluse
36%
DépartementVaucluse
36%
DépartementVendée
36%
DépartementVendée
36%
DépartementVendée
36%
DépartementVendée
36%
DépartementVendée
36%
DépartementVendée
36%
DépartementVendée
36%
DépartementVendée
36%
DépartementVendée
36%
DépartementVienne
36%
DépartementVienne
36%
DépartementVienne
36%
DépartementVienne
36%
DépartementVienne
36%
DépartementVosges
36%
DépartementVosges
36%
DépartementVosges
36%
DépartementVosges
36%
DépartementYonne
36%
DépartementYonne
36%
DépartementYonne
36%
DépartementYonne
36%
DépartementYonne
36%
DépartementYvelines
36%
DépartementYvelines
36%
DépartementAin
35%
DépartementAin
35%
DépartementAin
35%
DépartementAisne
35%
DépartementAisne
35%
DépartementAisne
35%
DépartementAisne
35%
DépartementAisne
35%
DépartementAisne
35%
DépartementAllier
35%
DépartementAllier
35%
DépartementAllier
35%
DépartementAllier
35%
DépartementAllier
35%
DépartementAlpes-de-Haute-Provence
35%
DépartementAlpes-de-Haute-Provence
35%
DépartementAlpes-Maritimes
35%
DépartementAlpes-Maritimes
35%
DépartementAlpes-Maritimes
35%
DépartementAlpes-Maritimes
35%
DépartementAlpes-Maritimes
35%
DépartementAlpes-Maritimes
35%
DépartementArdèche
35%
DépartementArdèche
35%
DépartementArdèche
35%
DépartementArdennes
35%
DépartementArdennes
35%
DépartementArdennes
35%
DépartementArdennes
35%
DépartementAriège
35%
DépartementAriège
35%
DépartementAriège
35%
DépartementAriège
35%
DépartementAube
35%
DépartementAube
35%
DépartementAube
35%
DépartementAude
35%
DépartementAude
35%
DépartementAude
35%
DépartementAude
35%
DépartementAude
35%
DépartementAude
35%
DépartementAude
35%
DépartementAveyron
35%
DépartementAveyron
35%
DépartementAveyron
35%
DépartementAveyron
35%
DépartementAveyron
35%
DépartementAveyron
35%
DépartementAveyron
35%
DépartementAveyron
35%
DépartementBas-Rhin
35%
DépartementBas-Rhin
35%
DépartementBas-Rhin
35%
DépartementBas-Rhin
35%
DépartementBouches-du-Rhône
35%
DépartementBouches-du-Rhône
35%
DépartementBouches-du-Rhône
35%
DépartementBouches-du-Rhône
35%
DépartementBouches-du-Rhône
35%
DépartementCalvados
35%
DépartementCalvados
35%
DépartementCalvados
35%
DépartementCantal
35%
DépartementCantal
35%
DépartementCantal
35%
DépartementCantal
35%
DépartementCharente
35%
DépartementCharente
35%
DépartementCharente
35%
DépartementCharente
35%
DépartementCharente
35%
DépartementCharente
35%
DépartementCharente-Maritime
35%
DépartementCharente-Maritime
35%
DépartementCharente-Maritime
35%
DépartementCharente-Maritime
35%
DépartementCher
35%
DépartementCher
35%
DépartementCher
35%
DépartementCher
35%
DépartementCher
35%
DépartementCorrèze
35%
Département Corse-du-Sud
35%
Département Corse-du-Sud
35%
DépartementCôte-d'Or
35%
DépartementCôte-d'Or
35%
DépartementCôte-d'Or
35%
DépartementCôte-d'Or
35%
DépartementCôte-d'Or
35%
DépartementCôtes-d'Armor
35%
DépartementCôtes-d'Armor
35%
DépartementCôtes-d'Armor
35%
DépartementCreuse
35%
DépartementCreuse
35%
DépartementDépartement mystère (Alpes-Maritimes)
35%
DépartementDépartement mystère (Calvados)
35%
DépartementDépartement mystère (Manche)
35%
DépartementDépartement mystère (Marne)
35%
DépartementDépartement mystère (Puy-de-Dôme)
35%
DépartementDépartement mystère (Seine-Saint-Denis)
35%
DépartementDeux-Sèvres
35%
DépartementDordogne
35%
DépartementDordogne
35%
DépartementDordogne
35%
DépartementDordogne
35%
DépartementDordogne
35%
DépartementDoubs
35%
DépartementDoubs
35%
DépartementDoubs
35%
DépartementDrôme
35%
DépartementDrôme
35%
DépartementEssonne
35%
DépartementEssonne
35%
DépartementEssonne
35%
DépartementEure
35%
DépartementEure
35%
DépartementEure
35%
DépartementEure
35%
DépartementEure
35%
DépartementEure-et-Loir
35%
DépartementEure-et-Loir
35%
DépartementEure-et-Loir
35%
DépartementEure-et-Loir
35%
DépartementEure-et-Loir
35%
DépartementFinistère
35%
DépartementFinistère
35%
DépartementFinistère
35%
DépartementFinistère
35%
DépartementGard
35%
DépartementGard
35%
DépartementGard
35%
DépartementGard
35%
DépartementGard
35%
DépartementGard
35%
DépartementGard
35%
DépartementGers
35%
DépartementGers
35%
DépartementGers
35%
DépartementGers
35%
DépartementGers
35%
DépartementGers
35%
DépartementGironde
35%
DépartementGironde
35%
DépartementGironde
35%
DépartementGironde
35%
DépartementGironde
35%
DépartementGironde
35%
DépartementHaute-Corse
35%
DépartementHaute-Garonne
35%
DépartementHaute-Garonne
35%
DépartementHaute-Garonne
35%
DépartementHaute-Garonne
35%
DépartementHaute-Garonne
35%
DépartementHaute-Loire
35%
DépartementHaute-Loire
35%
DépartementHaute-Loire
35%
DépartementHaute-Loire
35%
DépartementHaute-Marne
35%
DépartementHaute-Marne
35%
DépartementHaute-Marne
35%
DépartementHaute-Marne
35%
DépartementHautes-Alpes
35%
DépartementHautes-Alpes
35%
DépartementHautes-Alpes
35%
DépartementHautes-Alpes
35%
DépartementHaute-Saône
35%
DépartementHaute-Saône
35%
DépartementHaute-Saône
35%
DépartementHaute-Saône
35%
DépartementHaute-Savoie
35%
DépartementHaute-Savoie
35%
DépartementHaute-Savoie
35%
DépartementHautes-Pyrénées
35%
DépartementHautes-Pyrénées
35%
DépartementHautes-Pyrénées
35%
DépartementHautes-Pyrénées
35%
DépartementHautes-Pyrénées
35%
DépartementHautes-Pyrénées
35%
DépartementHautes-Pyrénées
35%
DépartementHaute-Vienne
35%
DépartementHaut-Rhin
35%
DépartementHaut-Rhin
35%
DépartementHaut-Rhin
35%
DépartementHaut-Rhin
35%
DépartementHaut-Rhin
35%
DépartementHaut-Rhin
35%
DépartementHauts-de-Seine
35%
DépartementHauts-de-Seine
35%
DépartementHauts-de-Seine
35%
DépartementHérault
35%
DépartementHérault
35%
DépartementHérault
35%
DépartementHérault
35%
DépartementHérault
35%
DépartementIlle-et-Vilaine
35%
DépartementIlle-et-Vilaine
35%
DépartementIlle-et-Vilaine
35%
DépartementIlle-et-Vilaine
35%
DépartementIndre
35%
DépartementIndre
35%
DépartementIndre
35%
DépartementIndre
35%
DépartementIndre
35%
DépartementIndre
35%
DépartementIndre-et-Loire
35%
DépartementIndre-et-Loire
35%
DépartementIndre-et-Loire
35%
DépartementIndre-et-Loire
35%
DépartementIsère
35%
DépartementIsère
35%
DépartementIsère
35%
DépartementIsère
35%
DépartementIsère
35%
DépartementIsère
35%
DépartementIsère
35%
DépartementIsère
35%
DépartementIsère
35%
DépartementJura
35%
DépartementJura
35%
DépartementJura
35%
DépartementLandes
35%
DépartementLandes
35%
DépartementLandes
35%
DépartementLoire-Atlantique
35%
DépartementLoire-Atlantique
35%
DépartementLoiret
35%
DépartementLoiret
35%
DépartementLoiret
35%
DépartementLoiret
35%
DépartementLoiret
35%
DépartementLoiret
35%
DépartementLoir-et-Cher
35%
DépartementLoir-et-Cher
35%
DépartementLoir-et-Cher
35%
DépartementLoir-et-Cher
35%
DépartementLot
35%
DépartementLot
35%
DépartementLot
35%
DépartementLot
35%
DépartementLot
35%
DépartementLot-et-Garonne
35%
DépartementLot-et-Garonne
35%
DépartementLot-et-Garonne
35%
DépartementLot-et-Garonne
35%
DépartementLot-et-Garonne
35%
DépartementLozère
35%
DépartementLozère
35%
DépartementLozère
35%
DépartementLozère
35%
DépartementMaine-et-Loire
35%
DépartementMaine-et-Loire
35%
DépartementMaine-et-Loire
35%
DépartementMaine-et-Loire
35%
DépartementManche
35%
DépartementManche
35%
DépartementManche
35%
DépartementManche
35%
DépartementManche
35%
DépartementMarne
35%
DépartementMarne
35%
DépartementMarne
35%
DépartementMayenne
35%
DépartementMayenne
35%
DépartementMayenne
35%
DépartementMayenne
35%
DépartementMeurthe-et-Moselle
35%
DépartementMeurthe-et-Moselle
35%
DépartementMeurthe-et-Moselle
35%
DépartementMeurthe-et-Moselle
35%
DépartementMeuse
35%
DépartementMorbihan
35%
DépartementMorbihan
35%
DépartementMorbihan
35%
DépartementMorbihan
35%
DépartementMoselle
35%
DépartementMoselle
35%
DépartementMoselle
35%
DépartementMoselle
35%
DépartementMoselle
35%
DépartementNièvre
35%
DépartementNièvre
35%
DépartementNièvre
35%
DépartementNièvre
35%
DépartementNord
35%
Département Nord
35%
DépartementNord
35%
DépartementNord
35%
DépartementOise
35%
DépartementOise
35%
DépartementOise
35%
DépartementOise
35%
DépartementOise
35%
DépartementOise
35%
DépartementOrne
35%
DépartementOrne
35%
DépartementOrne
35%
DépartementParis
35%
DépartementPas-de-Calais
35%
DépartementPas-de-Calais
35%
DépartementPas-de-Calais
35%
DépartementPuy-de-Dôme
35%
DépartementPuy-de-Dôme
35%
DépartementPuy-de-Dôme
35%
DépartementPyrénées-Atlantiques
35%
DépartementPyrénées-Atlantiques
35%
DépartementPyrénées-Atlantiques
35%
DépartementPyrénées-Atlantiques
35%
DépartementPyrénées-Atlantiques
35%
DépartementPyrénées-Orientales
35%
DépartementPyrénées-Orientales
35%
DépartementPyrénées-Orientales
35%
DépartementRhône (et métropole de Lyon)
35%
DépartementRhône (et métropole de Lyon)
35%
DépartementSaône-et-Loire
35%
DépartementSaône-et-Loire
35%
DépartementSarthe
35%
DépartementSarthe
35%
DépartementSavoie
35%
DépartementSavoie
35%
DépartementSavoie
35%
DépartementSeine-et-Marne
35%
DépartementSeine-et-Marne
35%
DépartementSeine-et-Marne
35%
DépartementSeine-et-Marne
35%
DépartementSeine-Maritime
35%
DépartementSeine-Maritime
35%
DépartementSeine-Maritime
35%
DépartementSeine-Maritime
35%
DépartementSeine-Saint-Denis
35%
DépartementSeine-Saint-Denis
35%
DépartementSeine-Saint-Denis
35%
DépartementSomme
35%
DépartementSomme
35%
DépartementSomme
35%
DépartementTarn
35%
DépartementTarn
35%
DépartementTarn
35%
DépartementTarn
35%
DépartementTarn
35%
DépartementTarn-et-Garonne
35%
DépartementTarn-et-Garonne
35%
DépartementTarn-et-Garonne
35%
DépartementTarn-et-Garonne
35%
DépartementTerritoire de Belfort
35%
DépartementTerritoire de Belfort
35%
DépartementVal-de-Marne
35%
DépartementVal-de-Marne
35%
DépartementVal-de-Marne
35%
DépartementVal-de-Marne
35%
DépartementVal-de-Marne
35%
DépartementVal-de-Marne
35%
DépartementVal-d'Oise
35%
DépartementVal-d'Oise
35%
DépartementVal-d'Oise
35%
DépartementVal-d'Oise
35%
DépartementVal-d'Oise
35%
DépartementVar
35%
DépartementVar
35%
DépartementVar
35%
DépartementVar
35%
DépartementVar
35%
DépartementVaucluse
35%
DépartementVaucluse
35%
DépartementVaucluse
35%
DépartementVaucluse
35%
DépartementVaucluse
35%
DépartementVaucluse
35%
DépartementVaucluse
35%
DépartementVendée
35%
DépartementVendée
35%
DépartementVienne
35%
DépartementVienne
35%
DépartementVosges
35%
DépartementVosges
35%
DépartementVosges
35%
DépartementVosges
35%
DépartementVosges
35%
DépartementVosges
35%
DépartementYonne
35%
DépartementYvelines
35%
DépartementYvelines
35%
DépartementYvelines
35%
DépartementAin
34%
DépartementAin
34%
DépartementAin
34%
DépartementAin
34%
DépartementAisne
34%
DépartementAisne
34%
DépartementAisne
34%
DépartementAllier
34%
DépartementAllier
34%
DépartementAllier
34%
DépartementAlpes-de-Haute-Provence
34%
DépartementAlpes-de-Haute-Provence
34%
DépartementAlpes-de-Haute-Provence
34%
DépartementAlpes-de-Haute-Provence
34%
DépartementAlpes-de-Haute-Provence
34%
DépartementAlpes-Maritimes
34%
DépartementAlpes-Maritimes
34%
DépartementAlpes-Maritimes
34%
DépartementAlpes-Maritimes
34%
DépartementAlpes-Maritimes
34%
DépartementAlpes-Maritimes
34%
DépartementAlpes-Maritimes
34%
DépartementAlpes-Maritimes
34%
DépartementAlpes-Maritimes
34%
DépartementAlpes-Maritimes
34%
DépartementArdèche
34%
DépartementArdèche
34%
DépartementArdèche
34%
DépartementArdèche
34%
DépartementArdennes
34%
DépartementArdennes
34%
DépartementArdennes
34%
DépartementAriège
34%
DépartementAriège
34%
DépartementAriège
34%
DépartementAriège
34%
DépartementAriège
34%
DépartementAriège
34%
DépartementAube
34%
DépartementAube
34%
DépartementAube
34%
DépartementAube
34%
DépartementAube
34%
DépartementAube
34%
DépartementAube
34%
DépartementAude
34%
DépartementAude
34%
DépartementAude
34%
DépartementAveyron
34%
DépartementAveyron
34%
DépartementAveyron
34%
DépartementAveyron
34%
DépartementBas-Rhin
34%
DépartementBas-Rhin
34%
DépartementBas-Rhin
34%
DépartementBas-Rhin
34%
DépartementBouches-du-Rhône
34%
DépartementBouches-du-Rhône
34%
DépartementBouches-du-Rhône
34%
DépartementBouches-du-Rhône
34%
DépartementBouches-du-Rhône
34%
DépartementBouches-du-Rhône
34%
DépartementBouches-du-Rhône
34%
DépartementCalvados
34%
DépartementCalvados
34%
DépartementCalvados
34%
DépartementCalvados
34%
DépartementCalvados
34%
DépartementCalvados
34%
DépartementCantal
34%
DépartementCantal
34%
DépartementCantal
34%
DépartementCantal
34%
DépartementCantal
34%
DépartementCantal
34%
DépartementCharente
34%
DépartementCharente
34%
DépartementCharente
34%
DépartementCharente
34%
DépartementCharente-Maritime
34%
DépartementCharente-Maritime
34%
DépartementCharente-Maritime
34%
DépartementCher
34%
DépartementCher
34%
DépartementCorrèze
34%
DépartementCorrèze
34%
DépartementCorrèze
34%
DépartementCorrèze
34%
DépartementCorrèze
34%
Département Corse-du-Sud
34%
Département Corse-du-Sud
34%
Département Corse-du-Sud
34%
DépartementCorse-du-Sud
34%
DépartementCôte-d'Or
34%
DépartementCôte-d'Or
34%
DépartementCôte-d'Or
34%
DépartementCôte-d'Or
34%
DépartementCôtes-d'Armor
34%
DépartementCôtes-d'Armor
34%
DépartementCôtes-d'Armor
34%
DépartementCôtes-d'Armor
34%
DépartementCôtes-d'Armor
34%
DépartementCôtes-d'Armor
34%
DépartementCreuse
34%
DépartementCreuse
34%
DépartementCreuse
34%
DépartementDépartement mystère (Aisne)
34%
DépartementDeux-Sèvres
34%
DépartementDeux-Sèvres
34%
DépartementDeux-Sèvres
34%
DépartementDeux-Sèvres
34%
DépartementDeux-Sèvres
34%
DépartementDeux-Sèvres
34%
DépartementDeux-Sèvres
34%
DépartementDordogne
34%
DépartementDordogne
34%
DépartementDoubs
34%
DépartementDoubs
34%
DépartementDoubs
34%
DépartementDoubs
34%
DépartementDrôme
34%
DépartementDrôme
34%
DépartementDrôme
34%
DépartementDrôme
34%
DépartementDrôme
34%
DépartementDrôme
34%
DépartementEssonne
34%
DépartementEssonne
34%
DépartementEssonne
34%
DépartementEssonne
34%
DépartementEure
34%
DépartementEure
34%
DépartementEure
34%
DépartementEure-et-Loir
34%
DépartementFinistère
34%
DépartementFinistère
34%
DépartementFinistère
34%
DépartementFinistère
34%
DépartementGard
34%
DépartementGard
34%
DépartementGard
34%
DépartementGard
34%
DépartementGard
34%
DépartementGard
34%
DépartementGers
34%
DépartementGers
34%
DépartementGironde
34%
DépartementGironde
34%
DépartementGironde
34%
DépartementGironde
34%
DépartementHaute-Corse
34%
DépartementHaute-Corse
34%
DépartementHaute-Corse
34%
DépartementHaute-Corse
34%
DépartementHaute-Corse
34%
DépartementHaute-Garonne
34%
DépartementHaute-Garonne
34%
DépartementHaute-Garonne
34%
DépartementHaute-Garonne
34%
DépartementHaute-Garonne
34%
DépartementHaute-Loire
34%
DépartementHaute-Loire
34%
DépartementHaute-Loire
34%
DépartementHaute-Loire
34%
DépartementHaute-Loire
34%
DépartementHaute-Loire
34%
DépartementHaute-Loire
34%
DépartementHaute-Loire
34%
DépartementHaute-Loire
34%
DépartementHaute-Marne
34%
DépartementHaute-Marne
34%
DépartementHaute-Marne
34%
DépartementHaute-Marne
34%
DépartementHautes-Alpes
34%
DépartementHautes-Alpes
34%
DépartementHautes-Alpes
34%
DépartementHautes-Alpes
34%
DépartementHautes-Alpes
34%
DépartementHautes-Alpes
34%
DépartementHautes-Alpes
34%
DépartementHautes-Alpes
34%
DépartementHaute-Saône
34%
DépartementHaute-Saône
34%
DépartementHaute-Saône
34%
DépartementHaute-Saône
34%
DépartementHaute-Saône
34%
DépartementHaute-Savoie
34%
DépartementHaute-Savoie
34%
DépartementHaute-Savoie
34%
DépartementHautes-Pyrénées
34%
DépartementHautes-Pyrénées
34%
DépartementHaute-Vienne
34%
DépartementHaute-Vienne
34%
DépartementHaute-Vienne
34%
DépartementHaute-Vienne
34%
DépartementHaut-Rhin
34%
DépartementHaut-Rhin
34%
DépartementHauts-de-Seine
34%
DépartementHauts-de-Seine
34%
DépartementHauts-de-Seine
34%
DépartementHauts-de-Seine
34%
DépartementHauts-de-Seine
34%
DépartementHérault
34%
DépartementHérault
34%
DépartementHérault
34%
DépartementHérault
34%
DépartementHérault
34%
DépartementIlle-et-Vilaine
34%
DépartementIlle-et-Vilaine
34%
DépartementIlle-et-Vilaine
34%
DépartementIlle-et-Vilaine
34%
DépartementIlle-et-Vilaine
34%
DépartementIndre
34%
DépartementIndre
34%
DépartementIndre
34%
DépartementIndre
34%
DépartementIndre-et-Loire
34%
DépartementIndre-et-Loire
34%
DépartementIsère
34%
DépartementIsère
34%
DépartementIsère
34%
DépartementJura
34%
DépartementLandes
34%
DépartementLandes
34%
DépartementLandes
34%
DépartementLandes
34%
DépartementLandes
34%
DépartementLandes
34%
DépartementLandes
34%
DépartementLoire-Atlantique
34%
DépartementLoire-Atlantique
34%
DépartementLoire-Atlantique
34%
DépartementLoire-Atlantique
34%
DépartementLoire-Atlantique
34%
DépartementLoire-Atlantique
34%
DépartementLoiret
34%
DépartementLoiret
34%
DépartementLoiret
34%
DépartementLoiret
34%
DépartementLoiret
34%
DépartementLoir-et-Cher
34%
DépartementLoir-et-Cher
34%
DépartementLoir-et-Cher
34%
DépartementLoir-et-Cher
34%
DépartementLoir-et-Cher
34%
DépartementLoir-et-Cher
34%
DépartementLoir-et-Cher
34%
DépartementLot
34%
DépartementLot
34%
DépartementLot
34%
DépartementLot
34%
DépartementLot
34%
DépartementLot
34%
DépartementLot
34%
DépartementLot
34%
DépartementLot-et-Garonne
34%
DépartementLot-et-Garonne
34%
DépartementLot-et-Garonne
34%
DépartementLot-et-Garonne
34%
DépartementLot-et-Garonne
34%
DépartementLozère
34%
DépartementLozère
34%
DépartementLozère
34%
DépartementLozère
34%
DépartementLozère
34%
DépartementLozère
34%
DépartementLozère
34%
DépartementLozère
34%
DépartementLozère
34%
DépartementMaine-et-Loire
34%
DépartementMaine-et-Loire
34%
DépartementManche
34%
DépartementManche
34%
DépartementManche
34%
DépartementMarne
34%
DépartementMarne
34%
DépartementMarne
34%
DépartementMarne
34%
DépartementMarne
34%
DépartementMayenne
34%
DépartementMayenne
34%
DépartementMayenne
34%
DépartementMayenne
34%
DépartementMayenne
34%
DépartementMayenne
34%
DépartementMayenne
34%
DépartementMeurthe-et-Moselle
34%
DépartementMeurthe-et-Moselle
34%
DépartementMeurthe-et-Moselle
34%
DépartementMeurthe-et-Moselle
34%
DépartementMeuse
34%
DépartementMeuse
34%
DépartementMeuse
34%
DépartementMeuse
34%
DépartementMeuse
34%
DépartementMeuse
34%
DépartementMeuse
34%
DépartementMorbihan
34%
DépartementMorbihan
34%
DépartementMorbihan
34%
DépartementMorbihan
34%
DépartementMoselle
34%
DépartementMoselle
34%
DépartementNièvre
34%
DépartementNièvre
34%
DépartementNièvre
34%
DépartementNièvre
34%
DépartementNièvre
34%
DépartementNièvre
34%
DépartementNord
34%
DépartementOise
34%
DépartementOise
34%
DépartementOrne
34%
DépartementOrne
34%
DépartementOrne
34%
DépartementOrne
34%
DépartementPas-de-Calais
34%
DépartementPas-de-Calais
34%
DépartementPas-de-Calais
34%
DépartementPuy-de-Dôme
34%
DépartementPuy-de-Dôme
34%
DépartementPuy-de-Dôme
34%
DépartementPuy-de-Dôme
34%
DépartementPuy-de-Dôme
34%
DépartementPuy-de-Dôme
34%
DépartementPuy-de-Dôme
34%
DépartementPuy-de-Dôme
34%
DépartementPuy-de-Dôme
34%
DépartementPuy-de-Dôme
34%
DépartementPyrénées-Atlantiques
34%
DépartementPyrénées-Atlantiques
34%
DépartementPyrénées-Atlantiques
34%
DépartementPyrénées-Atlantiques
34%
DépartementPyrénées-Atlantiques
34%
DépartementPyrénées-Orientales
34%
DépartementPyrénées-Orientales
34%
DépartementPyrénées-Orientales
34%
DépartementPyrénées-Orientales
34%
DépartementPyrénées-Orientales
34%
DépartementRhône (et métropole de Lyon)
34%
DépartementRhône (et métropole de Lyon)
34%
DépartementSaône-et-Loire
34%
DépartementSaône-et-Loire
34%
DépartementSaône-et-Loire
34%
DépartementSaône-et-Loire
34%
DépartementSaône-et-Loire
34%
DépartementSaône-et-Loire
34%
DépartementSaône-et-Loire
34%
DépartementSarthe
34%
DépartementSarthe
34%
DépartementSarthe
34%
DépartementSavoie
34%
DépartementSavoie
34%
DépartementSavoie
34%
DépartementSavoie
34%
DépartementSeine-et-Marne
34%
DépartementSeine-et-Marne
34%
DépartementSeine-et-Marne
34%
DépartementSeine-et-Marne
34%
DépartementSeine-Maritime
34%
DépartementSeine-Maritime
34%
DépartementSeine-Maritime
34%
DépartementSeine-Saint-Denis
34%
DépartementSeine-Saint-Denis
34%
DépartementSeine-Saint-Denis
34%
DépartementSeine-Saint-Denis
34%
DépartementSomme
34%
DépartementTarn
34%
DépartementTarn
34%
DépartementTarn
34%
DépartementTarn
34%
DépartementTarn
34%
DépartementTarn
34%
DépartementTarn
34%
DépartementTarn
34%
DépartementTarn
34%
DépartementTarn-et-Garonne
34%
DépartementTarn-et-Garonne
34%
DépartementTarn-et-Garonne
34%
DépartementTerritoire de Belfort
34%
DépartementTerritoire de Belfort
34%
DépartementVal-de-Marne
34%
DépartementVal-d'Oise
34%
DépartementVar
34%
DépartementVar
34%
DépartementVaucluse
34%
DépartementVaucluse
34%
DépartementVaucluse
34%
DépartementVaucluse
34%
DépartementVendée
34%
DépartementVendée
34%
DépartementVendée
34%
DépartementVendée
34%
DépartementVendée
34%
DépartementVendée
34%
DépartementVienne
34%
DépartementVienne
34%
DépartementVienne
34%
DépartementVienne
34%
DépartementVienne
34%
DépartementVienne
34%
DépartementVosges
34%
DépartementVosges
34%
DépartementVosges
34%
DépartementYonne
34%
DépartementYonne
34%
DépartementYonne
34%
DépartementYonne
34%
DépartementYonne
34%
DépartementYvelines
34%
DépartementYvelines
34%
DépartementAin
33%
DépartementAisne
33%
DépartementAisne
33%
DépartementAllier
33%
DépartementAllier
33%
DépartementAllier
33%
DépartementAllier
33%
DépartementAllier
33%
DépartementAllier
33%
DépartementAlpes-de-Haute-Provence
33%
DépartementAlpes-de-Haute-Provence
33%
DépartementAlpes-de-Haute-Provence
33%
DépartementAlpes-Maritimes
33%
DépartementAlpes-Maritimes
33%
DépartementAlpes-Maritimes
33%
DépartementArdèche
33%
DépartementArdèche
33%
DépartementArdèche
33%
DépartementArdèche
33%
DépartementArdèche
33%
DépartementArdèche
33%
DépartementArdennes
33%
DépartementArdennes
33%
DépartementAriège
33%
DépartementAriège
33%
DépartementAriège
33%
DépartementAube
33%
DépartementAube
33%
DépartementAude
33%
DépartementAude
33%
DépartementAude
33%
DépartementAude
33%
DépartementAude
33%
DépartementAveyron
33%
DépartementAveyron
33%
DépartementAveyron
33%
DépartementAveyron
33%
DépartementBouches-du-Rhône
33%
DépartementBouches-du-Rhône
33%
DépartementBouches-du-Rhône
33%
DépartementCantal
33%
DépartementCharente
33%
DépartementCharente
33%
DépartementCharente
33%
DépartementCharente
33%
DépartementCharente-Maritime
33%
DépartementCharente-Maritime
33%
DépartementCharente-Maritime
33%
DépartementCharente-Maritime
33%
DépartementCharente-Maritime
33%
DépartementCher
33%
DépartementCher
33%
DépartementCher
33%
DépartementCher
33%
DépartementCher
33%
DépartementCorrèze
33%
DépartementCorrèze
33%
DépartementCorrèze
33%
DépartementCorrèze
33%
DépartementCorrèze
33%
DépartementCorrèze
33%
DépartementCorrèze
33%
DépartementCorse-du-Sud
33%
Département Corse-du-Sud
33%
Département Corse-du-Sud
33%
DépartementCorse-du-Sud
33%
DépartementCôte-d'Or
33%
DépartementCôte-d'Or
33%
DépartementCôte-d'Or
33%
DépartementCôte-d'Or
33%
DépartementCôtes-d'Armor
33%
DépartementCreuse
33%
DépartementCreuse
33%
DépartementCreuse
33%
DépartementCreuse
33%
DépartementCreuse
33%
DépartementCreuse
33%
DépartementDépartement mystère (Loire-Atlantique)
33%
DépartementDépartement mystère (Loiret)
33%
DépartementDépartement mystère (Meuse)
33%
DépartementDeux-Sèvres
33%
DépartementDeux-Sèvres
33%
DépartementDeux-Sèvres
33%
DépartementDeux-Sèvres
33%
DépartementDordogne
33%
DépartementDordogne
33%
DépartementDordogne
33%
DépartementDordogne
33%
DépartementDordogne
33%
DépartementDoubs
33%
DépartementDoubs
33%
DépartementDoubs
33%
DépartementDoubs
33%
DépartementDrôme
33%
DépartementDrôme
33%
DépartementDrôme
33%
DépartementDrôme
33%
DépartementEssonne
33%
DépartementEure
33%
DépartementEure
33%
DépartementEure
33%
DépartementEure
33%
DépartementEure
33%
DépartementEure-et-Loir
33%
DépartementEure-et-Loir
33%
DépartementEure-et-Loir
33%
DépartementFinistère
33%
DépartementFinistère
33%
DépartementGard
33%
DépartementGard
33%
DépartementGers
33%
DépartementGers
33%
DépartementGers
33%
DépartementGers
33%
DépartementGers
33%
DépartementGers
33%
DépartementHaute-Corse
33%
DépartementHaute-Corse
33%
DépartementHaute-Corse
33%
DépartementHaute-Corse
33%
DépartementHaute-Garonne
33%
DépartementHaute-Garonne
33%
DépartementHaute-Garonne
33%
DépartementHaute-Garonne
33%
DépartementHaute-Garonne
33%
DépartementHaute-Loire
33%
DépartementHaute-Loire
33%
DépartementHaute-Loire
33%
DépartementHaute-Loire
33%
DépartementHaute-Marne
33%
DépartementHaute-Marne
33%
DépartementHaute-Marne
33%
DépartementHautes-Alpes
33%
DépartementHautes-Alpes
33%
DépartementHaute-Saône
33%
DépartementHaute-Saône
33%
DépartementHaute-Saône
33%
DépartementHaute-Savoie
33%
DépartementHaute-Savoie
33%
DépartementHaute-Savoie
33%
DépartementHaute-Savoie
33%
DépartementHautes-Pyrénées
33%
DépartementHautes-Pyrénées
33%
DépartementHautes-Pyrénées
33%
DépartementHaute-Vienne
33%
DépartementHaute-Vienne
33%
DépartementHaute-Vienne
33%
DépartementHaute-Vienne
33%
DépartementHaute-Vienne
33%
DépartementHaute-Vienne
33%
DépartementHaut-Rhin
33%
DépartementHaut-Rhin
33%
DépartementHauts-de-Seine
33%
DépartementHérault
33%
DépartementHérault
33%
DépartementHérault
33%
DépartementHérault
33%
DépartementHérault
33%
DépartementIlle-et-Vilaine
33%
DépartementIlle-et-Vilaine
33%
DépartementIlle-et-Vilaine
33%
DépartementIndre
33%
DépartementIndre
33%
DépartementIndre
33%
DépartementIndre
33%
DépartementIndre
33%
DépartementIndre
33%
DépartementIndre
33%
DépartementIndre-et-Loire
33%
DépartementIndre-et-Loire
33%
DépartementIndre-et-Loire
33%
DépartementIndre-et-Loire
33%
DépartementIsère
33%
DépartementIsère
33%
DépartementIsère
33%
DépartementIsère
33%
DépartementJura
33%
DépartementJura
33%
DépartementJura
33%
DépartementJura
33%
DépartementJura
33%
DépartementLandes
33%
DépartementLoire
33%
DépartementLoire-Atlantique
33%
DépartementLoire-Atlantique
33%
DépartementLoire-Atlantique
33%
DépartementLoire-Atlantique
33%
DépartementLoiret
33%
DépartementLoiret
33%
DépartementLoiret
33%
DépartementLoiret
33%
DépartementLoiret
33%
DépartementLoir-et-Cher
33%
DépartementLoir-et-Cher
33%
DépartementLoir-et-Cher
33%
DépartementLoir-et-Cher
33%
DépartementLoir-et-Cher
33%
DépartementLoir-et-Cher
33%
DépartementLoir-et-Cher
33%
DépartementLoir-et-Cher
33%
DépartementLot
33%
DépartementLot
33%
DépartementLot
33%
DépartementLot
33%
DépartementLot
33%
DépartementLot
33%
DépartementLot-et-Garonne
33%
DépartementLot-et-Garonne
33%
DépartementLot-et-Garonne
33%
DépartementLot-et-Garonne
33%
DépartementLozère
33%
DépartementLozère
33%
DépartementLozère
33%
DépartementLozère
33%
DépartementMaine-et-Loire
33%
DépartementMaine-et-Loire
33%
DépartementMaine-et-Loire
33%
DépartementManche
33%
DépartementManche
33%
DépartementMarne
33%
DépartementMayenne
33%
DépartementMayenne
33%
DépartementMayenne
33%
DépartementMayenne
33%
DépartementMeurthe-et-Moselle
33%
DépartementMeurthe-et-Moselle
33%
DépartementMeurthe-et-Moselle
33%
DépartementMeurthe-et-Moselle
33%
DépartementMeurthe-et-Moselle
33%
DépartementMeurthe-et-Moselle
33%
DépartementMeuse
33%
DépartementMeuse
33%
DépartementMeuse
33%
DépartementMeuse
33%
DépartementMorbihan
33%
DépartementMorbihan
33%
DépartementMorbihan
33%
DépartementMorbihan
33%
DépartementMorbihan
33%
DépartementMorbihan
33%
DépartementNièvre
33%
DépartementNièvre
33%
DépartementNord
33%
Département Nord
33%
DépartementNord
33%
DépartementOrne
33%
DépartementOrne
33%
DépartementOrne
33%
DépartementPas-de-Calais
33%
DépartementPuy-de-Dôme
33%
DépartementPuy-de-Dôme
33%
DépartementPuy-de-Dôme
33%
DépartementPuy-de-Dôme
33%
DépartementPyrénées-Atlantiques
33%
DépartementPyrénées-Atlantiques
33%
DépartementPyrénées-Atlantiques
33%
DépartementPyrénées-Atlantiques
33%
DépartementPyrénées-Atlantiques
33%
DépartementPyrénées-Orientales
33%
DépartementPyrénées-Orientales
33%
DépartementPyrénées-Orientales
33%
DépartementPyrénées-Orientales
33%
DépartementRhône (et métropole de Lyon)
33%
DépartementSaône-et-Loire
33%
DépartementSaône-et-Loire
33%
DépartementSaône-et-Loire
33%
DépartementSaône-et-Loire
33%
DépartementSaône-et-Loire
33%
DépartementSarthe
33%
DépartementSarthe
33%
DépartementSarthe
33%
DépartementSavoie
33%
DépartementSavoie
33%
DépartementSavoie
33%
DépartementSavoie
33%
DépartementSeine-Maritime
33%
DépartementSeine-Saint-Denis
33%
DépartementSeine-Saint-Denis
33%
DépartementSomme
33%
DépartementSomme
33%
DépartementSomme
33%
DépartementTarn
33%
DépartementTarn
33%
DépartementTarn
33%
DépartementTarn
33%
DépartementTarn-et-Garonne
33%
DépartementTarn-et-Garonne
33%
DépartementTarn-et-Garonne
33%
DépartementTarn-et-Garonne
33%
DépartementTarn-et-Garonne
33%
DépartementTerritoire de Belfort
33%
DépartementTerritoire de Belfort
33%
DépartementTerritoire de Belfort
33%
DépartementTerritoire de Belfort
33%
DépartementVal-de-Marne
33%
DépartementVal-de-Marne
33%
DépartementVal-de-Marne
33%
DépartementVal-de-Marne
33%
DépartementVal-d'Oise
33%
DépartementVal-d'Oise
33%
DépartementVar
33%
DépartementVar
33%
DépartementVaucluse
33%
DépartementVaucluse
33%
DépartementVaucluse
33%
DépartementVaucluse
33%
DépartementVaucluse
33%
DépartementVaucluse
33%
DépartementVendée
33%
DépartementVendée
33%
DépartementVendée
33%
DépartementVendée
33%
DépartementVendée
33%
DépartementVendée
33%
DépartementVendée
33%
DépartementVienne
33%
DépartementVienne
33%
DépartementVienne
33%
DépartementVosges
33%
DépartementVosges
33%
DépartementVosges
33%
DépartementVosges
33%
DépartementVosges
33%
DépartementYonne
33%
DépartementYonne
33%
DépartementYonne
33%
DépartementYonne
33%
DépartementYonne
33%
DépartementYonne
33%
DépartementYonne
33%
DépartementYvelines
33%
DépartementYvelines
33%
DépartementYvelines
33%
DépartementAisne
32%
DépartementAisne
32%
DépartementAisne
32%
DépartementAisne
32%
DépartementAisne
32%
DépartementAllier
32%
DépartementAllier
32%
DépartementAllier
32%
DépartementAlpes-de-Haute-Provence
32%
DépartementAlpes-de-Haute-Provence
32%
DépartementAlpes-de-Haute-Provence
32%
DépartementAlpes-de-Haute-Provence
32%
DépartementAlpes-de-Haute-Provence
32%
DépartementAlpes-de-Haute-Provence
32%
DépartementAlpes-de-Haute-Provence
32%
DépartementAlpes-Maritimes
32%
DépartementAlpes-Maritimes
32%
DépartementAlpes-Maritimes
32%
DépartementAlpes-Maritimes
32%
DépartementArdèche
32%
DépartementArdèche
32%
DépartementArdèche
32%
DépartementArdèche
32%
DépartementArdèche
32%
DépartementArdèche
32%
DépartementArdennes
32%
DépartementArdennes
32%
DépartementArdennes
32%
DépartementArdennes
32%
DépartementAriège
32%
DépartementAriège
32%
DépartementAriège
32%
DépartementAriège
32%
DépartementAriège
32%
DépartementAriège
32%
DépartementAube
32%
DépartementAube
32%
DépartementAube
32%
DépartementAube
32%
DépartementAube
32%
DépartementAube
32%
DépartementAude
32%
DépartementAude
32%
DépartementAude
32%
DépartementAveyron
32%
DépartementAveyron
32%
DépartementAveyron
32%
DépartementBas-Rhin
32%
DépartementBas-Rhin
32%
DépartementBouches-du-Rhône
32%
DépartementBouches-du-Rhône
32%
DépartementCalvados
32%
DépartementCalvados
32%
DépartementCalvados
32%
DépartementCalvados
32%
DépartementCalvados
32%
DépartementCantal
32%
DépartementCantal
32%
DépartementCantal
32%
DépartementCantal
32%
DépartementCantal
32%
DépartementCantal
32%
DépartementCantal
32%
DépartementCantal
32%
DépartementCantal
32%
DépartementCantal
32%
DépartementCharente
32%
DépartementCharente
32%
DépartementCharente
32%
DépartementCharente
32%
DépartementCharente-Maritime
32%
DépartementCharente-Maritime
32%
DépartementCharente-Maritime
32%
DépartementCharente-Maritime
32%
DépartementCharente-Maritime
32%
DépartementCharente-Maritime
32%
DépartementCher
32%
DépartementCher
32%
DépartementCorrèze
32%
DépartementCorrèze
32%
DépartementCorrèze
32%
DépartementCorrèze
32%
DépartementCorrèze
32%
Département Corse-du-Sud
32%
DépartementCorse-du-Sud
32%
DépartementCorse-du-Sud
32%
Département Corse-du-Sud
32%
DépartementCôte-d'Or
32%
DépartementCôte-d'Or
32%
DépartementCôte-d'Or
32%
DépartementCôtes-d'Armor
32%
DépartementCôtes-d'Armor
32%
DépartementCôtes-d'Armor
32%
DépartementCôtes-d'Armor
32%
DépartementCôtes-d'Armor
32%
DépartementDépartement mystère (Charente)
32%
DépartementDépartement mystère (Côtes-d'Armor)
32%
DépartementDépartement mystère (Essonne)
32%
DépartementDépartement mystère (Eure)
32%
DépartementDépartement mystère (Meurthe-et-Moselle)
32%
DépartementDépartement mystère (Seine-et-Marne)
32%
DépartementDépartement mystère (Tarn)
32%
DépartementDeux-Sèvres
32%
DépartementDeux-Sèvres
32%
DépartementDeux-Sèvres
32%
DépartementDeux-Sèvres
32%
DépartementDeux-Sèvres
32%
DépartementDeux-Sèvres
32%
DépartementDordogne
32%
DépartementDordogne
32%
DépartementDordogne
32%
DépartementDordogne
32%
DépartementDoubs
32%
DépartementDoubs
32%
DépartementDoubs
32%
DépartementDoubs
32%
DépartementDoubs
32%
DépartementDrôme
32%
DépartementDrôme
32%
DépartementDrôme
32%
DépartementDrôme
32%
DépartementDrôme
32%
DépartementEssonne
32%
DépartementEssonne
32%
DépartementEssonne
32%
DépartementEure
32%
DépartementEure
32%
DépartementEure
32%
DépartementEure-et-Loir
32%
DépartementEure-et-Loir
32%
DépartementGard
32%
DépartementGard
32%
DépartementGers
32%
DépartementGers
32%
DépartementGers
32%
DépartementGers
32%
DépartementGers
32%
DépartementGers
32%
DépartementGironde
32%
DépartementGironde
32%
DépartementGironde
32%
DépartementHaute-Corse
32%
DépartementHaute-Corse
32%
DépartementHaute-Corse
32%
DépartementHaute-Corse
32%
Département Haute-Corse
32%
DépartementHaute-Garonne
32%
DépartementHaute-Garonne
32%
DépartementHaute-Garonne
32%
DépartementHaute-Garonne
32%
DépartementHaute-Loire
32%
DépartementHaute-Loire
32%
DépartementHaute-Marne
32%
DépartementHaute-Marne
32%
DépartementHaute-Marne
32%
DépartementHautes-Alpes
32%
DépartementHautes-Alpes
32%
DépartementHautes-Alpes
32%
DépartementHautes-Alpes
32%
DépartementHautes-Alpes
32%
DépartementHaute-Saône
32%
DépartementHaute-Saône
32%
DépartementHaute-Saône
32%
DépartementHaute-Saône
32%
DépartementHaute-Saône
32%
DépartementHaute-Saône
32%
DépartementHaute-Saône
32%
DépartementHaute-Savoie
32%
DépartementHautes-Pyrénées
32%
DépartementHautes-Pyrénées
32%
DépartementHautes-Pyrénées
32%
DépartementHautes-Pyrénées
32%
DépartementHautes-Pyrénées
32%
DépartementHautes-Pyrénées
32%
DépartementHautes-Pyrénées
32%
DépartementHautes-Pyrénées
32%
DépartementHautes-Pyrénées
32%
DépartementHaute-Vienne
32%
DépartementHaute-Vienne
32%
DépartementHaute-Vienne
32%
DépartementHaute-Vienne
32%
DépartementHaute-Vienne
32%
DépartementHaute-Vienne
32%
DépartementHaut-Rhin
32%
DépartementHaut-Rhin
32%
DépartementHauts-de-Seine
32%
DépartementHauts-de-Seine
32%
DépartementHauts-de-Seine
32%
DépartementHauts-de-Seine
32%
DépartementHauts-de-Seine
32%
DépartementHérault
32%
DépartementHérault
32%
DépartementHérault
32%
DépartementHérault
32%
DépartementHérault
32%
DépartementIlle-et-Vilaine
32%
DépartementIlle-et-Vilaine
32%
DépartementIlle-et-Vilaine
32%
DépartementIlle-et-Vilaine
32%
DépartementIlle-et-Vilaine
32%
DépartementIlle-et-Vilaine
32%
DépartementIlle-et-Vilaine
32%
DépartementIlle-et-Vilaine
32%
DépartementIndre
32%
DépartementIndre
32%
DépartementIndre-et-Loire
32%
DépartementIndre-et-Loire
32%
DépartementIsère
32%
DépartementIsère
32%
DépartementJura
32%
DépartementJura
32%
DépartementJura
32%
DépartementLandes
32%
DépartementLandes
32%
DépartementLandes
32%
DépartementLoire
32%
DépartementLoire-Atlantique
32%
DépartementLoire-Atlantique
32%
DépartementLoire-Atlantique
32%
DépartementLoire-Atlantique
32%
DépartementLoiret
32%
DépartementLoiret
32%
DépartementLoir-et-Cher
32%
DépartementLoir-et-Cher
32%
DépartementLoir-et-Cher
32%
DépartementLoir-et-Cher
32%
DépartementLoir-et-Cher
32%
DépartementLoir-et-Cher
32%
DépartementLot
32%
DépartementLot-et-Garonne
32%
DépartementLot-et-Garonne
32%
DépartementLot-et-Garonne
32%
DépartementLot-et-Garonne
32%
DépartementLot-et-Garonne
32%
DépartementLot-et-Garonne
32%
DépartementLozère
32%
DépartementLozère
32%
DépartementLozère
32%
DépartementLozère
32%
DépartementLozère
32%
DépartementLozère
32%
DépartementMaine-et-Loire
32%
DépartementMaine-et-Loire
32%
DépartementMaine-et-Loire
32%
DépartementMaine-et-Loire
32%
DépartementMaine-et-Loire
32%
DépartementMaine-et-Loire
32%
DépartementMaine-et-Loire
32%
DépartementManche
32%
DépartementManche
32%
DépartementMarne
32%
DépartementMayenne
32%
DépartementMayenne
32%
DépartementMayenne
32%
DépartementMeurthe-et-Moselle
32%
DépartementMeurthe-et-Moselle
32%
DépartementMeurthe-et-Moselle
32%
DépartementMeurthe-et-Moselle
32%
DépartementMeurthe-et-Moselle
32%
DépartementMeuse
32%
DépartementMeuse
32%
DépartementMeuse
32%
DépartementMeuse
32%
DépartementMorbihan
32%
DépartementMorbihan
32%
DépartementMorbihan
32%
DépartementMoselle
32%
DépartementMoselle
32%
DépartementNièvre
32%
DépartementNièvre
32%
DépartementNièvre
32%
DépartementNièvre
32%
Département Nord
32%
DépartementNord
32%
DépartementOise
32%
DépartementOise
32%
DépartementOise
32%
DépartementOise
32%
DépartementOrne
32%
DépartementOrne
32%
DépartementOrne
32%
DépartementOrne
32%
DépartementPas-de-Calais
32%
DépartementPas-de-Calais
32%
DépartementPas-de-Calais
32%
DépartementPas-de-Calais
32%
DépartementPuy-de-Dôme
32%
DépartementPuy-de-Dôme
32%
DépartementPuy-de-Dôme
32%
DépartementPuy-de-Dôme
32%
DépartementPyrénées-Atlantiques
32%
Département Pyrénées-Atlantiques
32%
DépartementPyrénées-Atlantiques
32%
DépartementPyrénées-Atlantiques
32%
DépartementPyrénées-Atlantiques
32%
DépartementPyrénées-Atlantiques
32%
DépartementPyrénées-Atlantiques
32%
DépartementPyrénées-Orientales
32%
DépartementPyrénées-Orientales
32%
DépartementPyrénées-Orientales
32%
DépartementPyrénées-Orientales
32%
DépartementPyrénées-Orientales
32%
DépartementPyrénées-Orientales
32%
DépartementRhône (et métropole de Lyon)
32%
DépartementSaône-et-Loire
32%
DépartementSaône-et-Loire
32%
DépartementSaône-et-Loire
32%
DépartementSaône-et-Loire
32%
DépartementSarthe
32%
DépartementSarthe
32%
DépartementSarthe
32%
DépartementSarthe
32%
DépartementSarthe
32%
DépartementSarthe
32%
DépartementSavoie
32%
DépartementSavoie
32%
DépartementSavoie
32%
DépartementSeine-et-Marne
32%
DépartementSeine-et-Marne
32%
DépartementSeine-et-Marne
32%
DépartementSeine-et-Marne
32%
DépartementSeine-et-Marne
32%
DépartementSeine-et-Marne
32%
DépartementSeine-et-Marne
32%
DépartementSeine-Maritime
32%
DépartementSeine-Maritime
32%
DépartementSeine-Maritime
32%
DépartementSeine-Maritime
32%
DépartementSeine-Maritime
32%
DépartementSeine-Maritime
32%
DépartementSeine-Saint-Denis
32%
DépartementSeine-Saint-Denis
32%
DépartementSeine-Saint-Denis
32%
DépartementSeine-Saint-Denis
32%
DépartementSomme
32%
DépartementSomme
32%
DépartementSomme
32%
DépartementSomme
32%
DépartementSomme
32%
DépartementSomme
32%
DépartementTarn-et-Garonne
32%
DépartementTarn-et-Garonne
32%
DépartementTarn-et-Garonne
32%
DépartementTarn-et-Garonne
32%
DépartementTarn-et-Garonne
32%
DépartementTarn-et-Garonne
32%
DépartementTarn-et-Garonne
32%
DépartementTarn-et-Garonne
32%
DépartementTerritoire de Belfort
32%
DépartementTerritoire de Belfort
32%
DépartementTerritoire de Belfort
32%
DépartementTerritoire de Belfort
32%
DépartementTerritoire de Belfort
32%
DépartementTerritoire de Belfort
32%
DépartementTerritoire de Belfort
32%
DépartementVal-de-Marne
32%
DépartementVal-d'Oise
32%
DépartementVar
32%
DépartementVar
32%
DépartementVaucluse
32%
DépartementVaucluse
32%
DépartementVendée
32%
DépartementVendée
32%
DépartementVienne
32%
DépartementVienne
32%
DépartementVienne
32%
DépartementVosges
32%
DépartementVosges
32%
DépartementYonne
32%
DépartementYonne
32%
DépartementYvelines
32%
DépartementYvelines
32%
DépartementYvelines
32%
DépartementYvelines
32%
DépartementYvelines
32%
DépartementYvelines
32%
DépartementAin
31%
DépartementAisne
31%
DépartementAisne
31%
DépartementAisne
31%
DépartementAisne
31%
DépartementAllier
31%
DépartementAllier
31%
DépartementAllier
31%
DépartementAllier
31%
DépartementAlpes-de-Haute-Provence
31%
DépartementAlpes-de-Haute-Provence
31%
DépartementAlpes-Maritimes
31%
DépartementAlpes-Maritimes
31%
DépartementArdèche
31%
DépartementArdennes
31%
DépartementArdennes
31%
DépartementArdennes
31%
DépartementArdennes
31%
DépartementArdennes
31%
DépartementAriège
31%
DépartementAriège
31%
DépartementAriège
31%
DépartementAube
31%
DépartementAube
31%
DépartementAude
31%
DépartementAveyron
31%
DépartementAveyron
31%
DépartementAveyron
31%
DépartementAveyron
31%
DépartementAveyron
31%
DépartementAveyron
31%
DépartementAveyron
31%
DépartementAveyron
31%
DépartementBas-Rhin
31%
DépartementBas-Rhin
31%
DépartementBas-Rhin
31%
DépartementBas-Rhin
31%
DépartementBas-Rhin
31%
DépartementBouches-du-Rhône
31%
DépartementBouches-du-Rhône
31%
DépartementBouches-du-Rhône
31%
DépartementCalvados
31%
DépartementCalvados
31%
DépartementCalvados
31%
DépartementCantal
31%
DépartementCantal
31%
DépartementCharente
31%
DépartementCharente
31%
DépartementCharente-Maritime
31%
DépartementCharente-Maritime
31%
DépartementCher
31%
DépartementCher
31%
DépartementCher
31%
DépartementCorrèze
31%
DépartementCorrèze
31%
DépartementCorrèze
31%
DépartementCorrèze
31%
DépartementCorrèze
31%
DépartementCorrèze
31%
DépartementCorrèze
31%
Département Corse-du-Sud
31%
DépartementCorse-du-Sud
31%
Département Corse-du-Sud
31%
Département Corse-du-Sud
31%
DépartementCôte-d'Or
31%
DépartementCôte-d'Or
31%
DépartementCôte-d'Or
31%
DépartementCôtes-d'Armor
31%
DépartementCôtes-d'Armor
31%
DépartementCôtes-d'Armor
31%
DépartementCôtes-d'Armor
31%
DépartementCôtes-d'Armor
31%
DépartementCreuse
31%
DépartementCreuse
31%
DépartementCreuse
31%
DépartementCreuse
31%
DépartementCreuse
31%
DépartementCreuse
31%
DépartementCreuse
31%
DépartementDépartement mystère (Indre)
31%
DépartementDépartement mystère (Lot)
31%
DépartementDépartement mystère (Seine-Maritime)
31%
DépartementDeux-Sèvres
31%
DépartementDeux-Sèvres
31%
DépartementDeux-Sèvres
31%
DépartementDordogne
31%
DépartementDordogne
31%
DépartementDordogne
31%
DépartementDordogne
31%
DépartementDordogne
31%
DépartementDordogne
31%
DépartementDoubs
31%
DépartementDoubs
31%
DépartementDoubs
31%
DépartementDrôme
31%
DépartementDrôme
31%
DépartementDrôme
31%
DépartementDrôme
31%
DépartementEssonne
31%
DépartementEssonne
31%
DépartementEssonne
31%
DépartementEure
31%
DépartementEure-et-Loir
31%
DépartementEure-et-Loir
31%
DépartementEure-et-Loir
31%
DépartementEure-et-Loir
31%
DépartementEure-et-Loir
31%
DépartementEure-et-Loir
31%
DépartementEure-et-Loir
31%
DépartementFinistère
31%
DépartementFinistère
31%
DépartementGard
31%
DépartementGard
31%
DépartementGard
31%
DépartementGard
31%
DépartementGironde
31%
DépartementGironde
31%
DépartementGironde
31%
DépartementGironde
31%
DépartementGironde
31%
DépartementGironde
31%
DépartementGironde
31%
DépartementHaute-Corse
31%
DépartementHaute-Corse
31%
DépartementHaute-Corse
31%
DépartementHaute-Corse
31%
DépartementHaute-Corse
31%
DépartementHaute-Corse
31%
DépartementHaute-Garonne
31%
DépartementHaute-Garonne
31%
DépartementHaute-Loire
31%
DépartementHaute-Loire
31%
DépartementHaute-Loire
31%
DépartementHaute-Loire
31%
DépartementHaute-Marne
31%
DépartementHaute-Marne
31%
DépartementHaute-Marne
31%
DépartementHautes-Alpes
31%
DépartementHautes-Alpes
31%
DépartementHautes-Alpes
31%
DépartementHaute-Saône
31%
DépartementHaute-Saône
31%
DépartementHaute-Saône
31%
DépartementHaute-Savoie
31%
DépartementHaute-Savoie
31%
DépartementHaute-Savoie
31%
DépartementHaute-Savoie
31%
DépartementHautes-Pyrénées
31%
DépartementHautes-Pyrénées
31%
DépartementHaute-Vienne
31%
DépartementHaute-Vienne
31%
DépartementHaute-Vienne
31%
DépartementHaute-Vienne
31%
DépartementHaut-Rhin
31%
DépartementHaut-Rhin
31%
DépartementHaut-Rhin
31%
DépartementHaut-Rhin
31%
DépartementHaut-Rhin
31%
DépartementHauts-de-Seine
31%
DépartementHauts-de-Seine
31%
DépartementHérault
31%
DépartementHérault
31%
DépartementIlle-et-Vilaine
31%
DépartementIndre
31%
DépartementIndre
31%
DépartementIndre
31%
DépartementIndre
31%
DépartementIndre-et-Loire
31%
DépartementIndre-et-Loire
31%
DépartementIndre-et-Loire
31%
DépartementIndre-et-Loire
31%
DépartementIndre-et-Loire
31%
DépartementIndre-et-Loire
31%
DépartementIndre-et-Loire
31%
DépartementIndre-et-Loire
31%
DépartementIsère
31%
DépartementIsère
31%
DépartementIsère
31%
DépartementIsère
31%
DépartementJura
31%
DépartementJura
31%
DépartementLandes
31%
DépartementLandes
31%
DépartementLandes
31%
DépartementLandes
31%
DépartementLandes
31%
DépartementLandes
31%
DépartementLandes
31%
DépartementLoire-Atlantique
31%
DépartementLoire-Atlantique
31%
DépartementLoire-Atlantique
31%
DépartementLoir-et-Cher
31%
DépartementLoir-et-Cher
31%
DépartementLoir-et-Cher
31%
DépartementLot
31%
DépartementLot
31%
DépartementLot
31%
DépartementLot-et-Garonne
31%
DépartementLot-et-Garonne
31%
DépartementLot-et-Garonne
31%
DépartementLot-et-Garonne
31%
DépartementLot-et-Garonne
31%
DépartementLot-et-Garonne
31%
DépartementLot-et-Garonne
31%
DépartementLot-et-Garonne
31%
DépartementLozère
31%
DépartementLozère
31%
DépartementLozère
31%
DépartementLozère
31%
DépartementLozère
31%
DépartementMaine-et-Loire
31%
DépartementMaine-et-Loire
31%
DépartementMaine-et-Loire
31%
DépartementMaine-et-Loire
31%
DépartementMaine-et-Loire
31%
DépartementManche
31%
DépartementManche
31%
DépartementMarne
31%
DépartementMarne
31%
DépartementMarne
31%
DépartementMarne
31%
DépartementMarne
31%
DépartementMarne
31%
DépartementMayenne
31%
DépartementMayenne
31%
DépartementMayenne
31%
DépartementMeurthe-et-Moselle
31%
DépartementMeuse
31%
DépartementMeuse
31%
DépartementMeuse
31%
DépartementMorbihan
31%
DépartementMorbihan
31%
DépartementMorbihan
31%
DépartementMoselle
31%
DépartementMoselle
31%
DépartementMoselle
31%
DépartementNièvre
31%
DépartementNièvre
31%
DépartementNièvre
31%
DépartementNièvre
31%
DépartementOise
31%
DépartementOise
31%
DépartementOise
31%
DépartementOrne
31%
DépartementOrne
31%
DépartementOrne
31%
DépartementOrne
31%
DépartementPas-de-Calais
31%
DépartementPas-de-Calais
31%
DépartementPas-de-Calais
31%
DépartementPas-de-Calais
31%
DépartementPas-de-Calais
31%
DépartementPuy-de-Dôme
31%
DépartementPuy-de-Dôme
31%
DépartementPyrénées-Atlantiques
31%
Département Pyrénées-Atlantiques
31%
DépartementPyrénées-Atlantiques
31%
DépartementPyrénées-Orientales
31%
DépartementPyrénées-Orientales
31%
DépartementPyrénées-Orientales
31%
DépartementPyrénées-Orientales
31%
DépartementSaône-et-Loire
31%
DépartementSaône-et-Loire
31%
DépartementSaône-et-Loire
31%
DépartementSaône-et-Loire
31%
DépartementSaône-et-Loire
31%
DépartementSarthe
31%
DépartementSarthe
31%
DépartementSarthe
31%
DépartementSarthe
31%
DépartementSarthe
31%
DépartementSavoie
31%
DépartementSavoie
31%
DépartementSavoie
31%
DépartementSavoie
31%
DépartementSavoie
31%
DépartementSeine-et-Marne
31%
DépartementSeine-et-Marne
31%
DépartementSeine-Maritime
31%
DépartementSeine-Maritime
31%
DépartementSeine-Maritime
31%
DépartementSeine-Maritime
31%
DépartementSeine-Maritime
31%
DépartementSeine-Maritime
31%
DépartementSeine-Saint-Denis
31%
DépartementSomme
31%
DépartementSomme
31%
DépartementSomme
31%
DépartementSomme
31%
DépartementSomme
31%
DépartementTarn
31%
DépartementTarn
31%
DépartementTarn
31%
DépartementTarn-et-Garonne
31%
DépartementTarn-et-Garonne
31%
DépartementTerritoire de Belfort
31%
DépartementVal-de-Marne
31%
DépartementVal-de-Marne
31%
DépartementVal-de-Marne
31%
DépartementVal-de-Marne
31%
DépartementVal-de-Marne
31%
DépartementVal-d'Oise
31%
DépartementVal-d'Oise
31%
DépartementVal-d'Oise
31%
DépartementVal-d'Oise
31%
DépartementVal-d'Oise
31%
DépartementVal-d'Oise
31%
DépartementVal-d'Oise
31%
DépartementVar
31%
DépartementVar
31%
DépartementVar
31%
DépartementVar
31%
DépartementVaucluse
31%
DépartementVaucluse
31%
DépartementVaucluse
31%
DépartementVaucluse
31%
DépartementVendée
31%
DépartementVienne
31%
DépartementVienne
31%
DépartementVienne
31%
DépartementVienne
31%
DépartementVienne
31%
DépartementVienne
31%
DépartementVienne
31%
DépartementVosges
31%
DépartementVosges
31%
DépartementYonne
31%
DépartementYonne
31%
DépartementYvelines
31%
DépartementAin
30%
DépartementAin
30%
DépartementAin
30%
DépartementAin
30%
DépartementAisne
30%
DépartementAisne
30%
DépartementAisne
30%
DépartementAisne
30%
DépartementAisne
30%
DépartementAllier
30%
DépartementAllier
30%
DépartementAlpes-de-Haute-Provence
30%
DépartementAlpes-de-Haute-Provence
30%
DépartementAlpes-Maritimes
30%
DépartementAlpes-Maritimes
30%
DépartementAlpes-Maritimes
30%
DépartementArdèche
30%
DépartementArdèche
30%
DépartementArdèche
30%
DépartementArdèche
30%
DépartementArdèche
30%
DépartementArdèche
30%
DépartementArdennes
30%
DépartementArdennes
30%
DépartementArdennes
30%
DépartementAriège
30%
DépartementAriège
30%
DépartementAriège
30%
DépartementAriège
30%
DépartementAriège
30%
DépartementAriège
30%
DépartementAriège
30%
DépartementAube
30%
DépartementAube
30%
DépartementAube
30%
DépartementAube
30%
DépartementAube
30%
DépartementAude
30%
DépartementAude
30%
DépartementAude
30%
DépartementAude
30%
DépartementAude
30%
DépartementAude
30%
DépartementAude
30%
DépartementAveyron
30%
DépartementAveyron
30%
DépartementBas-Rhin
30%
DépartementBas-Rhin
30%
DépartementBas-Rhin
30%
DépartementBas-Rhin
30%
DépartementBas-Rhin
30%
Département Bas-Rhin
30%
DépartementBouches-du-Rhône
30%
DépartementBouches-du-Rhône
30%
DépartementBouches-du-Rhône
30%
DépartementCalvados
30%
DépartementCalvados
30%
DépartementCantal
30%
DépartementCantal
30%
DépartementCantal
30%
DépartementCantal
30%
DépartementCharente
30%
DépartementCharente
30%
DépartementCharente
30%
DépartementCharente
30%
DépartementCharente-Maritime
30%
DépartementCharente-Maritime
30%
DépartementCharente-Maritime
30%
DépartementCharente-Maritime
30%
DépartementCharente-Maritime
30%
DépartementCharente-Maritime
30%
DépartementCher
30%
DépartementCher
30%
DépartementCher
30%
DépartementCher
30%
DépartementCorrèze
30%
DépartementCorrèze
30%
DépartementCorse-du-Sud
30%
Département Corse-du-Sud
30%
DépartementCorse-du-Sud
30%
Département Corse-du-Sud
30%
DépartementCorse-du-Sud
30%
DépartementCorse-du-Sud
30%
DépartementCôte-d'Or
30%
DépartementCôte-d'Or
30%
DépartementCôte-d'Or
30%
DépartementCôte-d'Or
30%
DépartementCôtes-d'Armor
30%
DépartementCôtes-d'Armor
30%
DépartementCôtes-d'Armor
30%
DépartementCôtes-d'Armor
30%
DépartementCôtes-d'Armor
30%
DépartementCreuse
30%
DépartementCreuse
30%
DépartementCreuse
30%
DépartementDépartement mystère (Ardèche)
30%
DépartementDépartement mystère (Aveyron)
30%
DépartementDépartement mystère (Doubs)
30%
DépartementDépartement mystère (Drôme)
30%
DépartementDépartement mystère (Val-d'Oise)
30%
DépartementDeux-Sèvres
30%
DépartementDeux-Sèvres
30%
DépartementDeux-Sèvres
30%
DépartementDordogne
30%
DépartementDordogne
30%
DépartementDordogne
30%
DépartementDordogne
30%
DépartementDordogne
30%
DépartementDordogne
30%
DépartementDordogne
30%
DépartementDoubs
30%
DépartementDoubs
30%
DépartementDoubs
30%
DépartementDrôme
30%
DépartementDrôme
30%
DépartementDrôme
30%
DépartementDrôme
30%
DépartementEssonne
30%
DépartementEssonne
30%
DépartementEssonne
30%
DépartementEssonne
30%
DépartementEure
30%
DépartementEure
30%
DépartementEure
30%
DépartementEure-et-Loir
30%
DépartementEure-et-Loir
30%
DépartementEure-et-Loir
30%
DépartementFinistère
30%
Département Finistère
30%
DépartementFinistère
30%
DépartementGard
30%
DépartementGard
30%
DépartementGers
30%
DépartementGers
30%
DépartementGers
30%
DépartementGers
30%
DépartementGironde
30%
DépartementGironde
30%
DépartementHaute-Corse
30%
DépartementHaute-Garonne
30%
DépartementHaute-Garonne
30%
DépartementHaute-Garonne
30%
DépartementHaute-Loire
30%
DépartementHaute-Loire
30%
DépartementHaute-Loire
30%
DépartementHaute-Loire
30%
DépartementHaute-Marne
30%
DépartementHaute-Marne
30%
DépartementHaute-Marne
30%
DépartementHaute-Marne
30%
DépartementHaute-Marne
30%
DépartementHautes-Alpes
30%
DépartementHautes-Alpes
30%
DépartementHaute-Saône
30%
DépartementHaute-Saône
30%
DépartementHaute-Savoie
30%
DépartementHautes-Pyrénées
30%
DépartementHautes-Pyrénées
30%
DépartementHautes-Pyrénées
30%
DépartementHautes-Pyrénées
30%
DépartementHautes-Pyrénées
30%
DépartementHaute-Vienne
30%
DépartementHaute-Vienne
30%
DépartementHaute-Vienne
30%
DépartementHaut-Rhin
30%
DépartementHaut-Rhin
30%
DépartementHauts-de-Seine
30%
DépartementHauts-de-Seine
30%
DépartementHauts-de-Seine
30%
DépartementHauts-de-Seine
30%
DépartementHérault
30%
DépartementHérault
30%
DépartementIlle-et-Vilaine
30%
DépartementIlle-et-Vilaine
30%
DépartementIndre
30%
DépartementIndre
30%
DépartementIndre-et-Loire
30%
DépartementIndre-et-Loire
30%
DépartementIndre-et-Loire
30%
DépartementIndre-et-Loire
30%
DépartementIsère
30%
DépartementIsère
30%
DépartementIsère
30%
DépartementJura
30%
DépartementJura
30%
DépartementJura
30%
DépartementLandes
30%
DépartementLandes
30%
DépartementLoire-Atlantique
30%
DépartementLoire-Atlantique
30%
DépartementLoire-Atlantique
30%
DépartementLoire-Atlantique
30%
DépartementLoire-Atlantique
30%
DépartementLoiret
30%
DépartementLoiret
30%
DépartementLoir-et-Cher
30%
DépartementLoir-et-Cher
30%
DépartementLot
30%
DépartementLot-et-Garonne
30%
DépartementLot-et-Garonne
30%
DépartementLot-et-Garonne
30%
DépartementLozère
30%
DépartementLozère
30%
DépartementMaine-et-Loire
30%
DépartementManche
30%
DépartementManche
30%
DépartementManche
30%
DépartementManche
30%
DépartementManche
30%
DépartementManche
30%
DépartementManche
30%
DépartementMarne
30%
DépartementMarne
30%
DépartementMarne
30%
DépartementMarne
30%
DépartementMarne
30%
DépartementMarne
30%
DépartementMarne
30%
DépartementMarne
30%
DépartementMayenne
30%
DépartementMayenne
30%
DépartementMayenne
30%
DépartementMeurthe-et-Moselle
30%
DépartementMeurthe-et-Moselle
30%
DépartementMeuse
30%
DépartementMeuse
30%
DépartementMeuse
30%
DépartementMorbihan
30%
DépartementMorbihan
30%
DépartementMorbihan
30%
DépartementMoselle
30%
DépartementMoselle
30%
DépartementMoselle
30%
DépartementNièvre
30%
DépartementNièvre
30%
DépartementNièvre
30%
DépartementOise
30%
DépartementOise
30%
DépartementOise
30%
DépartementOise
30%
DépartementOrne
30%
DépartementOrne
30%
DépartementOrne
30%
DépartementPas-de-Calais
30%
DépartementPas-de-Calais
30%
DépartementPuy-de-Dôme
30%
DépartementPuy-de-Dôme
30%
DépartementPuy-de-Dôme
30%
DépartementPyrénées-Atlantiques
30%
DépartementPyrénées-Atlantiques
30%
DépartementPyrénées-Atlantiques
30%
DépartementPyrénées-Atlantiques
30%
DépartementPyrénées-Atlantiques
30%
DépartementPyrénées-Atlantiques
30%
DépartementPyrénées-Orientales
30%
DépartementPyrénées-Orientales
30%
DépartementRhône (et métropole de Lyon)
30%
DépartementSaône-et-Loire
30%
DépartementSaône-et-Loire
30%
DépartementSaône-et-Loire
30%
DépartementSarthe
30%
DépartementSarthe
30%
DépartementSarthe
30%
DépartementSarthe
30%
DépartementSarthe
30%
DépartementSarthe
30%
DépartementSavoie
30%
DépartementSavoie
30%
DépartementSavoie
30%
DépartementSeine-et-Marne
30%
DépartementSeine-et-Marne
30%
DépartementSeine-Maritime
30%
DépartementSeine-Maritime
30%
DépartementSeine-Maritime
30%
DépartementSeine-Maritime
30%
DépartementSeine-Saint-Denis
30%
DépartementSeine-Saint-Denis
30%
DépartementSeine-Saint-Denis
30%
DépartementSomme
30%
DépartementSomme
30%
DépartementSomme
30%
DépartementTarn
30%
DépartementTarn
30%
DépartementTarn
30%
DépartementTarn
30%
DépartementTarn-et-Garonne
30%
DépartementTarn-et-Garonne
30%
DépartementTarn-et-Garonne
30%
DépartementTarn-et-Garonne
30%
DépartementTarn-et-Garonne
30%
DépartementTarn-et-Garonne
30%
DépartementTarn-et-Garonne
30%
DépartementTarn-et-Garonne
30%
DépartementTerritoire de Belfort
30%
DépartementTerritoire de Belfort
30%
DépartementTerritoire de Belfort
30%
DépartementTerritoire de Belfort
30%
DépartementTerritoire de Belfort
30%
DépartementTerritoire de Belfort
30%
DépartementVal-de-Marne
30%
DépartementVal-de-Marne
30%
DépartementVal-de-Marne
30%
DépartementVal-de-Marne
30%
DépartementVal-d'Oise
30%
DépartementVal-d'Oise
30%
DépartementVal-d'Oise
30%
DépartementVar
30%
DépartementVar
30%
DépartementVar
30%
DépartementVaucluse
30%
DépartementVaucluse
30%
DépartementVaucluse
30%
DépartementVaucluse
30%
DépartementVaucluse
30%
DépartementVendée
30%
DépartementVendée
30%
DépartementVendée
30%
DépartementVendée
30%
DépartementVendée
30%
DépartementVienne
30%
DépartementVienne
30%
DépartementVienne
30%
DépartementVosges
30%
DépartementVosges
30%
DépartementVosges
30%
DépartementVosges
30%
DépartementYonne
30%
DépartementYonne
30%
DépartementYvelines
30%
DépartementAin
29%
DépartementAisne
29%
DépartementAisne
29%
DépartementAllier
29%
DépartementAllier
29%
DépartementAllier
29%
DépartementAllier
29%
DépartementAlpes-de-Haute-Provence
29%
DépartementAlpes-de-Haute-Provence
29%
DépartementAlpes-de-Haute-Provence
29%
DépartementAlpes-de-Haute-Provence
29%
DépartementAlpes-de-Haute-Provence
29%
DépartementAlpes-de-Haute-Provence
29%
DépartementAlpes-Maritimes
29%
DépartementAlpes-Maritimes
29%
DépartementAlpes-Maritimes
29%
DépartementAlpes-Maritimes
29%
DépartementArdèche
29%
DépartementArdèche
29%
DépartementArdèche
29%
DépartementArdennes
29%
DépartementArdennes
29%
DépartementArdennes
29%
DépartementArdennes
29%
DépartementArdennes
29%
DépartementArdennes
29%
DépartementAriège
29%
DépartementAriège
29%
DépartementAriège
29%
DépartementAube
29%
DépartementAube
29%
DépartementAube
29%
DépartementAude
29%
DépartementAude
29%
DépartementAveyron
29%
DépartementAveyron
29%
DépartementAveyron
29%
DépartementBas-Rhin
29%
DépartementBas-Rhin
29%
DépartementBas-Rhin
29%
DépartementBouches-du-Rhône
29%
DépartementBouches-du-Rhône
29%
DépartementCalvados
29%
DépartementCalvados
29%
DépartementCalvados
29%
DépartementCalvados
29%
DépartementCalvados
29%
DépartementCalvados
29%
DépartementCalvados
29%
DépartementCalvados
29%
DépartementCantal
29%
DépartementCantal
29%
DépartementCantal
29%
DépartementCharente
29%
DépartementCharente
29%
DépartementCharente-Maritime
29%
DépartementCharente-Maritime
29%
DépartementCharente-Maritime
29%
DépartementCharente-Maritime
29%
DépartementCharente-Maritime
29%
DépartementCharente-Maritime
29%
DépartementCharente-Maritime
29%
DépartementCher
29%
DépartementCher
29%
DépartementCher
29%
DépartementCher
29%
DépartementCher
29%
DépartementCorse-du-Sud
29%
Département Corse-du-Sud
29%
Département Corse-du-Sud
29%
DépartementCorse-du-Sud
29%
DépartementCorse-du-Sud
29%
Département Corse-du-Sud
29%
DépartementCôte-d'Or
29%
DépartementCôte-d'Or
29%
DépartementCôte-d'Or
29%
DépartementCôtes-d'Armor
29%
DépartementCôtes-d'Armor
29%
DépartementCôtes-d'Armor
29%
DépartementCreuse
29%
DépartementCreuse
29%
DépartementDépartement mystère (Côte-d'Or)
29%
DépartementDépartement mystère (Hautes-Alpes)
29%
DépartementDépartement mystère (Hauts-de-Seine)
29%
DépartementDépartement mystère (Vosges)
29%
DépartementDeux-Sèvres
29%
DépartementDeux-Sèvres
29%
DépartementDeux-Sèvres
29%
DépartementDordogne
29%
DépartementDordogne
29%
DépartementDordogne
29%
DépartementDoubs
29%
DépartementDoubs
29%
DépartementDoubs
29%
DépartementDoubs
29%
DépartementDrôme
29%
DépartementDrôme
29%
DépartementEssonne
29%
DépartementEssonne
29%
DépartementEssonne
29%
DépartementEure
29%
DépartementEure
29%
DépartementEure
29%
DépartementEure
29%
DépartementEure
29%
DépartementEure
29%
DépartementEure-et-Loir
29%
DépartementEure-et-Loir
29%
DépartementEure-et-Loir
29%
DépartementEure-et-Loir
29%
DépartementEure-et-Loir
29%
DépartementEure-et-Loir
29%
Département Finistère
29%
DépartementFinistère
29%
DépartementGard
29%
DépartementGard
29%
DépartementGard
29%
DépartementGard
29%
DépartementGard
29%
DépartementGers
29%
DépartementHaute-Corse
29%
DépartementHaute-Corse
29%
DépartementHaute-Corse
29%
DépartementHaute-Garonne
29%
DépartementHaute-Garonne
29%
DépartementHaute-Garonne
29%
DépartementHaute-Garonne
29%
DépartementHaute-Loire
29%
DépartementHaute-Loire
29%
DépartementHaute-Loire
29%
DépartementHaute-Loire
29%
DépartementHaute-Loire
29%
DépartementHautes-Alpes
29%
DépartementHautes-Alpes
29%
DépartementHautes-Alpes
29%
DépartementHautes-Alpes
29%
DépartementHautes-Alpes
29%
DépartementHaute-Saône
29%
DépartementHaute-Saône
29%
DépartementHaute-Savoie
29%
DépartementHaute-Savoie
29%
DépartementHaute-Savoie
29%
DépartementHaute-Savoie
29%
DépartementHautes-Pyrénées
29%
DépartementHautes-Pyrénées
29%
DépartementHautes-Pyrénées
29%
DépartementHautes-Pyrénées
29%
DépartementHaute-Vienne
29%
DépartementHaute-Vienne
29%
DépartementHaut-Rhin
29%
DépartementHaut-Rhin
29%
DépartementHaut-Rhin
29%
DépartementHaut-Rhin
29%
DépartementHaut-Rhin
29%
DépartementHauts-de-Seine
29%
DépartementHauts-de-Seine
29%
DépartementHérault
29%
DépartementHérault
29%
DépartementHérault
29%
DépartementIlle-et-Vilaine
29%
DépartementIlle-et-Vilaine
29%
DépartementIlle-et-Vilaine
29%
DépartementIlle-et-Vilaine
29%
DépartementIndre
29%
DépartementIndre
29%
DépartementIndre
29%
DépartementIndre
29%
DépartementIndre
29%
DépartementIndre
29%
DépartementIndre
29%
DépartementIndre-et-Loire
29%
DépartementIndre-et-Loire
29%
DépartementIndre-et-Loire
29%
DépartementIsère
29%
DépartementIsère
29%
DépartementIsère
29%
DépartementJura
29%
DépartementJura
29%
DépartementJura
29%
DépartementJura
29%
DépartementJura
29%
DépartementLandes
29%
DépartementLandes
29%
DépartementLandes
29%
DépartementLoire-Atlantique
29%
DépartementLoire-Atlantique
29%
DépartementLoire-Atlantique
29%
DépartementLoiret
29%
DépartementLoiret
29%
DépartementLoiret
29%
DépartementLoiret
29%
DépartementLoiret
29%
DépartementLoiret
29%
DépartementLoir-et-Cher
29%
DépartementLot
29%
DépartementLot
29%
DépartementLot
29%
DépartementLot-et-Garonne
29%
DépartementLot-et-Garonne
29%
DépartementLot-et-Garonne
29%
DépartementLozère
29%
DépartementLozère
29%
DépartementLozère
29%
DépartementLozère
29%
DépartementLozère
29%
DépartementMaine-et-Loire
29%
DépartementMaine-et-Loire
29%
DépartementMaine-et-Loire
29%
DépartementMaine-et-Loire
29%
DépartementMaine-et-Loire
29%
DépartementMaine-et-Loire
29%
DépartementMaine-et-Loire
29%
DépartementMaine-et-Loire
29%
DépartementManche
29%
DépartementManche
29%
DépartementManche
29%
DépartementManche
29%
DépartementManche
29%
DépartementMarne
29%
DépartementMarne
29%
DépartementMarne
29%
DépartementMarne
29%
DépartementMayenne
29%
DépartementMayenne
29%
DépartementMayenne
29%
DépartementMeurthe-et-Moselle
29%
DépartementMeurthe-et-Moselle
29%
DépartementMeuse
29%
DépartementMeuse
29%
DépartementMeuse
29%
DépartementMeuse
29%
DépartementMorbihan
29%
DépartementMorbihan
29%
DépartementMorbihan
29%
DépartementMorbihan
29%
DépartementMorbihan
29%
DépartementMorbihan
29%
DépartementMorbihan
29%
DépartementMorbihan
29%
DépartementMoselle
29%
DépartementMoselle
29%
DépartementMoselle
29%
DépartementMoselle
29%
DépartementMoselle
29%
DépartementMoselle
29%
DépartementMoselle
29%
DépartementNièvre
29%
DépartementNièvre
29%
DépartementNièvre
29%
DépartementNord
29%
DépartementOise
29%
DépartementOise
29%
DépartementOise
29%
DépartementOise
29%
DépartementOise
29%
DépartementOise
29%
DépartementOise
29%
DépartementOrne
29%
DépartementOrne
29%
DépartementOrne
29%
DépartementPas-de-Calais
29%
DépartementPas-de-Calais
29%
DépartementPuy-de-Dôme
29%
DépartementPyrénées-Atlantiques
29%
DépartementPyrénées-Atlantiques
29%
DépartementPyrénées-Orientales
29%
DépartementPyrénées-Orientales
29%
DépartementPyrénées-Orientales
29%
DépartementPyrénées-Orientales
29%
DépartementSaône-et-Loire
29%
DépartementSaône-et-Loire
29%
DépartementSarthe
29%
DépartementSarthe
29%
DépartementSarthe
29%
DépartementSavoie
29%
DépartementSeine-et-Marne
29%
DépartementSeine-et-Marne
29%
DépartementSeine-et-Marne
29%
DépartementSeine-et-Marne
29%
DépartementSeine-et-Marne
29%
DépartementSeine-Maritime
29%
DépartementSeine-Maritime
29%
DépartementSeine-Saint-Denis
29%
DépartementSeine-Saint-Denis
29%
DépartementSeine-Saint-Denis
29%
DépartementSeine-Saint-Denis
29%
DépartementSomme
29%
DépartementTarn
29%
DépartementTarn
29%
DépartementTarn
29%
DépartementTarn
29%
DépartementTarn-et-Garonne
29%
DépartementTarn-et-Garonne
29%
DépartementTerritoire de Belfort
29%
DépartementVal-de-Marne
29%
DépartementVal-de-Marne
29%
DépartementVal-d'Oise
29%
DépartementVal-d'Oise
29%
DépartementVal-d'Oise
29%
DépartementVar
29%
DépartementVar
29%
DépartementVaucluse
29%
DépartementVaucluse
29%
DépartementVendée
29%
DépartementVendée
29%
DépartementVendée
29%
DépartementVendée
29%
DépartementVendée
29%
DépartementVendée
29%
DépartementVienne
29%
DépartementVienne
29%
DépartementVosges
29%
DépartementYonne
29%
DépartementYonne
29%
DépartementYonne
29%
DépartementYvelines
29%
DépartementYvelines
29%
DépartementAin
28%
DépartementAisne
28%
DépartementAisne
28%
DépartementAisne
28%
DépartementAisne
28%
DépartementAllier
28%
DépartementAllier
28%
DépartementAlpes-de-Haute-Provence
28%
DépartementAlpes-de-Haute-Provence
28%
DépartementAlpes-de-Haute-Provence
28%
DépartementAlpes-de-Haute-Provence
28%
DépartementAlpes-de-Haute-Provence
28%
DépartementAlpes-Maritimes
28%
DépartementAlpes-Maritimes
28%
DépartementAlpes-Maritimes
28%
DépartementArdèche
28%
DépartementArdèche
28%
DépartementArdennes
28%
DépartementArdennes
28%
DépartementAriège
28%
DépartementAriège
28%
DépartementAriège
28%
DépartementAube
28%
DépartementAube
28%
DépartementAube
28%
DépartementAube
28%
DépartementAude
28%
DépartementAveyron
28%
DépartementAveyron
28%
DépartementBas-Rhin
28%
DépartementBas-Rhin
28%
DépartementBouches-du-Rhône
28%
DépartementCalvados
28%
DépartementCalvados
28%
DépartementCalvados
28%
DépartementCantal
28%
DépartementCantal
28%
DépartementCharente
28%
DépartementCorrèze
28%
DépartementCorrèze
28%
DépartementCorrèze
28%
DépartementCôte-d'Or
28%
DépartementCôte-d'Or
28%
DépartementCôte-d'Or
28%
DépartementCôte-d'Or
28%
DépartementCôte-d'Or
28%
DépartementCôtes-d'Armor
28%
DépartementCôtes-d'Armor
28%
DépartementCôtes-d'Armor
28%
DépartementCôtes-d'Armor
28%
DépartementCôtes-d'Armor
28%
DépartementCreuse
28%
DépartementCreuse
28%
DépartementDépartement mystère (Cantal)
28%
DépartementDeux-Sèvres
28%
DépartementDoubs
28%
DépartementDoubs
28%
DépartementDoubs
28%
DépartementDoubs
28%
DépartementDrôme
28%
DépartementDrôme
28%
DépartementDrôme
28%
DépartementDrôme
28%
DépartementDrôme
28%
DépartementEssonne
28%
DépartementEssonne
28%
DépartementEssonne
28%
DépartementEure
28%
DépartementEure
28%
DépartementEure
28%
DépartementEure
28%
DépartementEure-et-Loir
28%
DépartementGard
28%
DépartementGard
28%
DépartementGard
28%
DépartementGers
28%
DépartementGers
28%
DépartementGers
28%
DépartementGers
28%
DépartementGers
28%
DépartementGironde
28%
DépartementGironde
28%
DépartementGironde
28%
DépartementGironde
28%
DépartementHaute-Corse
28%
DépartementHaute-Corse
28%
Département Haute-Corse
28%
DépartementHaute-Garonne
28%
DépartementHaute-Garonne
28%
DépartementHaute-Garonne
28%
DépartementHaute-Loire
28%
DépartementHaute-Loire
28%
DépartementHaute-Loire
28%
DépartementHaute-Loire
28%
DépartementHaute-Marne
28%
DépartementHaute-Marne
28%
DépartementHaute-Marne
28%
DépartementHaute-Marne
28%
DépartementHautes-Alpes
28%
DépartementHautes-Alpes
28%
DépartementHautes-Alpes
28%
DépartementHautes-Alpes
28%
DépartementHaute-Saône
28%
DépartementHaute-Saône
28%
DépartementHaute-Saône
28%
DépartementHaute-Saône
28%
DépartementHaute-Savoie
28%
DépartementHaute-Savoie
28%
DépartementHaute-Savoie
28%
DépartementHaute-Savoie
28%
DépartementHaute-Savoie
28%
DépartementHaute-Savoie
28%
DépartementHautes-Pyrénées
28%
DépartementHautes-Pyrénées
28%
DépartementHautes-Pyrénées
28%
DépartementHaute-Vienne
28%
DépartementHaute-Vienne
28%
DépartementHaute-Vienne
28%
DépartementHaut-Rhin
28%
DépartementHaut-Rhin
28%
DépartementHaut-Rhin
28%
DépartementHauts-de-Seine
28%
DépartementHérault
28%
DépartementHérault
28%
DépartementHérault
28%
DépartementIlle-et-Vilaine
28%
DépartementIlle-et-Vilaine
28%
DépartementIlle-et-Vilaine
28%
DépartementIndre
28%
DépartementIndre
28%
DépartementIndre
28%
DépartementIndre-et-Loire
28%
DépartementIsère
28%
DépartementIsère
28%
DépartementIsère
28%
DépartementIsère
28%
DépartementJura
28%
DépartementJura
28%
DépartementJura
28%
DépartementJura
28%
DépartementJura
28%
DépartementJura
28%
DépartementLoire-Atlantique
28%
DépartementLoire-Atlantique
28%
DépartementLoire-Atlantique
28%
DépartementLoiret
28%
DépartementLoiret
28%
DépartementLoiret
28%
DépartementLoir-et-Cher
28%
DépartementLot
28%
DépartementLot
28%
DépartementLot
28%
DépartementLot
28%
DépartementLot-et-Garonne
28%
DépartementLot-et-Garonne
28%
DépartementLozère
28%
DépartementLozère
28%
DépartementMaine-et-Loire
28%
DépartementMaine-et-Loire
28%
DépartementManche
28%
DépartementManche
28%
DépartementManche
28%
DépartementManche
28%
DépartementManche
28%
DépartementManche
28%
DépartementMarne
28%
DépartementMarne
28%
DépartementMayenne
28%
DépartementMayenne
28%
DépartementMayenne
28%
DépartementMayenne
28%
DépartementMayenne
28%
DépartementMayenne
28%
DépartementMeurthe-et-Moselle
28%
DépartementMeuse
28%
DépartementMeuse
28%
DépartementMeuse
28%
DépartementMeuse
28%
DépartementMorbihan
28%
DépartementMorbihan
28%
DépartementMorbihan
28%
DépartementMorbihan
28%
DépartementMorbihan
28%
DépartementMoselle
28%
DépartementMoselle
28%
DépartementMoselle
28%
DépartementNièvre
28%
DépartementNièvre
28%
DépartementNièvre
28%
DépartementNord
28%
Département Nord
28%
DépartementOise
28%
DépartementOise
28%
DépartementOise
28%
DépartementOrne
28%
DépartementOrne
28%
DépartementOrne
28%
DépartementOrne
28%
DépartementOrne
28%
DépartementPas-de-Calais
28%
DépartementPas-de-Calais
28%
DépartementPas-de-Calais
28%
DépartementPas-de-Calais
28%
DépartementPas-de-Calais
28%
DépartementPuy-de-Dôme
28%
DépartementPuy-de-Dôme
28%
DépartementPuy-de-Dôme
28%
DépartementPuy-de-Dôme
28%
DépartementPyrénées-Atlantiques
28%
DépartementPyrénées-Atlantiques
28%
DépartementPyrénées-Orientales
28%
DépartementPyrénées-Orientales
28%
DépartementPyrénées-Orientales
28%
DépartementPyrénées-Orientales
28%
DépartementRhône (et métropole de Lyon)
28%
DépartementSaône-et-Loire
28%
DépartementSaône-et-Loire
28%
DépartementSaône-et-Loire
28%
DépartementSarthe
28%
DépartementSarthe
28%
DépartementSarthe
28%
DépartementSavoie
28%
DépartementSavoie
28%
DépartementSavoie
28%
DépartementSavoie
28%
DépartementSeine-et-Marne
28%
DépartementSeine-et-Marne
28%
DépartementSeine-Maritime
28%
DépartementSeine-Maritime
28%
DépartementSeine-Saint-Denis
28%
DépartementSeine-Saint-Denis
28%
DépartementSeine-Saint-Denis
28%
DépartementSomme
28%
DépartementSomme
28%
DépartementTarn
28%
DépartementTarn-et-Garonne
28%
DépartementTarn-et-Garonne
28%
DépartementTarn-et-Garonne
28%
DépartementTarn-et-Garonne
28%
DépartementTerritoire de Belfort
28%
DépartementTerritoire de Belfort
28%
DépartementTerritoire de Belfort
28%
DépartementVal-de-Marne
28%
DépartementVal-de-Marne
28%
DépartementVal-de-Marne
28%
DépartementVal-d'Oise
28%
DépartementVal-d'Oise
28%
DépartementVar
28%
DépartementVaucluse
28%
DépartementVaucluse
28%
DépartementVaucluse
28%
DépartementVendée
28%
DépartementVendée
28%
DépartementVienne
28%
DépartementVienne
28%
DépartementVosges
28%
DépartementVosges
28%
DépartementVosges
28%
DépartementVosges
28%
DépartementVosges
28%
DépartementVosges
28%
DépartementVosges
28%
DépartementYonne
28%
DépartementYonne
28%
DépartementYvelines
28%
DépartementYvelines
28%
DépartementYvelines
28%
DépartementYvelines
28%
DépartementYvelines
28%
DépartementYvelines
28%
DépartementAin
27%
DépartementAin
27%
DépartementAisne
27%
DépartementAllier
27%
DépartementAllier
27%
DépartementAlpes-de-Haute-Provence
27%
DépartementAlpes-de-Haute-Provence
27%
DépartementAlpes-de-Haute-Provence
27%
DépartementAlpes-de-Haute-Provence
27%
DépartementAlpes-de-Haute-Provence
27%
DépartementAlpes-Maritimes
27%
DépartementAlpes-Maritimes
27%
DépartementAlpes-Maritimes
27%
DépartementArdèche
27%
DépartementArdèche
27%
DépartementArdennes
27%
DépartementArdennes
27%
DépartementArdennes
27%
DépartementAriège
27%
DépartementAriège
27%
DépartementAube
27%
DépartementAube
27%
DépartementAube
27%
DépartementAube
27%
DépartementAude
27%
DépartementAude
27%
DépartementAude
27%
DépartementAude
27%
DépartementAude
27%
DépartementAveyron
27%
DépartementAveyron
27%
DépartementAveyron
27%
DépartementAveyron
27%
DépartementAveyron
27%
DépartementBas-Rhin
27%
DépartementBas-Rhin
27%
DépartementBas-Rhin
27%
DépartementBas-Rhin
27%
DépartementBouches-du-Rhône
27%
DépartementBouches-du-Rhône
27%
DépartementBouches-du-Rhône
27%
DépartementCalvados
27%
DépartementCharente
27%
DépartementCharente
27%
DépartementCharente
27%
DépartementCharente-Maritime
27%
DépartementCharente-Maritime
27%
DépartementCharente-Maritime
27%
DépartementCher
27%
DépartementCher
27%
DépartementCher
27%
DépartementCher
27%
DépartementCher
27%
DépartementCher
27%
DépartementCorrèze
27%
DépartementCorrèze
27%
DépartementCorrèze
27%
DépartementCorrèze
27%
DépartementCorrèze
27%
DépartementCorse-du-Sud
27%
DépartementCorse-du-Sud
27%
DépartementCorse-du-Sud
27%
Département Corse-du-Sud
27%
DépartementCôte-d'Or
27%
DépartementCôte-d'Or
27%
DépartementCôte-d'Or
27%
DépartementCôte-d'Or
27%
DépartementCôte-d'Or
27%
DépartementCreuse
27%
DépartementDépartement mystère (Dordogne)
27%
DépartementDépartement mystère (Vendée)
27%
DépartementDépartement mystère (Yonne)
27%
DépartementDeux-Sèvres
27%
DépartementDeux-Sèvres
27%
DépartementDeux-Sèvres
27%
DépartementDeux-Sèvres
27%
DépartementDeux-Sèvres
27%
DépartementDeux-Sèvres
27%
DépartementDeux-Sèvres
27%
DépartementDordogne
27%
DépartementDordogne
27%
DépartementDordogne
27%
DépartementDoubs
27%
DépartementDoubs
27%
DépartementDoubs
27%
DépartementDrôme
27%
DépartementDrôme
27%
DépartementEssonne
27%
DépartementEssonne
27%
DépartementEssonne
27%
DépartementEssonne
27%
DépartementEssonne
27%
DépartementEssonne
27%
DépartementEssonne
27%
DépartementEssonne
27%
DépartementEssonne
27%
DépartementEure
27%
DépartementEure
27%
DépartementEure
27%
DépartementEure-et-Loir
27%
DépartementEure-et-Loir
27%
Département Finistère
27%
DépartementFinistère
27%
DépartementGard
27%
DépartementGard
27%
DépartementGard
27%
DépartementGers
27%
DépartementHaute-Corse
27%
DépartementHaute-Corse
27%
DépartementHaute-Corse
27%
DépartementHaute-Corse
27%
DépartementHaute-Corse
27%
DépartementHaute-Garonne
27%
DépartementHaute-Garonne
27%
DépartementHaute-Garonne
27%
DépartementHaute-Loire
27%
DépartementHaute-Marne
27%
DépartementHaute-Marne
27%
DépartementHautes-Alpes
27%
DépartementHautes-Alpes
27%
DépartementHautes-Alpes
27%
DépartementHaute-Saône
27%
DépartementHaute-Saône
27%
DépartementHaute-Saône
27%
DépartementHaute-Saône
27%
DépartementHaute-Saône
27%
DépartementHaute-Savoie
27%
DépartementHaute-Savoie
27%
DépartementHaute-Savoie
27%
DépartementHaute-Savoie
27%
DépartementHaute-Savoie
27%
DépartementHautes-Pyrénées
27%
DépartementHautes-Pyrénées
27%
DépartementHautes-Pyrénées
27%
DépartementHautes-Pyrénées
27%
DépartementHaute-Vienne
27%
DépartementHaute-Vienne
27%
DépartementHaute-Vienne
27%
DépartementHaute-Vienne
27%
DépartementHaute-Vienne
27%
DépartementHaute-Vienne
27%
DépartementHaute-Vienne
27%
DépartementHaut-Rhin
27%
DépartementHaut-Rhin
27%
DépartementHaut-Rhin
27%
DépartementHaut-Rhin
27%
DépartementHauts-de-Seine
27%
DépartementHauts-de-Seine
27%
DépartementHauts-de-Seine
27%
DépartementHauts-de-Seine
27%
DépartementHauts-de-Seine
27%
DépartementHérault
27%
DépartementHérault
27%
DépartementHérault
27%
DépartementIlle-et-Vilaine
27%
DépartementIlle-et-Vilaine
27%
DépartementIlle-et-Vilaine
27%
DépartementIlle-et-Vilaine
27%
DépartementIlle-et-Vilaine
27%
DépartementIndre
27%
DépartementIndre-et-Loire
27%
DépartementIndre-et-Loire
27%
DépartementIndre-et-Loire
27%
DépartementIndre-et-Loire
27%
DépartementIndre-et-Loire
27%
DépartementIndre-et-Loire
27%
DépartementIndre-et-Loire
27%
DépartementIsère
27%
DépartementJura
27%
DépartementJura
27%
DépartementJura
27%
DépartementLandes
27%
DépartementLoire-Atlantique
27%
DépartementLoire-Atlantique
27%
DépartementLoire-Atlantique
27%
DépartementLoire-Atlantique
27%
DépartementLoiret
27%
DépartementLoir-et-Cher
27%
DépartementLoir-et-Cher
27%
DépartementLoir-et-Cher
27%
DépartementLoir-et-Cher
27%
DépartementLoir-et-Cher
27%
DépartementLot
27%
DépartementLot
27%
DépartementLot-et-Garonne
27%
DépartementLot-et-Garonne
27%
DépartementLozère
27%
DépartementMaine-et-Loire
27%
DépartementMaine-et-Loire
27%
DépartementMaine-et-Loire
27%
DépartementMaine-et-Loire
27%
DépartementMaine-et-Loire
27%
DépartementManche
27%
DépartementManche
27%
DépartementManche
27%
DépartementManche
27%
DépartementMarne
27%
DépartementMarne
27%
DépartementMarne
27%
DépartementMarne
27%
DépartementMarne
27%
DépartementMarne
27%
DépartementMarne
27%
DépartementMayenne
27%
DépartementMayenne
27%
DépartementMeurthe-et-Moselle
27%
DépartementMeurthe-et-Moselle
27%
DépartementMeurthe-et-Moselle
27%
DépartementMeurthe-et-Moselle
27%
DépartementMeurthe-et-Moselle
27%
DépartementMeuse
27%
DépartementMeuse
27%
DépartementMeuse
27%
DépartementMeuse
27%
DépartementMorbihan
27%
DépartementMorbihan
27%
DépartementMoselle
27%
DépartementMoselle
27%
DépartementMoselle
27%
DépartementMoselle
27%
DépartementNièvre
27%
DépartementOise
27%
DépartementOise
27%
DépartementOrne
27%
DépartementOrne
27%
DépartementOrne
27%
DépartementParis
27%
DépartementPas-de-Calais
27%
DépartementPas-de-Calais
27%
DépartementPas-de-Calais
27%
DépartementPas-de-Calais
27%
DépartementPas-de-Calais
27%
DépartementPas-de-Calais
27%
DépartementPuy-de-Dôme
27%
DépartementPyrénées-Atlantiques
27%
DépartementPyrénées-Atlantiques
27%
DépartementPyrénées-Orientales
27%
DépartementPyrénées-Orientales
27%
DépartementPyrénées-Orientales
27%
DépartementPyrénées-Orientales
27%
DépartementRhône (et métropole de Lyon)
27%
DépartementSaône-et-Loire
27%
DépartementSaône-et-Loire
27%
DépartementSaône-et-Loire
27%
DépartementSarthe
27%
DépartementSavoie
27%
DépartementSavoie
27%
DépartementSeine-et-Marne
27%
DépartementSeine-et-Marne
27%
DépartementSeine-et-Marne
27%
DépartementSeine-et-Marne
27%
DépartementSeine-et-Marne
27%
DépartementSeine-et-Marne
27%
DépartementSeine-Maritime
27%
DépartementSeine-Maritime
27%
DépartementSeine-Maritime
27%
DépartementSeine-Maritime
27%
DépartementSeine-Maritime
27%
DépartementSeine-Saint-Denis
27%
DépartementSeine-Saint-Denis
27%
DépartementSeine-Saint-Denis
27%
DépartementSeine-Saint-Denis
27%
DépartementSeine-Saint-Denis
27%
DépartementSeine-Saint-Denis
27%
DépartementSomme
27%
DépartementSomme
27%
DépartementSomme
27%
DépartementSomme
27%
DépartementSomme
27%
DépartementSomme
27%
DépartementTarn
27%
DépartementTarn
27%
DépartementTarn
27%
DépartementTarn-et-Garonne
27%
DépartementTerritoire de Belfort
27%
DépartementTerritoire de Belfort
27%
DépartementTerritoire de Belfort
27%
DépartementTerritoire de Belfort
27%
DépartementTerritoire de Belfort
27%
DépartementVal-de-Marne
27%
DépartementVal-de-Marne
27%
DépartementVal-d'Oise
27%
DépartementVal-d'Oise
27%
DépartementVar
27%
DépartementVaucluse
27%
DépartementVaucluse
27%
DépartementVaucluse
27%
DépartementVendée
27%
DépartementVendée
27%
DépartementVendée
27%
DépartementVienne
27%
DépartementVienne
27%
DépartementVienne
27%
DépartementVienne
27%
DépartementVienne
27%
DépartementVienne
27%
DépartementVienne
27%
DépartementVienne
27%
DépartementVienne
27%
DépartementVosges
27%
DépartementVosges
27%
DépartementVosges
27%
DépartementVosges
27%
DépartementVosges
27%
DépartementYonne
27%
DépartementYonne
27%
DépartementYonne
27%
DépartementYonne
27%
DépartementYonne
27%
DépartementYvelines
27%
DépartementYvelines
27%
DépartementYvelines
27%
DépartementYvelines
27%
DépartementYvelines
27%
DépartementAisne
26%
DépartementAisne
26%
DépartementAisne
26%
DépartementAllier
26%
DépartementAllier
26%
DépartementAlpes-de-Haute-Provence
26%
DépartementAlpes-Maritimes
26%
DépartementAlpes-Maritimes
26%
DépartementAlpes-Maritimes
26%
DépartementArdèche
26%
DépartementArdèche
26%
DépartementArdennes
26%
DépartementArdennes
26%
DépartementArdennes
26%
DépartementArdennes
26%
DépartementAriège
26%
DépartementAriège
26%
DépartementAriège
26%
DépartementAube
26%
DépartementAube
26%
DépartementAube
26%
DépartementAude
26%
DépartementAude
26%
DépartementAude
26%
DépartementAveyron
26%
DépartementBas-Rhin
26%
DépartementBas-Rhin
26%
DépartementBas-Rhin
26%
DépartementBas-Rhin
26%
DépartementBouches-du-Rhône
26%
DépartementCalvados
26%
DépartementCalvados
26%
DépartementCalvados
26%
DépartementCantal
26%
DépartementCantal
26%
DépartementCantal
26%
DépartementCharente
26%
DépartementCharente
26%
DépartementCharente
26%
DépartementCharente
26%
DépartementCharente-Maritime
26%
DépartementCharente-Maritime
26%
DépartementCharente-Maritime
26%
DépartementCher
26%
DépartementCher
26%
DépartementCher
26%
DépartementCher
26%
DépartementCher
26%
DépartementCorrèze
26%
DépartementCorrèze
26%
Département Corse-du-Sud
26%
Département Corse-du-Sud
26%
Département Corse-du-Sud
26%
DépartementCôte-d'Or
26%
DépartementCôte-d'Or
26%
DépartementCôte-d'Or
26%
DépartementCôte-d'Or
26%
DépartementCôtes-d'Armor
26%
DépartementCôtes-d'Armor
26%
DépartementCôtes-d'Armor
26%
DépartementCôtes-d'Armor
26%
DépartementCôtes-d'Armor
26%
DépartementCôtes-d'Armor
26%
DépartementCreuse
26%
DépartementCreuse
26%
DépartementCreuse
26%
DépartementCreuse
26%
DépartementDépartement mystère (Cher)
26%
DépartementDépartement mystère (Indre-et-Loire)
26%
DépartementDépartement mystère (Pyrénées-Atlantiques)
26%
DépartementDépartement mystère (Vienne)
26%
DépartementDeux-Sèvres
26%
DépartementDoubs
26%
DépartementDoubs
26%
DépartementDoubs
26%
DépartementDoubs
26%
DépartementDrôme
26%
DépartementDrôme
26%
DépartementDrôme
26%
DépartementEssonne
26%
DépartementEure
26%
DépartementEure
26%
DépartementEure
26%
DépartementEure
26%
DépartementEure-et-Loir
26%
DépartementEure-et-Loir
26%
DépartementEure-et-Loir
26%
DépartementEure-et-Loir
26%
DépartementGard
26%
DépartementGard
26%
DépartementGers
26%
DépartementGers
26%
DépartementGers
26%
DépartementGers
26%
DépartementGers
26%
DépartementGironde
26%
DépartementHaute-Corse
26%
DépartementHaute-Corse
26%
DépartementHaute-Garonne
26%
DépartementHaute-Loire
26%
DépartementHaute-Marne
26%
DépartementHaute-Marne
26%
DépartementHaute-Marne
26%
DépartementHaute-Marne
26%
DépartementHaute-Marne
26%
DépartementHautes-Alpes
26%
DépartementHautes-Alpes
26%
DépartementHautes-Alpes
26%
DépartementHautes-Alpes
26%
DépartementHautes-Alpes
26%
DépartementHaute-Saône
26%
DépartementHaute-Saône
26%
DépartementHaute-Savoie
26%
DépartementHaute-Savoie
26%
DépartementHaute-Savoie
26%
DépartementHautes-Pyrénées
26%
DépartementHautes-Pyrénées
26%
DépartementHaute-Vienne
26%
DépartementHaute-Vienne
26%
DépartementHaute-Vienne
26%
DépartementHaut-Rhin
26%
DépartementHaut-Rhin
26%
DépartementHaut-Rhin
26%
DépartementHaut-Rhin
26%
DépartementHaut-Rhin
26%
DépartementHauts-de-Seine
26%
DépartementHauts-de-Seine
26%
DépartementHauts-de-Seine
26%
DépartementHauts-de-Seine
26%
DépartementHérault
26%
DépartementIlle-et-Vilaine
26%
DépartementIlle-et-Vilaine
26%
DépartementIndre
26%
DépartementIndre-et-Loire
26%
DépartementIndre-et-Loire
26%
DépartementIsère
26%
DépartementIsère
26%
DépartementJura
26%
DépartementJura
26%
DépartementJura
26%
DépartementLandes
26%
DépartementLandes
26%
DépartementLandes
26%
DépartementLoire-Atlantique
26%
DépartementLoire-Atlantique
26%
DépartementLoire-Atlantique
26%
DépartementLoiret
26%
DépartementLoiret
26%
DépartementLoir-et-Cher
26%
DépartementLoir-et-Cher
26%
DépartementLoir-et-Cher
26%
DépartementLoir-et-Cher
26%
DépartementLot-et-Garonne
26%
DépartementLot-et-Garonne
26%
DépartementLozère
26%
DépartementLozère
26%
DépartementLozère
26%
DépartementLozère
26%
DépartementMaine-et-Loire
26%
DépartementMaine-et-Loire
26%
DépartementManche
26%
DépartementManche
26%
DépartementManche
26%
DépartementMarne
26%
DépartementMayenne
26%
DépartementMayenne
26%
DépartementMayenne
26%
DépartementMayenne
26%
DépartementMeurthe-et-Moselle
26%
DépartementMeurthe-et-Moselle
26%
DépartementMeurthe-et-Moselle
26%
DépartementMeurthe-et-Moselle
26%
DépartementMeurthe-et-Moselle
26%
DépartementMeuse
26%
DépartementMeuse
26%
DépartementMeuse
26%
DépartementMorbihan
26%
DépartementMorbihan
26%
DépartementMorbihan
26%
DépartementMorbihan
26%
DépartementMorbihan
26%
DépartementMoselle
26%
DépartementMoselle
26%
DépartementMoselle
26%
DépartementMoselle
26%
DépartementMoselle
26%
DépartementMoselle
26%
DépartementNièvre
26%
DépartementNièvre
26%
DépartementNièvre
26%
DépartementNièvre
26%
DépartementNièvre
26%
DépartementNièvre
26%
DépartementNièvre
26%
DépartementNièvre
26%
DépartementNièvre
26%
DépartementNièvre
26%
DépartementNièvre
26%
DépartementOise
26%
DépartementOise
26%
DépartementOise
26%
DépartementOise
26%
DépartementOrne
26%
DépartementOrne
26%
DépartementOrne
26%
DépartementPas-de-Calais
26%
DépartementPas-de-Calais
26%
DépartementPas-de-Calais
26%
DépartementPuy-de-Dôme
26%
DépartementPuy-de-Dôme
26%
DépartementPyrénées-Atlantiques
26%
DépartementPyrénées-Atlantiques
26%
DépartementPyrénées-Atlantiques
26%
DépartementPyrénées-Orientales
26%
DépartementSaône-et-Loire
26%
DépartementSaône-et-Loire
26%
DépartementSaône-et-Loire
26%
DépartementSarthe
26%
DépartementSarthe
26%
DépartementSarthe
26%
DépartementSarthe
26%
DépartementSarthe
26%
DépartementSavoie
26%
DépartementSavoie
26%
DépartementSavoie
26%
DépartementSavoie
26%
DépartementSeine-et-Marne
26%
DépartementSeine-et-Marne
26%
DépartementSeine-et-Marne
26%
DépartementSeine-et-Marne
26%
DépartementSeine-Maritime
26%
DépartementSeine-Maritime
26%
DépartementSeine-Saint-Denis
26%
DépartementSeine-Saint-Denis
26%
DépartementSomme
26%
DépartementSomme
26%
DépartementSomme
26%
DépartementSomme
26%
DépartementSomme
26%
DépartementSomme
26%
DépartementTarn
26%
DépartementTarn-et-Garonne
26%
DépartementTarn-et-Garonne
26%
DépartementTarn-et-Garonne
26%
DépartementTarn-et-Garonne
26%
DépartementTerritoire de Belfort
26%
DépartementTerritoire de Belfort
26%
DépartementTerritoire de Belfort
26%
DépartementTerritoire de Belfort
26%
DépartementTerritoire de Belfort
26%
DépartementVal-de-Marne
26%
DépartementVal-de-Marne
26%
DépartementVal-de-Marne
26%
DépartementVal-de-Marne
26%
DépartementVal-d'Oise
26%
DépartementVal-d'Oise
26%
DépartementVal-d'Oise
26%
DépartementVal-d'Oise
26%
DépartementVar
26%
DépartementVar
26%
DépartementVar
26%
DépartementVaucluse
26%
DépartementVaucluse
26%
DépartementVendée
26%
DépartementVosges
26%
DépartementVosges
26%
DépartementVosges
26%
DépartementVosges
26%
DépartementYonne
26%
DépartementYonne
26%
DépartementYonne
26%
DépartementYonne
26%
DépartementYonne
26%
DépartementYonne
26%
DépartementYonne
26%
DépartementYvelines
26%
DépartementYvelines
26%
DépartementAisne
25%
DépartementAisne
25%
DépartementAisne
25%
DépartementAisne
25%
DépartementAllier
25%
DépartementAllier
25%
DépartementAllier
25%
DépartementAlpes-de-Haute-Provence
25%
DépartementAlpes-de-Haute-Provence
25%
DépartementAlpes-Maritimes
25%
DépartementAlpes-Maritimes
25%
DépartementArdèche
25%
DépartementArdennes
25%
DépartementArdennes
25%
DépartementArdennes
25%
DépartementArdennes
25%
DépartementAriège
25%
DépartementAriège
25%
DépartementAube
25%
DépartementAube
25%
DépartementAube
25%
DépartementAude
25%
DépartementAude
25%
DépartementAveyron
25%
DépartementAveyron
25%
DépartementBas-Rhin
25%
DépartementBas-Rhin
25%
DépartementBas-Rhin
25%
DépartementBas-Rhin
25%
DépartementBouches-du-Rhône
25%
DépartementBouches-du-Rhône
25%
DépartementCalvados
25%
DépartementCalvados
25%
DépartementCantal
25%
DépartementCharente
25%
DépartementCharente
25%
DépartementCharente
25%
DépartementCharente
25%
DépartementCharente
25%
DépartementCharente-Maritime
25%
DépartementCharente-Maritime
25%
DépartementCher
25%
DépartementCher
25%
DépartementCher
25%
DépartementCorrèze
25%
DépartementCorrèze
25%
Département Corse-du-Sud
25%
Département Corse-du-Sud
25%
DépartementCôte-d'Or
25%
DépartementCôte-d'Or
25%
DépartementCôte-d'Or
25%
DépartementCôtes-d'Armor
25%
DépartementCôtes-d'Armor
25%
DépartementCôtes-d'Armor
25%
DépartementCôtes-d'Armor
25%
DépartementCôtes-d'Armor
25%
DépartementCreuse
25%
DépartementDépartement mystère (Aude)
25%
DépartementDépartement mystère (Corrèze)
25%
DépartementDépartement mystère (Haute-Garonne)
25%
DépartementDépartement mystère (Lozère)
25%
DépartementDépartement mystère (Pyrénées-Orientales)
25%
DépartementDépartement mystère (Val-de-Marne)
25%
DépartementDeux-Sèvres
25%
DépartementDeux-Sèvres
25%
DépartementDeux-Sèvres
25%
DépartementDordogne
25%
DépartementDordogne
25%
DépartementDordogne
25%
DépartementDoubs
25%
DépartementDoubs
25%
DépartementDrôme
25%
DépartementDrôme
25%
DépartementEssonne
25%
DépartementEure
25%
DépartementEure-et-Loir
25%
DépartementEure-et-Loir
25%
DépartementEure-et-Loir
25%
DépartementEure-et-Loir
25%
DépartementEure-et-Loir
25%
DépartementFinistère
25%
DépartementFinistère
25%
DépartementGard
25%
DépartementGard
25%
DépartementGard
25%
DépartementGers
25%
DépartementGers
25%
DépartementGironde
25%
DépartementGironde
25%
DépartementHaute-Corse
25%
DépartementHaute-Corse
25%
Département Haute-Corse
25%
DépartementHaute-Corse
25%
DépartementHaute-Corse
25%
DépartementHaute-Garonne
25%
DépartementHaute-Garonne
25%
DépartementHaute-Garonne
25%
DépartementHaute-Garonne
25%
DépartementHaute-Loire
25%
DépartementHaute-Loire
25%
DépartementHaute-Loire
25%
DépartementHaute-Marne
25%
DépartementHaute-Marne
25%
DépartementHaute-Marne
25%
DépartementHaute-Marne
25%
DépartementHaute-Marne
25%
DépartementHaute-Marne
25%
DépartementHautes-Alpes
25%
DépartementHautes-Alpes
25%
DépartementHaute-Saône
25%
DépartementHaute-Saône
25%
DépartementHaute-Saône
25%
DépartementHaute-Saône
25%
DépartementHaute-Saône
25%
DépartementHaute-Saône
25%
DépartementHaute-Savoie
25%
DépartementHaute-Savoie
25%
DépartementHaute-Savoie
25%
DépartementHaute-Savoie
25%
DépartementHaute-Savoie
25%
DépartementHaute-Savoie
25%
DépartementHaute-Savoie
25%
DépartementHautes-Pyrénées
25%
DépartementHautes-Pyrénées
25%
DépartementHautes-Pyrénées
25%
DépartementHautes-Pyrénées
25%
DépartementHautes-Pyrénées
25%
DépartementHaute-Vienne
25%
DépartementHaute-Vienne
25%
DépartementHaut-Rhin
25%
DépartementHaut-Rhin
25%
DépartementHaut-Rhin
25%
DépartementHaut-Rhin
25%
DépartementHaut-Rhin
25%
DépartementHauts-de-Seine
25%
DépartementHauts-de-Seine
25%
DépartementHauts-de-Seine
25%
DépartementHauts-de-Seine
25%
DépartementHauts-de-Seine
25%
DépartementHauts-de-Seine
25%
DépartementHauts-de-Seine
25%
DépartementHérault
25%
DépartementHérault
25%
DépartementHérault
25%
DépartementIlle-et-Vilaine
25%
DépartementIndre-et-Loire
25%
DépartementIndre-et-Loire
25%
DépartementIndre-et-Loire
25%
DépartementIndre-et-Loire
25%
DépartementIsère
25%
DépartementIsère
25%
DépartementIsère
25%
DépartementJura
25%
DépartementLandes
25%
DépartementLandes
25%
DépartementLandes
25%
DépartementLandes
25%
DépartementLoire-Atlantique
25%
DépartementLoire-Atlantique
25%
DépartementLoiret
25%
DépartementLoir-et-Cher
25%
DépartementLoir-et-Cher
25%
DépartementLoir-et-Cher
25%
DépartementLot
25%
DépartementLot
25%
DépartementLot
25%
DépartementLot-et-Garonne
25%
DépartementLot-et-Garonne
25%
DépartementLot-et-Garonne
25%
DépartementLot-et-Garonne
25%
DépartementLot-et-Garonne
25%
DépartementLozère
25%
DépartementMaine-et-Loire
25%
DépartementMaine-et-Loire
25%
DépartementMaine-et-Loire
25%
DépartementMaine-et-Loire
25%
DépartementMaine-et-Loire
25%
DépartementMaine-et-Loire
25%
DépartementManche
25%
DépartementMarne
25%
DépartementMarne
25%
DépartementMarne
25%
DépartementMarne
25%
DépartementMayenne
25%
DépartementMayenne
25%
DépartementMayenne
25%
DépartementMayenne
25%
DépartementMayenne
25%
DépartementMayenne
25%
DépartementMeurthe-et-Moselle
25%
DépartementMeurthe-et-Moselle
25%
DépartementMeurthe-et-Moselle
25%
DépartementMeurthe-et-Moselle
25%
DépartementMeurthe-et-Moselle
25%
DépartementMeuse
25%
DépartementMeuse
25%
DépartementMeuse
25%
DépartementMeuse
25%
DépartementMeuse
25%
DépartementMorbihan
25%
DépartementMoselle
25%
DépartementNièvre
25%
DépartementNièvre
25%
DépartementOise
25%
DépartementOise
25%
DépartementOise
25%
DépartementOrne
25%
DépartementOrne
25%
DépartementOrne
25%
DépartementOrne
25%
DépartementOrne
25%
DépartementPas-de-Calais
25%
DépartementPas-de-Calais
25%
DépartementPuy-de-Dôme
25%
DépartementPuy-de-Dôme
25%
DépartementPuy-de-Dôme
25%
DépartementPyrénées-Atlantiques
25%
DépartementPyrénées-Atlantiques
25%
DépartementPyrénées-Orientales
25%
DépartementPyrénées-Orientales
25%
DépartementPyrénées-Orientales
25%
DépartementPyrénées-Orientales
25%
DépartementSaône-et-Loire
25%
DépartementSaône-et-Loire
25%
DépartementSaône-et-Loire
25%
DépartementSaône-et-Loire
25%
DépartementSaône-et-Loire
25%
DépartementSaône-et-Loire
25%
DépartementSaône-et-Loire
25%
DépartementSarthe
25%
DépartementSarthe
25%
DépartementSarthe
25%
DépartementSarthe
25%
DépartementSarthe
25%
DépartementSavoie
25%
DépartementSavoie
25%
DépartementSeine-et-Marne
25%
DépartementSeine-et-Marne
25%
DépartementSeine-Maritime
25%
DépartementSeine-Maritime
25%
DépartementSeine-Maritime
25%
DépartementSeine-Saint-Denis
25%
DépartementSeine-Saint-Denis
25%
DépartementSeine-Saint-Denis
25%
DépartementSeine-Saint-Denis
25%
DépartementSeine-Saint-Denis
25%
DépartementSomme
25%
DépartementSomme
25%
DépartementSomme
25%
DépartementTarn
25%
DépartementTarn-et-Garonne
25%
DépartementTerritoire de Belfort
25%
DépartementTerritoire de Belfort
25%
DépartementVal-de-Marne
25%
DépartementVal-de-Marne
25%
DépartementVal-de-Marne
25%
DépartementVal-de-Marne
25%
DépartementVal-de-Marne
25%
DépartementVal-de-Marne
25%
DépartementVal-de-Marne
25%
DépartementVal-d'Oise
25%
DépartementVal-d'Oise
25%
DépartementVal-d'Oise
25%
DépartementVal-d'Oise
25%
DépartementVal-d'Oise
25%
DépartementVar
25%
DépartementVaucluse
25%
DépartementVaucluse
25%
DépartementVaucluse
25%
DépartementVaucluse
25%
DépartementVienne
25%
DépartementVosges
25%
DépartementYonne
25%
DépartementYonne
25%
DépartementYonne
25%
DépartementYonne
25%
DépartementYonne
25%
DépartementYvelines
25%
DépartementYvelines
25%
DépartementYvelines
25%
DépartementYvelines
25%
DépartementAisne
24%
DépartementAllier
24%
DépartementAllier
24%
DépartementAlpes-de-Haute-Provence
24%
DépartementAlpes-de-Haute-Provence
24%
DépartementAlpes-de-Haute-Provence
24%
DépartementAlpes-de-Haute-Provence
24%
DépartementAlpes-Maritimes
24%
DépartementAlpes-Maritimes
24%
DépartementAlpes-Maritimes
24%
DépartementAlpes-Maritimes
24%
DépartementArdèche
24%
DépartementArdèche
24%
DépartementArdèche
24%
DépartementArdennes
24%
DépartementAriège
24%
DépartementAriège
24%
DépartementAriège
24%
DépartementAriège
24%
DépartementAube
24%
DépartementAube
24%
DépartementAude
24%
DépartementAude
24%
DépartementAude
24%
DépartementAveyron
24%
DépartementAveyron
24%
DépartementBas-Rhin
24%
DépartementBouches-du-Rhône
24%
DépartementBouches-du-Rhône
24%
DépartementCantal
24%
DépartementCantal
24%
DépartementCantal
24%
DépartementCharente-Maritime
24%
DépartementCharente-Maritime
24%
DépartementCharente-Maritime
24%
DépartementCorrèze
24%
DépartementCorrèze
24%
DépartementCorrèze
24%
DépartementCorse-du-Sud
24%
Département Corse-du-Sud
24%
Département Corse-du-Sud
24%
Département Corse-du-Sud
24%
DépartementCorse-du-Sud
24%
DépartementCorse-du-Sud
24%
DépartementCôte-d'Or
24%
DépartementCôte-d'Or
24%
DépartementCôte-d'Or
24%
DépartementCôte-d'Or
24%
DépartementCôtes-d'Armor
24%
DépartementCôtes-d'Armor
24%
DépartementCôtes-d'Armor
24%
DépartementCreuse
24%
DépartementCreuse
24%
DépartementDeux-Sèvres
24%
DépartementDeux-Sèvres
24%
DépartementDeux-Sèvres
24%
DépartementDeux-Sèvres
24%
DépartementDordogne
24%
DépartementDoubs
24%
DépartementDoubs
24%
DépartementDrôme
24%
DépartementDrôme
24%
DépartementDrôme
24%
DépartementEssonne
24%
DépartementEssonne
24%
DépartementEssonne
24%
DépartementEssonne
24%
DépartementEssonne
24%
DépartementEssonne
24%
DépartementEure
24%
DépartementEure-et-Loir
24%
DépartementEure-et-Loir
24%
DépartementEure-et-Loir
24%
DépartementEure-et-Loir
24%
Département Finistère
24%
DépartementGard
24%
DépartementGard
24%
DépartementGers
24%
DépartementGironde
24%
DépartementHaute-Corse
24%
DépartementHaute-Corse
24%
DépartementHaute-Corse
24%
DépartementHaute-Corse
24%
DépartementHaute-Corse
24%
DépartementHaute-Garonne
24%
DépartementHaute-Garonne
24%
DépartementHaute-Garonne
24%
DépartementHaute-Loire
24%
DépartementHaute-Loire
24%
DépartementHaute-Loire
24%
DépartementHaute-Marne
24%
DépartementHaute-Marne
24%
DépartementHautes-Alpes
24%
DépartementHautes-Alpes
24%
DépartementHautes-Alpes
24%
DépartementHautes-Alpes
24%
DépartementHautes-Alpes
24%
DépartementHautes-Alpes
24%
DépartementHautes-Alpes
24%
DépartementHaute-Saône
24%
DépartementHaute-Saône
24%
DépartementHaute-Savoie
24%
DépartementHaute-Savoie
24%
DépartementHaute-Savoie
24%
DépartementHautes-Pyrénées
24%
DépartementHautes-Pyrénées
24%
DépartementHautes-Pyrénées
24%
DépartementHautes-Pyrénées
24%
DépartementHautes-Pyrénées
24%
DépartementHaute-Vienne
24%
DépartementHaute-Vienne
24%
DépartementHaute-Vienne
24%
DépartementHauts-de-Seine
24%
DépartementHauts-de-Seine
24%
DépartementHauts-de-Seine
24%
DépartementHérault
24%
DépartementHérault
24%
DépartementIlle-et-Vilaine
24%
DépartementIlle-et-Vilaine
24%
DépartementIlle-et-Vilaine
24%
DépartementIlle-et-Vilaine
24%
DépartementIndre
24%
DépartementIndre-et-Loire
24%
DépartementIndre-et-Loire
24%
DépartementJura
24%
DépartementJura
24%
DépartementJura
24%
DépartementLandes
24%
DépartementLandes
24%
DépartementLandes
24%
DépartementLandes
24%
DépartementLandes
24%
DépartementLoire-Atlantique
24%
DépartementLoire-Atlantique
24%
DépartementLoire-Atlantique
24%
DépartementLoire-Atlantique
24%
DépartementLoiret
24%
DépartementLoir-et-Cher
24%
DépartementLoir-et-Cher
24%
DépartementLoir-et-Cher
24%
DépartementLoir-et-Cher
24%
DépartementLot
24%
DépartementLot-et-Garonne
24%
DépartementLozère
24%
DépartementMaine-et-Loire
24%
DépartementMaine-et-Loire
24%
DépartementMaine-et-Loire
24%
DépartementManche
24%
DépartementManche
24%
DépartementMayenne
24%
DépartementMayenne
24%
DépartementMeurthe-et-Moselle
24%
DépartementMeurthe-et-Moselle
24%
DépartementMeurthe-et-Moselle
24%
DépartementMeurthe-et-Moselle
24%
DépartementMeuse
24%
DépartementMeuse
24%
DépartementMeuse
24%
DépartementMorbihan
24%
DépartementMoselle
24%
DépartementMoselle
24%
DépartementNord
24%
DépartementOise
24%
DépartementOise
24%
DépartementOrne
24%
DépartementOrne
24%
DépartementOrne
24%
DépartementOrne
24%
DépartementPas-de-Calais
24%
DépartementPuy-de-Dôme
24%
DépartementPuy-de-Dôme
24%
DépartementPuy-de-Dôme
24%
DépartementPuy-de-Dôme
24%
DépartementPuy-de-Dôme
24%
DépartementPuy-de-Dôme
24%
DépartementPyrénées-Atlantiques
24%
DépartementPyrénées-Atlantiques
24%
DépartementPyrénées-Atlantiques
24%
DépartementPyrénées-Atlantiques
24%
DépartementPyrénées-Atlantiques
24%
DépartementPyrénées-Orientales
24%
DépartementSaône-et-Loire
24%
DépartementSaône-et-Loire
24%
DépartementSaône-et-Loire
24%
DépartementSarthe
24%
DépartementSarthe
24%
DépartementSavoie
24%
DépartementSeine-et-Marne
24%
DépartementSeine-et-Marne
24%
DépartementSeine-Maritime
24%
DépartementSeine-Maritime
24%
DépartementSeine-Maritime
24%
DépartementSeine-Maritime
24%
DépartementSeine-Maritime
24%
DépartementSeine-Saint-Denis
24%
DépartementSeine-Saint-Denis
24%
DépartementSeine-Saint-Denis
24%
DépartementSeine-Saint-Denis
24%
DépartementSomme
24%
DépartementSomme
24%
DépartementTarn
24%
DépartementTarn
24%
DépartementTarn
24%
DépartementTarn
24%
DépartementTarn-et-Garonne
24%
DépartementTarn-et-Garonne
24%
DépartementTarn-et-Garonne
24%
DépartementTarn-et-Garonne
24%
DépartementTerritoire de Belfort
24%
DépartementTerritoire de Belfort
24%
DépartementTerritoire de Belfort
24%
DépartementTerritoire de Belfort
24%
DépartementTerritoire de Belfort
24%
DépartementTerritoire de Belfort
24%
DépartementTerritoire de Belfort
24%
DépartementVal-de-Marne
24%
DépartementVal-de-Marne
24%
DépartementVal-de-Marne
24%
DépartementVal-d'Oise
24%
DépartementVal-d'Oise
24%
DépartementVal-d'Oise
24%
DépartementVar
24%
DépartementVaucluse
24%
DépartementVaucluse
24%
DépartementVendée
24%
DépartementVienne
24%
DépartementVienne
24%
DépartementVienne
24%
DépartementVienne
24%
DépartementVosges
24%
DépartementVosges
24%
DépartementVosges
24%
DépartementYonne
24%
DépartementYonne
24%
DépartementYvelines
24%
DépartementYvelines
24%
DépartementAllier
23%
DépartementAlpes-de-Haute-Provence
23%
DépartementAlpes-de-Haute-Provence
23%
DépartementAlpes-de-Haute-Provence
23%
DépartementAlpes-de-Haute-Provence
23%
DépartementAlpes-de-Haute-Provence
23%
DépartementAlpes-Maritimes
23%
DépartementArdèche
23%
DépartementArdèche
23%
DépartementArdennes
23%
DépartementArdennes
23%
DépartementArdennes
23%
DépartementArdennes
23%
DépartementAriège
23%
DépartementAriège
23%
DépartementAriège
23%
DépartementAube
23%
DépartementAube
23%
DépartementAube
23%
DépartementAube
23%
DépartementAude
23%
DépartementAude
23%
DépartementAude
23%
DépartementAveyron
23%
DépartementBouches-du-Rhône
23%
DépartementBouches-du-Rhône
23%
DépartementCalvados
23%
DépartementCalvados
23%
DépartementCalvados
23%
DépartementCalvados
23%
DépartementCalvados
23%
DépartementCantal
23%
DépartementCantal
23%
DépartementCantal
23%
DépartementCharente
23%
DépartementCharente
23%
DépartementCharente
23%
DépartementCharente-Maritime
23%
DépartementCharente-Maritime
23%
DépartementCharente-Maritime
23%
DépartementCharente-Maritime
23%
DépartementCharente-Maritime
23%
DépartementCher
23%
DépartementCher
23%
DépartementCorrèze
23%
DépartementCorrèze
23%
DépartementCorrèze
23%
DépartementCorse-du-Sud
23%
DépartementCorse-du-Sud
23%
DépartementCorse-du-Sud
23%
DépartementCôte-d'Or
23%
DépartementCôtes-d'Armor
23%
DépartementCreuse
23%
DépartementDépartement mystère (Allier)
23%
DépartementDépartement mystère (Charente-Maritime)
23%
DépartementDépartement mystère (Haute-Loire)
23%
DépartementDépartement mystère (Haute-Vienne)
23%
DépartementDépartement mystère (Saône-et-Loire)
23%
DépartementDépartement mystère (Tarn-et-Garonne)
23%
DépartementDépartement mystère (Territoire de Belfort)
23%
DépartementDeux-Sèvres
23%
DépartementDeux-Sèvres
23%
DépartementDordogne
23%
DépartementDordogne
23%
DépartementDordogne
23%
DépartementDordogne
23%
DépartementDoubs
23%
DépartementDoubs
23%
DépartementDoubs
23%
DépartementDoubs
23%
DépartementDrôme
23%
DépartementEssonne
23%
DépartementEssonne
23%
DépartementEssonne
23%
DépartementEure
23%
DépartementEure-et-Loir
23%
DépartementEure-et-Loir
23%
DépartementEure-et-Loir
23%
Département Finistère
23%
DépartementGard
23%
DépartementGard
23%
DépartementGers
23%
DépartementGers
23%
DépartementGers
23%
DépartementGers
23%
DépartementGers
23%
DépartementGers
23%
DépartementGironde
23%
DépartementGironde
23%
DépartementHaute-Corse
23%
DépartementHaute-Corse
23%
DépartementHaute-Corse
23%
DépartementHaute-Corse
23%
Département Haute-Corse
23%
DépartementHaute-Garonne
23%
DépartementHaute-Garonne
23%
DépartementHaute-Loire
23%
DépartementHaute-Loire
23%
DépartementHaute-Loire
23%
DépartementHaute-Loire
23%
DépartementHaute-Marne
23%
DépartementHaute-Marne
23%
DépartementHaute-Marne
23%
DépartementHaute-Marne
23%
DépartementHaute-Marne
23%
DépartementHaute-Marne
23%
DépartementHaute-Marne
23%
DépartementHaute-Marne
23%
DépartementHaute-Saône
23%
DépartementHaute-Saône
23%
DépartementHaute-Saône
23%
DépartementHaute-Saône
23%
DépartementHaute-Savoie
23%
DépartementHautes-Pyrénées
23%
DépartementHautes-Pyrénées
23%
DépartementHaute-Vienne
23%
DépartementHaute-Vienne
23%
DépartementHaute-Vienne
23%
DépartementHaute-Vienne
23%
DépartementHaut-Rhin
23%
DépartementHauts-de-Seine
23%
DépartementHauts-de-Seine
23%
DépartementHauts-de-Seine
23%
DépartementIlle-et-Vilaine
23%
DépartementIndre
23%
DépartementIndre-et-Loire
23%
DépartementIndre-et-Loire
23%
DépartementIndre-et-Loire
23%
DépartementIndre-et-Loire
23%
DépartementIsère
23%
DépartementLandes
23%
DépartementLandes
23%
DépartementLoire-Atlantique
23%
DépartementLoiret
23%
DépartementLoiret
23%
DépartementLoir-et-Cher
23%
DépartementLoir-et-Cher
23%
DépartementLoir-et-Cher
23%
DépartementLot
23%
DépartementLot
23%
DépartementLot
23%
DépartementLot
23%
DépartementLot-et-Garonne
23%
DépartementLot-et-Garonne
23%
DépartementLot-et-Garonne
23%
DépartementLot-et-Garonne
23%
DépartementLot-et-Garonne
23%
DépartementLozère
23%
DépartementLozère
23%
DépartementLozère
23%
DépartementLozère
23%
DépartementMaine-et-Loire
23%
DépartementManche
23%
DépartementManche
23%
DépartementMayenne
23%
DépartementMeurthe-et-Moselle
23%
DépartementMeurthe-et-Moselle
23%
DépartementMeurthe-et-Moselle
23%
DépartementMeurthe-et-Moselle
23%
DépartementMeurthe-et-Moselle
23%
DépartementMeurthe-et-Moselle
23%
DépartementMeurthe-et-Moselle
23%
DépartementMeuse
23%
DépartementMeuse
23%
DépartementMeuse
23%
DépartementMeuse
23%
DépartementMorbihan
23%
DépartementNièvre
23%
DépartementNièvre
23%
DépartementNièvre
23%
DépartementOise
23%
DépartementOrne
23%
DépartementOrne
23%
DépartementOrne
23%
DépartementPas-de-Calais
23%
DépartementPuy-de-Dôme
23%
DépartementPyrénées-Atlantiques
23%
DépartementPyrénées-Atlantiques
23%
DépartementPyrénées-Orientales
23%
DépartementPyrénées-Orientales
23%
DépartementPyrénées-Orientales
23%
DépartementPyrénées-Orientales
23%
DépartementSaône-et-Loire
23%
DépartementSaône-et-Loire
23%
DépartementSaône-et-Loire
23%
DépartementSavoie
23%
DépartementSeine-et-Marne
23%
DépartementSeine-Maritime
23%
DépartementSeine-Maritime
23%
DépartementSeine-Maritime
23%
DépartementSeine-Maritime
23%
DépartementSeine-Maritime
23%
DépartementSeine-Saint-Denis
23%
DépartementSeine-Saint-Denis
23%
DépartementSomme
23%
DépartementSomme
23%
DépartementTarn
23%
DépartementTarn
23%
DépartementTarn-et-Garonne
23%
DépartementTerritoire de Belfort
23%
DépartementVal-de-Marne
23%
DépartementVal-de-Marne
23%
DépartementVal-de-Marne
23%
DépartementVal-de-Marne
23%
DépartementVal-de-Marne
23%
DépartementVal-d'Oise
23%
DépartementVal-d'Oise
23%
DépartementVal-d'Oise
23%
DépartementVal-d'Oise
23%
DépartementVal-d'Oise
23%
DépartementVal-d'Oise
23%
DépartementVal-d'Oise
23%
DépartementVal-d'Oise
23%
DépartementVal-d'Oise
23%
DépartementVal-d'Oise
23%
DépartementVaucluse
23%
DépartementVaucluse
23%
DépartementVaucluse
23%
DépartementVendée
23%
DépartementVendée
23%
DépartementVendée
23%
DépartementVendée
23%
DépartementVendée
23%
DépartementVienne
23%
DépartementVosges
23%
DépartementVosges
23%
DépartementVosges
23%
DépartementVosges
23%
DépartementYonne
23%
DépartementYonne
23%
DépartementYvelines
23%
DépartementAisne
22%
DépartementAllier
22%
DépartementAlpes-de-Haute-Provence
22%
DépartementAlpes-de-Haute-Provence
22%
DépartementAlpes-Maritimes
22%
DépartementAlpes-Maritimes
22%
DépartementArdèche
22%
DépartementArdennes
22%
DépartementArdennes
22%
DépartementArdennes
22%
DépartementArdennes
22%
DépartementAriège
22%
DépartementAriège
22%
DépartementAriège
22%
DépartementAriège
22%
DépartementAube
22%
DépartementAube
22%
DépartementAude
22%
DépartementAude
22%
DépartementAveyron
22%
DépartementAveyron
22%
DépartementAveyron
22%
DépartementAveyron
22%
DépartementCalvados
22%
DépartementCharente
22%
DépartementCharente
22%
DépartementCharente
22%
DépartementCharente-Maritime
22%
DépartementCorrèze
22%
DépartementCorrèze
22%
Département Corse-du-Sud
22%
DépartementCorse-du-Sud
22%
Département Corse-du-Sud
22%
DépartementCôtes-d'Armor
22%
DépartementCreuse
22%
DépartementDépartement mystère (Gers)
22%
DépartementDépartement mystère (Mayenne)
22%
DépartementDeux-Sèvres
22%
DépartementDeux-Sèvres
22%
DépartementDeux-Sèvres
22%
DépartementDordogne
22%
DépartementDordogne
22%
DépartementDordogne
22%
DépartementDoubs
22%
DépartementDoubs
22%
DépartementDrôme
22%
DépartementEssonne
22%
DépartementEure-et-Loir
22%
DépartementEure-et-Loir
22%
DépartementEure-et-Loir
22%
DépartementEure-et-Loir
22%
DépartementGers
22%
DépartementGironde
22%
DépartementHaute-Corse
22%
DépartementHaute-Corse
22%
DépartementHaute-Corse
22%
DépartementHaute-Garonne
22%
DépartementHaute-Loire
22%
DépartementHaute-Marne
22%
DépartementHaute-Marne
22%
DépartementHaute-Marne
22%
DépartementHaute-Marne
22%
DépartementHautes-Alpes
22%
DépartementHautes-Alpes
22%
DépartementHautes-Alpes
22%
DépartementHaute-Saône
22%
DépartementHaute-Saône
22%
DépartementHaute-Saône
22%
DépartementHaute-Savoie
22%
DépartementHautes-Pyrénées
22%
DépartementHaute-Vienne
22%
DépartementHaute-Vienne
22%
DépartementHaute-Vienne
22%
DépartementHaut-Rhin
22%
DépartementHaut-Rhin
22%
DépartementHauts-de-Seine
22%
DépartementHauts-de-Seine
22%
DépartementHauts-de-Seine
22%
DépartementHérault
22%
DépartementHérault
22%
DépartementHérault
22%
DépartementIlle-et-Vilaine
22%
DépartementIlle-et-Vilaine
22%
DépartementIndre-et-Loire
22%
DépartementIndre-et-Loire
22%
DépartementIsère
22%
DépartementJura
22%
DépartementJura
22%
DépartementLandes
22%
DépartementLandes
22%
DépartementLandes
22%
DépartementLoire-Atlantique
22%
DépartementLoire-Atlantique
22%
DépartementLoiret
22%
DépartementLoir-et-Cher
22%
DépartementLot
22%
DépartementLot-et-Garonne
22%
DépartementLozère
22%
DépartementLozère
22%
DépartementManche
22%
DépartementMarne
22%
DépartementMarne
22%
DépartementMayenne
22%
DépartementMayenne
22%
DépartementMeurthe-et-Moselle
22%
DépartementMeurthe-et-Moselle
22%
DépartementMorbihan
22%
DépartementMoselle
22%
DépartementMoselle
22%
DépartementMoselle
22%
DépartementNièvre
22%
DépartementNièvre
22%
DépartementNièvre
22%
DépartementOise
22%
DépartementPas-de-Calais
22%
DépartementPas-de-Calais
22%
DépartementPas-de-Calais
22%
DépartementPyrénées-Atlantiques
22%
DépartementPyrénées-Atlantiques
22%
DépartementPyrénées-Atlantiques
22%
DépartementPyrénées-Orientales
22%
DépartementPyrénées-Orientales
22%
DépartementSaône-et-Loire
22%
DépartementSarthe
22%
DépartementSarthe
22%
DépartementSeine-Maritime
22%
DépartementTarn
22%
DépartementTarn
22%
DépartementTarn
22%
DépartementTarn-et-Garonne
22%
DépartementTarn-et-Garonne
22%
DépartementTarn-et-Garonne
22%
DépartementTarn-et-Garonne
22%
DépartementTarn-et-Garonne
22%
DépartementTerritoire de Belfort
22%
DépartementTerritoire de Belfort
22%
DépartementVal-de-Marne
22%
DépartementVal-de-Marne
22%
DépartementVal-de-Marne
22%
DépartementVaucluse
22%
DépartementVaucluse
22%
DépartementVendée
22%
DépartementVienne
22%
DépartementVienne
22%
DépartementVienne
22%
DépartementVienne
22%
DépartementVienne
22%
DépartementVosges
22%
DépartementVosges
22%
DépartementYonne
22%
DépartementYvelines
22%
DépartementAisne
21%
DépartementAllier
21%
DépartementAlpes-de-Haute-Provence
21%
DépartementAlpes-de-Haute-Provence
21%
DépartementArdèche
21%
DépartementArdèche
21%
DépartementArdèche
21%
DépartementArdennes
21%
DépartementArdennes
21%
DépartementAriège
21%
DépartementAube
21%
DépartementAude
21%
DépartementAveyron
21%
DépartementAveyron
21%
DépartementBouches-du-Rhône
21%
DépartementCalvados
21%
DépartementCharente-Maritime
21%
DépartementCharente-Maritime
21%
DépartementCharente-Maritime
21%
DépartementCorrèze
21%
DépartementCorrèze
21%
Département Corse-du-Sud
21%
DépartementCorse-du-Sud
21%
DépartementCôte-d'Or
21%
DépartementCôtes-d'Armor
21%
DépartementCreuse
21%
DépartementCreuse
21%
DépartementCreuse
21%
DépartementDépartement mystère (Deux-Sèvres)
21%
DépartementDépartement mystère (Haute-Marne)
21%
DépartementDépartement mystère (Lot-et-Garonne)
21%
DépartementDépartement mystère (Orne)
21%
DépartementDeux-Sèvres
21%
DépartementDeux-Sèvres
21%
DépartementDordogne
21%
DépartementDoubs
21%
DépartementDoubs
21%
DépartementEure
21%
DépartementGard
21%
DépartementGard
21%
DépartementGers
21%
DépartementGironde
21%
DépartementGironde
21%
DépartementHaute-Corse
21%
DépartementHaute-Garonne
21%
DépartementHaute-Garonne
21%
DépartementHaute-Garonne
21%
DépartementHaute-Garonne
21%
DépartementHaute-Loire
21%
DépartementHaute-Loire
21%
DépartementHaute-Loire
21%
DépartementHautes-Alpes
21%
DépartementHaute-Saône
21%
DépartementHaute-Saône
21%
DépartementHaute-Savoie
21%
DépartementHautes-Pyrénées
21%
DépartementHautes-Pyrénées
21%
DépartementHautes-Pyrénées
21%
DépartementHautes-Pyrénées
21%
DépartementHaute-Vienne
21%
DépartementIlle-et-Vilaine
21%
DépartementIndre
21%
DépartementIndre
21%
DépartementIsère
21%
DépartementJura
21%
DépartementLandes
21%
DépartementLoire-Atlantique
21%
DépartementLoire-Atlantique
21%
DépartementLoir-et-Cher
21%
DépartementLot-et-Garonne
21%
DépartementLot-et-Garonne
21%
DépartementLozère
21%
DépartementLozère
21%
DépartementMarne
21%
DépartementMayenne
21%
DépartementMayenne
21%
DépartementMeuse
21%
DépartementMorbihan
21%
Département Moselle
21%
DépartementNièvre
21%
DépartementNièvre
21%
DépartementOise
21%
DépartementOrne
21%
DépartementPas-de-Calais
21%
DépartementPuy-de-Dôme
21%
DépartementPuy-de-Dôme
21%
DépartementPyrénées-Atlantiques
21%
DépartementPyrénées-Orientales
21%
DépartementPyrénées-Orientales
21%
DépartementSaône-et-Loire
21%
DépartementSaône-et-Loire
21%
DépartementSarthe
21%
DépartementSavoie
21%
DépartementSeine-et-Marne
21%
DépartementSeine-et-Marne
21%
DépartementSeine-Maritime
21%
DépartementSeine-Saint-Denis
21%
DépartementSeine-Saint-Denis
21%
DépartementSeine-Saint-Denis
21%
DépartementSeine-Saint-Denis
21%
DépartementTarn
21%
DépartementTarn-et-Garonne
21%
DépartementTarn-et-Garonne
21%
DépartementTarn-et-Garonne
21%
DépartementTerritoire de Belfort
21%
DépartementTerritoire de Belfort
21%
DépartementVal-d'Oise
21%
DépartementVendée
21%
DépartementVienne
21%
DépartementVienne
21%
DépartementVosges
21%
DépartementVosges
21%
DépartementYonne
21%
DépartementYonne
21%
DépartementYvelines
21%
DépartementAlpes-de-Haute-Provence
20%
DépartementAlpes-Maritimes
20%
DépartementAlpes-Maritimes
20%
DépartementAriège
20%
DépartementAriège
20%
DépartementAriège
20%
DépartementAveyron
20%
DépartementBas-Rhin
20%
DépartementBas-Rhin
20%
DépartementCalvados
20%
DépartementCantal
20%
DépartementCantal
20%
DépartementCharente-Maritime
20%
DépartementCharente-Maritime
20%
DépartementCharente-Maritime
20%
DépartementCher
20%
DépartementCher
20%
DépartementCorse-du-Sud
20%
DépartementCôtes-d'Armor
20%
DépartementDépartement mystère (Alpes-de-Haute-Provence)
20%
DépartementDépartement mystère (Loir-et-Cher)
20%
DépartementDépartement mystère (Nièvre)
20%
DépartementDépartement mystère (Sarthe)
20%
DépartementDordogne
20%
DépartementDoubs
20%
DépartementDrôme
20%
DépartementDrôme
20%
DépartementDrôme
20%
DépartementEssonne
20%
DépartementEure
20%
Département Finistère
20%
DépartementGers
20%
DépartementHaute-Corse
20%
DépartementHaute-Garonne
20%
DépartementHautes-Alpes
20%
DépartementHautes-Alpes
20%
DépartementHaute-Saône
20%
DépartementHautes-Pyrénées
20%
DépartementHaute-Vienne
20%
DépartementHaut-Rhin
20%
DépartementHauts-de-Seine
20%
DépartementIndre-et-Loire
20%
DépartementJura
20%
DépartementJura
20%
DépartementLandes
20%
DépartementLoire-Atlantique
20%
DépartementLot-et-Garonne
20%
DépartementLot-et-Garonne
20%
DépartementLozère
20%
DépartementLozère
20%
DépartementLozère
20%
DépartementMaine-et-Loire
20%
DépartementMaine-et-Loire
20%
DépartementManche
20%
DépartementMeuse
20%
DépartementOise
20%
DépartementOrne
20%
DépartementPuy-de-Dôme
20%
DépartementPyrénées-Atlantiques
20%
DépartementPyrénées-Atlantiques
20%
DépartementPyrénées-Atlantiques
20%
DépartementPyrénées-Orientales
20%
DépartementSaône-et-Loire
20%
DépartementSarthe
20%
DépartementSeine-et-Marne
20%
DépartementSeine-Saint-Denis
20%
DépartementSomme
20%
DépartementSomme
20%
DépartementTarn-et-Garonne
20%
DépartementTerritoire de Belfort
20%
DépartementVal-de-Marne
20%
DépartementVaucluse
20%
DépartementVaucluse
20%
DépartementYvelines
20%
DépartementAlpes-de-Haute-Provence
19%
DépartementAlpes-Maritimes
19%
DépartementArdèche
19%
DépartementArdennes
19%
DépartementAube
19%
DépartementAude
19%
DépartementAveyron
19%
DépartementAveyron
19%
DépartementCalvados
19%
DépartementCantal
19%
DépartementCharente
19%
DépartementCorrèze
19%
DépartementCôte-d'Or
19%
DépartementCreuse
19%
DépartementDeux-Sèvres
19%
DépartementDeux-Sèvres
19%
DépartementDordogne
19%
DépartementGard
19%
DépartementGers
19%
DépartementHaute-Corse
19%
DépartementHaute-Corse
19%
DépartementHaute-Garonne
19%
DépartementHaute-Loire
19%
DépartementHaute-Marne
19%
DépartementHaute-Saône
19%
DépartementHaute-Saône
19%
DépartementHaute-Savoie
19%
DépartementHaute-Savoie
19%
DépartementHautes-Pyrénées
19%
DépartementHaute-Vienne
19%
DépartementHérault
19%
DépartementIlle-et-Vilaine
19%
DépartementIndre-et-Loire
19%
DépartementIndre-et-Loire
19%
DépartementJura
19%
DépartementJura
19%
DépartementLandes
19%
DépartementLoiret
19%
DépartementLoir-et-Cher
19%
DépartementLot
19%
DépartementLot
19%
DépartementLot-et-Garonne
19%
DépartementManche
19%
DépartementManche
19%
DépartementMayenne
19%
DépartementMeurthe-et-Moselle
19%
DépartementMeurthe-et-Moselle
19%
DépartementNièvre
19%
DépartementOrne
19%
DépartementOrne
19%
DépartementOrne
19%
DépartementPas-de-Calais
19%
DépartementSarthe
19%
DépartementSarthe
19%
DépartementSavoie
19%
DépartementTerritoire de Belfort
19%
DépartementVal-de-Marne
19%
DépartementVal-d'Oise
19%
DépartementVendée
19%
DépartementVosges
19%
DépartementYonne
19%
DépartementYvelines
19%
DépartementYvelines
19%
DépartementAllier
18%
DépartementAllier
18%
DépartementAllier
18%
DépartementAlpes-de-Haute-Provence
18%
DépartementAlpes-de-Haute-Provence
18%
DépartementAlpes-de-Haute-Provence
18%
DépartementAlpes-Maritimes
18%
DépartementArdennes
18%
DépartementArdennes
18%
DépartementAriège
18%
DépartementAube
18%
DépartementAube
18%
DépartementAude
18%
DépartementCalvados
18%
DépartementCalvados
18%
DépartementCantal
18%
DépartementCantal
18%
DépartementCantal
18%
DépartementCharente-Maritime
18%
DépartementCharente-Maritime
18%
DépartementCorrèze
18%
DépartementCorrèze
18%
Département Corse-du-Sud
18%
Département Corse-du-Sud
18%
DépartementCorse-du-Sud
18%
DépartementCôte-d'Or
18%
DépartementCôtes-d'Armor
18%
DépartementCôtes-d'Armor
18%
DépartementCôtes-d'Armor
18%
DépartementDépartement mystère (Haute-Saône)
18%
DépartementDeux-Sèvres
18%
DépartementDeux-Sèvres
18%
DépartementDordogne
18%
DépartementDordogne
18%
DépartementDordogne
18%
DépartementEssonne
18%
DépartementEure-et-Loir
18%
DépartementEure-et-Loir
18%
DépartementEure-et-Loir
18%
DépartementEure-et-Loir
18%
DépartementEure-et-Loir
18%
DépartementGers
18%
DépartementGers
18%
DépartementHaute-Corse
18%
DépartementHaute-Corse
18%
DépartementHaute-Corse
18%
DépartementHaute-Garonne
18%
DépartementHaute-Loire
18%
DépartementHaute-Loire
18%
DépartementHaute-Loire
18%
DépartementHaute-Marne
18%
DépartementHautes-Alpes
18%
DépartementHautes-Pyrénées
18%
DépartementHaute-Vienne
18%
DépartementHaut-Rhin
18%
DépartementHaut-Rhin
18%
DépartementHauts-de-Seine
18%
DépartementHérault
18%
DépartementIlle-et-Vilaine
18%
DépartementIndre
18%
DépartementJura
18%
DépartementLandes
18%
DépartementLoire-Atlantique
18%
DépartementLoiret
18%
DépartementLoir-et-Cher
18%
DépartementLoir-et-Cher
18%
DépartementLot
18%
DépartementLozère
18%
DépartementLozère
18%
DépartementMaine-et-Loire
18%
DépartementMaine-et-Loire
18%
DépartementMarne
18%
DépartementMarne
18%
DépartementMeurthe-et-Moselle
18%
DépartementMeurthe-et-Moselle
18%
DépartementMorbihan
18%
DépartementNièvre
18%
DépartementOrne
18%
DépartementPuy-de-Dôme
18%
DépartementPyrénées-Atlantiques
18%
DépartementPyrénées-Orientales
18%
DépartementPyrénées-Orientales
18%
DépartementPyrénées-Orientales
18%
DépartementSaône-et-Loire
18%
DépartementSaône-et-Loire
18%
DépartementSarthe
18%
DépartementSavoie
18%
DépartementSeine-Maritime
18%
DépartementSeine-Maritime
18%
DépartementSeine-Maritime
18%
DépartementSomme
18%
DépartementSomme
18%
DépartementTarn
18%
DépartementTarn
18%
DépartementTarn-et-Garonne
18%
DépartementTarn-et-Garonne
18%
DépartementTerritoire de Belfort
18%
DépartementVal-de-Marne
18%
DépartementVal-d'Oise
18%
DépartementVal-d'Oise
18%
DépartementVaucluse
18%
DépartementVaucluse
18%
DépartementVendée
18%
DépartementVosges
18%
DépartementVosges
18%
DépartementVosges
18%
DépartementAllier
17%
DépartementArdèche
17%
DépartementArdennes
17%
DépartementAude
17%
DépartementAveyron
17%
DépartementAveyron
17%
DépartementBas-Rhin
17%
DépartementCharente
17%
DépartementCharente-Maritime
17%
DépartementCher
17%
DépartementCorrèze
17%
DépartementCôte-d'Or
17%
DépartementCôte-d'Or
17%
DépartementCôtes-d'Armor
17%
DépartementCreuse
17%
DépartementDépartement mystère (Eure-et-Loir)
17%
DépartementDépartement mystère (Hautes-Pyrénées)
17%
DépartementDeux-Sèvres
17%
DépartementDeux-Sèvres
17%
DépartementDoubs
17%
DépartementEure-et-Loir
17%
DépartementHaute-Loire
17%
DépartementHaute-Marne
17%
DépartementHaute-Marne
17%
DépartementHautes-Alpes
17%
DépartementHautes-Alpes
17%
DépartementHaute-Saône
17%
DépartementHaute-Saône
17%
DépartementHaute-Saône
17%
DépartementHautes-Pyrénées
17%
DépartementHaute-Vienne
17%
DépartementHaut-Rhin
17%
DépartementHauts-de-Seine
17%
DépartementHauts-de-Seine
17%
DépartementIndre-et-Loire
17%
DépartementLoir-et-Cher
17%
DépartementLot
17%
DépartementLot-et-Garonne
17%
DépartementLot-et-Garonne
17%
DépartementMaine-et-Loire
17%
DépartementMaine-et-Loire
17%
DépartementManche
17%
DépartementMayenne
17%
DépartementMeuse
17%
DépartementPuy-de-Dôme
17%
DépartementPyrénées-Atlantiques
17%
DépartementPyrénées-Atlantiques
17%
DépartementSaône-et-Loire
17%
DépartementSarthe
17%
DépartementSeine-et-Marne
17%
DépartementSeine-Saint-Denis
17%
DépartementTarn
17%
DépartementTarn-et-Garonne
17%
DépartementTerritoire de Belfort
17%
DépartementTerritoire de Belfort
17%
DépartementVal-d'Oise
17%
DépartementVienne
17%
DépartementVienne
17%
DépartementYonne
17%
DépartementAlpes-de-Haute-Provence
16%
DépartementAveyron
16%
DépartementBas-Rhin
16%
DépartementCharente-Maritime
16%
Département Corse-du-Sud
16%
DépartementCôte-d'Or
16%
DépartementDépartement mystère (Ariège)
16%
DépartementDépartement mystère (Aube)
16%
DépartementDoubs
16%
DépartementDrôme
16%
DépartementEssonne
16%
DépartementGers
16%
DépartementGironde
16%
DépartementHaute-Garonne
16%
DépartementHaute-Saône
16%
DépartementHaute-Savoie
16%
DépartementHautes-Pyrénées
16%
DépartementHaute-Vienne
16%
DépartementHaute-Vienne
16%
DépartementHaute-Vienne
16%
DépartementLandes
16%
DépartementLoiret
16%
DépartementLot-et-Garonne
16%
DépartementLozère
16%
DépartementManche
16%
DépartementMarne
16%
DépartementMayenne
16%
DépartementMeuse
16%
DépartementMeuse
16%
DépartementNièvre
16%
DépartementPuy-de-Dôme
16%
DépartementPyrénées-Orientales
16%
DépartementSaône-et-Loire
16%
DépartementSeine-Maritime
16%
DépartementTarn-et-Garonne
16%
DépartementTarn-et-Garonne
16%
DépartementTerritoire de Belfort
16%
DépartementTerritoire de Belfort
16%
DépartementVal-de-Marne
16%
DépartementVendée
16%
DépartementAisne
15%
DépartementAlpes-de-Haute-Provence
15%
DépartementAriège
15%
DépartementAriège
15%
DépartementAude
15%
DépartementCharente
15%
DépartementDépartement mystère (Corse-du-Sud)
15%
DépartementHaute-Corse
15%
DépartementHautes-Pyrénées
15%
DépartementIndre-et-Loire
15%
DépartementLoire-Atlantique
15%
DépartementLoir-et-Cher
15%
DépartementMoselle
15%
DépartementMoselle
15%
DépartementOise
15%
DépartementPuy-de-Dôme
15%
DépartementPyrénées-Atlantiques
15%
DépartementCorrèze
14%
DépartementCôtes-d'Armor
14%
DépartementDépartement mystère (Maine-et-Loire)
14%
DépartementEure
14%
DépartementHaute-Loire
14%
DépartementHaute-Marne
14%
DépartementHautes-Alpes
14%
DépartementIndre
14%
DépartementLot
14%
DépartementLot-et-Garonne
14%
DépartementLozère
14%
DépartementMarne
14%
DépartementMeurthe-et-Moselle
14%
DépartementMorbihan
14%
DépartementSaône-et-Loire
14%
DépartementSeine-et-Marne
14%
DépartementVosges
14%
DépartementArdennes
13%
DépartementAriège
13%
DépartementCorse-du-Sud
13%
DépartementDordogne
13%
DépartementHaute-Saône
13%
DépartementIlle-et-Vilaine
13%
DépartementLoire-Atlantique
13%
DépartementLoir-et-Cher
13%
DépartementMaine-et-Loire
13%
DépartementManche
13%
DépartementMayenne
13%
DépartementMeurthe-et-Moselle
13%
DépartementPas-de-Calais
13%
DépartementPyrénées-Orientales
13%
DépartementSarthe
13%
DépartementSomme
13%
DépartementTerritoire de Belfort
13%
DépartementYonne
13%
DépartementYvelines
13%
DépartementCharente-Maritime
12%
DépartementHaute-Marne
12%
DépartementNièvre
12%
DépartementSeine-Maritime
12%
DépartementAube
11%
DépartementCalvados
11%
DépartementEure-et-Loir
11%
DépartementHaute-Garonne
11%
DépartementHautes-Pyrénées
11%
DépartementHaute-Vienne
11%
DépartementHauts-de-Seine
11%
DépartementIndre-et-Loire
11%
DépartementLot-et-Garonne
11%
DépartementOrne
11%
DépartementPyrénées-Atlantiques
11%
DépartementSeine-Saint-Denis
11%
DépartementTarn-et-Garonne
11%
DépartementVal-de-Marne
11%
DépartementVal-d'Oise
11%
DépartementVienne
11%
DépartementDépartement mystère (Haute-Corse)
10%
DépartementDeux-Sèvres
10%

Distribution des résultats

Percentile par nombre de réponses

% des personnes avec chaque résultat

Votre développement - résultats

Vous n’avez pas pris ce quiz